{"text_format":"3","workbook":"xlsx","n_sheets":5,"sheets":["Rekapitulácia stavby","1 - Keramická dlažba podláh","2 - Vnútorné priečky a úp...","3 - Úprava sociálnych zar...","4 - Zdravotechnika"],"not_rendered":{"defined_names":14},"read":"whole","date_system":"1900"}

{"sheet":"Rekapitulácia stavby","index":0,"n_rows":98,"n_cols":91,"rows_kept":98,"merged":[[1,43,1,56],[4,10,4,35],[5,10,5,35],[22,4,22,39],[25,36,25,40],[27,11,27,15],[27,22,27,30],[27,36,27,40],[28,11,28,15],[28,22,28,30],[28,36,28,40],[29,11,29,15],[29,22,29,30],[29,36,29,40],[30,11,30,15],[30,22,30,30],[30,36,30,40],[31,11,31,15],[31,22,31,30],[31,36,31,40],[32,11,32,15],[32,22,32,30],[32,36,32,40],[34,23,34,27],[34,36,34,40],[84,11,84,35],[86,38,86,39],[88,38,88,41],[88,44,90,45],[89,38,89,41],[91,2,91,6],[91,8,91,31],[91,32,91,38],[91,39,91,41],[93,32,93,38],[93,39,93,41],[94,3,94,7],[94,9,94,31],[94,32,94,38],[94,39,94,41],[95,3,95,7],[95,9,95,31],[95,32,95,38],[95,39,95,41],[96,3,96,7],[96,9,96,31],[96,32,96,38],[96,39,96,41],[97,3,97,7],[97,9,97,31],[97,32,97,38],[97,39,97,41]]}
["Export Komplet",{"$nulls":50},"","2.0","",{"$nulls":17},"False","False","{e82fe8e3-93f7-44d1-91c5-14430f52eb5f}"]
[{"$nulls":43},">>  skryté stĺpce  <<",{"$nulls":26},"0,01","20"]
[{"$nulls":70},"0,01","20"]
[{"$nulls":3},"REKAPITULÁCIA STAVBY",{"$nulls":40},"v ---  nižšie sa nachádzajú doplnkové a pomocné údaje k zostavám  --- v",{"$nulls":25},"0,001"]
[{"$nulls":3},"Kód:",{"$nulls":6},"1",{"$nulls":59},"0,01"]
[{"$nulls":3},"Stavba:",{"$nulls":6},"Kópia - 20240118 - Stavebné úpravy priestorov kultúrneho domu ",{"$nulls":59},"0,01"]
[{"$nulls":3},"JKSO:",{"$nulls":6},"",{"$nulls":25},"KS:",null,null,"",{"$nulls":30},"0,01"]
[{"$nulls":3},"Miesto:",{"$nulls":6}," ",{"$nulls":25},"Dátum:",null,null,"2024-12-20",{"$nulls":30},"0,01"]
[{"$nulls":70},"0,01"]
[{"$nulls":3},"Objednávateľ:",{"$nulls":32},"IČO:",null,null,"",{"$nulls":30},"0,01"]
[{"$nulls":4}," ",{"$nulls":31},"IČ DPH:",null,null,"",{"$nulls":30},"0,01"]
[{"$nulls":70},"0,01"]
[{"$nulls":3},"Zhotoviteľ:",{"$nulls":32},"IČO:",null,null,"46114696",{"$nulls":30},"0,01"]
[{"$nulls":4},"BETA FOUR s.r.o. ",{"$nulls":31},"IČ DPH:",null,null,"SK2023241880",{"$nulls":30},"0,01"]
[{"$nulls":70},"False"]
[{"$nulls":3},"Projektant:",{"$nulls":32},"IČO:",null,null,"",{"$nulls":30},"False"]
[{"$nulls":4}," ",{"$nulls":31},"IČ DPH:",null,null,"",{"$nulls":30},"True"]
[{"$nulls":70},"0,01"]
[{"$nulls":3},"Spracovateľ:",{"$nulls":32},"IČO:",null,null,"",{"$nulls":30},"0,01"]
[{"$nulls":4},"Peter Lesák",{"$nulls":31},"IČ DPH:",null,null,"",{"$nulls":30},"True"]
[]
[{"$nulls":3},"Poznámka:"]
[{"$nulls":4},""]
[]
[]
[{"$nulls":3},"Cena bez DPH",{"$nulls":32},{"$f":"ROUND(AG94,2)","v":{"v":44224.11,"d":"44,224.11"}}]
[]
[{"$nulls":11},"Sadzba dane",{"$nulls":10},"Základ dane",{"$nulls":13},"Výška dane"]
[{"$nulls":3},"DPH",null,"základná",{"$nulls":5},{"v":0.2,"d":"20.00%"},{"$nulls":10},{"$f":"ROUND(AZ94, 2)","v":{"v":0,"d":"0.00"}},{"$nulls":13},{"$f":"ROUND(AV94, 2)","v":{"v":0,"d":"0.00"}}]
[{"$nulls":5},"znížená",{"$nulls":5},{"v":0.2,"d":"20.00%"},{"$nulls":10},{"$f":"ROUND(BA94, 2)","v":{"v":44224.11,"d":"44,224.11"}},{"$nulls":13},{"$f":"ROUND(AW94, 2)","v":{"v":8844.82,"d":"8,844.82"}}]
[{"$nulls":5},"zákl. prenesená",{"$nulls":5},{"v":0.2,"d":"20.00%"},{"$nulls":10},{"$f":"ROUND(BB94, 2)","v":{"v":0,"d":"0.00"}},{"$nulls":13},{"v":0,"d":"0.00"}]
[{"$nulls":5},"zníž. prenesená",{"$nulls":5},{"v":0.2,"d":"20.00%"},{"$nulls":10},{"$f":"ROUND(BC94, 2)","v":{"v":0,"d":"0.00"}},{"$nulls":13},{"v":0,"d":"0.00"}]
[{"$nulls":5},"nulová",{"$nulls":5},{"v":0,"d":"0.00%"},{"$nulls":10},{"$f":"ROUND(BD94, 2)","v":{"v":0,"d":"0.00"}},{"$nulls":13},{"v":0,"d":"0.00"}]
[]
[{"$nulls":3},"Cena s DPH",{"$nulls":15},"v",{"$nulls":3},"EUR",{"$nulls":12},{"$f":"SUM(AK26:AK33)","v":{"v":53068.93,"d":"53,068.93"}}]
{"$rows_empty":13}
[{"$nulls":3},"Projektant",{"$nulls":29},"Spracovateľ"]
{"$rows_empty":10}
[{"$nulls":3},"Dátum a podpis:",{"$nulls":17},"Pečiatka",{"$nulls":11},"Dátum a podpis:",{"$nulls":4},"Pečiatka"]
[]
[]
[]
[{"$nulls":3},"Objednávateľ",{"$nulls":29},"Zhotoviteľ"]
{"$rows_empty":10}
[{"$nulls":3},"Dátum a podpis:",{"$nulls":17},"Pečiatka",{"$nulls":11},"Dátum a podpis:",{"$nulls":4},"Pečiatka"]
[]
[]
[]
[]
[]
[]
[null,null,"REKAPITULÁCIA OBJEKTOV STAVBY"]
[]
[null,null,"Kód:",{"$nulls":8},{"$f":"K5","v":"1"}]
[null,null,"Stavba:",{"$nulls":8},{"$f":"K6","v":"Kópia - 20240118 - Stavebné úpravy priestorov kultúrneho domu "}]
[]
[null,null,"Miesto:",{"$nulls":8},{"$f":"IF(K8=\"\",\"\",K8)","v":" "},{"$nulls":22},"Dátum:",{"$nulls":3},{"$f":"IF(AN8= \"\",\"\",AN8)","v":"2024-12-20"}]
[]
[null,null,"Objednávateľ:",{"$nulls":8},{"$f":"IF(E11= \"\",\"\",E11)","v":" "},{"$nulls":22},"Projektant:",{"$nulls":3},{"$f":"IF(E17=\"\",\"\",E17)","v":" "},{"$nulls":5},"Informatívne údaje z listov zákaziek"]
[null,null,"Zhotoviteľ:",{"$nulls":8},{"$f":"IF(E14=\"\",\"\",E14)","v":"BETA FOUR s.r.o. "},{"$nulls":22},"Spracovateľ:",{"$nulls":3},{"$f":"IF(E20=\"\",\"\",E20)","v":"Peter Lesák"}]
[]
[null,null,"Kód",{"$nulls":5},"Popis",{"$nulls":23},"Cena bez DPH [EUR]",{"$nulls":6},"Cena s DPH [EUR]",null,null,"Typ",null,"z toho Ostat.\r\nnáklady [EUR]","DPH [EUR]","Normohodiny [h]","DPH základná [EUR]","DPH znížená [EUR]","DPH základná prenesená\r\n[EUR]","DPH znížená prenesená\r\n[EUR]","Základňa\r\nDPH základná","Základňa\r\nDPH znížená","Základňa\r\nDPH zákl. prenesená","Základňa\r\nDPH zníž. prenesená","Základňa\r\nDPH nulová"]
[]
[null,null,"Náklady z rozpočtov",{"$nulls":29},{"$f":"ROUND(SUM(AG95:AG98),2)","v":{"v":44224.11,"d":"44,224.11"}},{"$nulls":6},{"$f":"SUM(AG94,AT94)","v":{"v":53068.93,"d":"53,068.93"}},null,null,"",null,{"$f":"ROUND(SUM(AS95:AS98),2)","v":{"v":0,"d":"0.00"}},{"$f":"ROUND(SUM(AV94:AW94),2)","v":{"v":8844.82,"d":"8,844.82"}},{"$f":"ROUND(SUM(AU95:AU98),5)","v":4.07417},{"$f":"ROUND(AZ94*L29,2)","v":{"v":0,"d":"0.00"}},{"$f":"ROUND(BA94*L30,2)","v":{"v":8844.82,"d":"8,844.82"}},{"$f":"ROUND(BB94*L29,2)","v":{"v":0,"d":"0.00"}},{"$f":"ROUND(BC94*L30,2)","v":{"v":0,"d":"0.00"}},{"$f":"ROUND(SUM(AZ95:AZ98),2)","v":{"v":0,"d":"0.00"}},{"$f":"ROUND(SUM(BA95:BA98),2)","v":{"v":44224.11,"d":"44,224.11"}},{"$f":"ROUND(SUM(BB95:BB98),2)","v":{"v":0,"d":"0.00"}},{"$f":"ROUND(SUM(BC95:BC98),2)","v":{"v":0,"d":"0.00"}},{"$f":"ROUND(SUM(BD95:BD98),2)","v":{"v":0,"d":"0.00"}},{"$nulls":14},"D","0","###NOIMPORT###","IMPORT","{e82fe8e3-93f7-44d1-91c5-14430f52eb5f}","{00000000-0000-0000-0000-000000000000}",{"$nulls":13},""]
["/",null,null,"1",{"$nulls":5},"Keramická dlažba podláh",{"$nulls":22},{"$f":"'1 - Keramická dlažba podláh'!J30","v":{"v":17634.73,"d":"17,634.73"}},{"$nulls":6},{"$f":"SUM(AG95,AT95)","v":{"v":21161.68,"d":"21,161.68"}},null,null,"STA",null,{"v":0,"d":"0.00"},{"$f":"ROUND(SUM(AV95:AW95),2)","v":{"v":3526.95,"d":"3,526.95"}},{"$f":"'1 - Keramická dlažba podláh'!P124","v":{"v":0,"d":"0.00000"}},{"$f":"'1 - Keramická dlažba podláh'!J33","v":{"v":0,"d":"0.00"}},{"$f":"'1 - Keramická dlažba podláh'!J34","v":{"v":3526.95,"d":"3,526.95"}},{"$f":"'1 - Keramická dlažba podláh'!J35","v":{"v":0,"d":"0.00"}},{"$f":"'1 - Keramická dlažba podláh'!J36","v":{"v":0,"d":"0.00"}},{"$f":"'1 - Keramická dlažba podláh'!F33","v":{"v":0,"d":"0.00"}},{"$f":"'1 - Keramická dlažba podláh'!F34","v":{"v":17634.73,"d":"17,634.73"}},{"$f":"'1 - Keramická dlažba podláh'!F35","v":{"v":0,"d":"0.00"}},{"$f":"'1 - Keramická dlažba podláh'!F36","v":{"v":0,"d":"0.00"}},{"$f":"'1 - Keramická dlažba podláh'!F37","v":{"v":0,"d":"0.00"}},{"$nulls":15},"1",null,"IMPORT","{123bd8d8-c54f-4560-8249-cce76675b722}","{e82fe8e3-93f7-44d1-91c5-14430f52eb5f}",{"$nulls":13},"","0"]
["/",null,null,"2",{"$nulls":5},"Vnútorné priečky a úp...",{"$nulls":22},{"$f":"'2 - Vnútorné priečky a úp...'!J30","v":{"v":2926.3,"d":"2,926.30"}},{"$nulls":6},{"$f":"SUM(AG96,AT96)","v":{"v":3511.5600000000004,"d":"3,511.56"}},null,null,"STA",null,{"v":0,"d":"0.00"},{"$f":"ROUND(SUM(AV96:AW96),2)","v":585.26},{"$f":"'2 - Vnútorné priečky a úp...'!P124","v":{"v":0,"d":"0.00000"}},{"$f":"'2 - Vnútorné priečky a úp...'!J33","v":{"v":0,"d":"0.00"}},{"$f":"'2 - Vnútorné priečky a úp...'!J34","v":585.26},{"$f":"'2 - Vnútorné priečky a úp...'!J35","v":{"v":0,"d":"0.00"}},{"$f":"'2 - Vnútorné priečky a úp...'!J36","v":{"v":0,"d":"0.00"}},{"$f":"'2 - Vnútorné priečky a úp...'!F33","v":{"v":0,"d":"0.00"}},{"$f":"'2 - Vnútorné priečky a úp...'!F34","v":{"v":2926.3,"d":"2,926.30"}},{"$f":"'2 - Vnútorné priečky a úp...'!F35","v":{"v":0,"d":"0.00"}},{"$f":"'2 - Vnútorné priečky a úp...'!F36","v":{"v":0,"d":"0.00"}},{"$f":"'2 - Vnútorné priečky a úp...'!F37","v":{"v":0,"d":"0.00"}},{"$nulls":15},"1",null,"IMPORT","{0f61ca30-6652-4ee3-bcf7-f6b6ae6efd4e}","{e82fe8e3-93f7-44d1-91c5-14430f52eb5f}",{"$nulls":13},"","0"]
["/",null,null,"3",{"$nulls":5},"Úprava sociálnych zar...",{"$nulls":22},{"$f":"'3 - Úprava sociálnych zar...'!J30","v":{"v":17671.18,"d":"17,671.18"}},{"$nulls":6},{"$f":"SUM(AG97,AT97)","v":{"v":21205.42,"d":"21,205.42"}},null,null,"STA",null,{"v":0,"d":"0.00"},{"$f":"ROUND(SUM(AV97:AW97),2)","v":{"v":3534.24,"d":"3,534.24"}},{"$f":"'3 - Úprava sociálnych zar...'!P129","v":{"v":0,"d":"0.00000"}},{"$f":"'3 - Úprava sociálnych zar...'!J33","v":{"v":0,"d":"0.00"}},{"$f":"'3 - Úprava sociálnych zar...'!J34","v":{"v":3534.24,"d":"3,534.24"}},{"$f":"'3 - Úprava sociálnych zar...'!J35","v":{"v":0,"d":"0.00"}},{"$f":"'3 - Úprava sociálnych zar...'!J36","v":{"v":0,"d":"0.00"}},{"$f":"'3 - Úprava sociálnych zar...'!F33","v":{"v":0,"d":"0.00"}},{"$f":"'3 - Úprava sociálnych zar...'!F34","v":{"v":17671.18,"d":"17,671.18"}},{"$f":"'3 - Úprava sociálnych zar...'!F35","v":{"v":0,"d":"0.00"}},{"$f":"'3 - Úprava sociálnych zar...'!F36","v":{"v":0,"d":"0.00"}},{"$f":"'3 - Úprava sociálnych zar...'!F37","v":{"v":0,"d":"0.00"}},{"$nulls":15},"1",null,"IMPORT","{42203da9-c2a8-4c52-a7cb-1146dc8a5e5c}","{e82fe8e3-93f7-44d1-91c5-14430f52eb5f}",{"$nulls":13},"","0"]
["/",null,null,"4",{"$nulls":5},"Zdravotechnika",{"$nulls":22},{"$f":"'4 - Zdravotechnika'!J30","v":{"v":5991.9,"d":"5,991.90"}},{"$nulls":6},{"$f":"SUM(AG98,AT98)","v":{"v":7190.28,"d":"7,190.28"}},null,null,"STA",null,{"v":0,"d":"0.00"},{"$f":"ROUND(SUM(AV98:AW98),2)","v":{"v":1198.38,"d":"1,198.38"}},{"$f":"'4 - Zdravotechnika'!P124","v":{"v":4.0741700000000005,"d":"4.07417"}},{"$f":"'4 - Zdravotechnika'!J33","v":{"v":0,"d":"0.00"}},{"$f":"'4 - Zdravotechnika'!J34","v":{"v":1198.38,"d":"1,198.38"}},{"$f":"'4 - Zdravotechnika'!J35","v":{"v":0,"d":"0.00"}},{"$f":"'4 - Zdravotechnika'!J36","v":{"v":0,"d":"0.00"}},{"$f":"'4 - Zdravotechnika'!F33","v":{"v":0,"d":"0.00"}},{"$f":"'4 - Zdravotechnika'!F34","v":{"v":5991.9,"d":"5,991.90"}},{"$f":"'4 - Zdravotechnika'!F35","v":{"v":0,"d":"0.00"}},{"$f":"'4 - Zdravotechnika'!F36","v":{"v":0,"d":"0.00"}},{"$f":"'4 - Zdravotechnika'!F37","v":{"v":0,"d":"0.00"}},{"$nulls":15},"1",null,"IMPORT","{df5aeaa3-b9a3-4d93-94ef-42911a3636c2}","{e82fe8e3-93f7-44d1-91c5-14430f52eb5f}",{"$nulls":13},"","0"]

{"sheet":"1 - Keramická dlažba podláh","index":1,"n_rows":147,"n_cols":65,"rows_kept":147,"merged":[[1,11,1,21],[6,4,6,7],[8,4,8,7],[17,4,17,7],[26,4,26,7],[84,4,84,7],[86,4,86,7],[113,4,113,7],[115,4,115,7]]}
[]
[{"$nulls":11},">>  skryté stĺpce  <<",{"$nulls":33},"{123bd8d8-c54f-4560-8249-cce76675b722}"]
[{"$nulls":45},"0"]
[{"$nulls":3},"KRYCÍ LIST ROZPOČTU",{"$nulls":8},"v ---  nižšie sa nachádzajú doplnkové a pomocné údaje k zostavám  --- v",{"$nulls":32},"False"]
[]
[{"$nulls":3},"Stavba:"]
[{"$nulls":4},{"$f":"'Rekapitulácia stavby'!K6","v":"Kópia - 20240118 - Stavebné úpravy priestorov kultúrneho domu "}]
[{"$nulls":3},"Objekt:"]
[{"$nulls":4},"1 - Keramická dlažba podláh"]
[]
[{"$nulls":3},"JKSO:",null,"",null,null,"KS:",""]
[{"$nulls":3},"Miesto:",null," ",null,null,"Dátum:",{"$f":"'Rekapitulácia stavby'!AN8","v":"2024-12-20"}]
[]
[{"$nulls":3},"Objednávateľ:",{"$nulls":4},"IČO:",{"$f":"IF('Rekapitulácia stavby'!AN10=\"\",\"\",'Rekapitulácia stavby'!AN10)","v":""}]
[{"$nulls":4},{"$f":"IF('Rekapitulácia stavby'!E11=\"\",\"\",'Rekapitulácia stavby'!E11)","v":" "},{"$nulls":3},"IČ DPH:",{"$f":"IF('Rekapitulácia stavby'!AN11=\"\",\"\",'Rekapitulácia stavby'!AN11)","v":""}]
[]
[{"$nulls":3},"Zhotoviteľ:",{"$nulls":4},"IČO:",{"$f":"'Rekapitulácia stavby'!AN13","v":"46114696"}]
[{"$nulls":4},{"$f":"'Rekapitulácia stavby'!E14","v":"BETA FOUR s.r.o. "},{"$nulls":3},"IČ DPH:",{"$f":"'Rekapitulácia stavby'!AN14","v":"SK2023241880"}]
[]
[{"$nulls":3},"Projektant:",{"$nulls":4},"IČO:",{"$f":"IF('Rekapitulácia stavby'!AN16=\"\",\"\",'Rekapitulácia stavby'!AN16)","v":""}]
[{"$nulls":4},{"$f":"IF('Rekapitulácia stavby'!E17=\"\",\"\",'Rekapitulácia stavby'!E17)","v":" "},{"$nulls":3},"IČ DPH:",{"$f":"IF('Rekapitulácia stavby'!AN17=\"\",\"\",'Rekapitulácia stavby'!AN17)","v":""}]
[]
[{"$nulls":3},"Spracovateľ:",{"$nulls":4},"IČO:",{"$f":"IF('Rekapitulácia stavby'!AN19=\"\",\"\",'Rekapitulácia stavby'!AN19)","v":""}]
[{"$nulls":4},{"$f":"IF('Rekapitulácia stavby'!E20=\"\",\"\",'Rekapitulácia stavby'!E20)","v":"Peter Lesák"},{"$nulls":3},"IČ DPH:",{"$f":"IF('Rekapitulácia stavby'!AN20=\"\",\"\",'Rekapitulácia stavby'!AN20)","v":""}]
[]
[{"$nulls":3},"Poznámka:"]
[{"$nulls":4},""]
[]
[]
[{"$nulls":3},"Cena bez DPH",{"$nulls":5},{"$f":"ROUND(J124, 2)","v":{"v":17634.73,"d":"17,634.73"}}]
[]
[{"$nulls":5},"Základ dane",null,null,"Sadzba dane","Výška dane"]
[{"$nulls":3},"DPH","základná",{"$f":"ROUND((SUM(BE124:BE147)),  2)","v":{"v":0,"d":"0.00"}},null,null,{"v":0.2,"d":"20.00%"},{"$f":"ROUND(((SUM(BE124:BE147))*I33),  2)","v":{"v":0,"d":"0.00"}}]
[{"$nulls":4},"znížená",{"$f":"ROUND((SUM(BF124:BF147)),  2)","v":{"v":17634.73,"d":"17,634.73"}},null,null,{"v":0.2,"d":"20.00%"},{"$f":"ROUND(((SUM(BF124:BF147))*I34),  2)","v":{"v":3526.95,"d":"3,526.95"}}]
[{"$nulls":4},"zákl. prenesená",{"$f":"ROUND((SUM(BG124:BG147)),  2)","v":{"v":0,"d":"0.00"}},null,null,{"v":0.2,"d":"20.00%"},{"$f":"0","v":{"v":0,"d":"0.00"}}]
[{"$nulls":4},"zníž. prenesená",{"$f":"ROUND((SUM(BH124:BH147)),  2)","v":{"v":0,"d":"0.00"}},null,null,{"v":0.2,"d":"20.00%"},{"$f":"0","v":{"v":0,"d":"0.00"}}]
[{"$nulls":4},"nulová",{"$f":"ROUND((SUM(BI124:BI147)),  2)","v":{"v":0,"d":"0.00"}},null,null,{"v":0,"d":"0.00%"},{"$f":"0","v":{"v":0,"d":"0.00"}}]
[]
[{"$nulls":3},"Cena s DPH",null,null,"v","EUR",null,{"$f":"SUM(J30:J37)","v":{"v":21161.68,"d":"21,161.68"}}]
{"$rows_empty":10}
[{"$nulls":3},"Projektant",null,null,"Spracovateľ"]
{"$rows_empty":10}
[{"$nulls":3},"Dátum a podpis:",null,"Pečiatka","Dátum a podpis:",null,null,"Pečiatka"]
[]
[]
[]
[{"$nulls":3},"Objednávateľ",null,null,"Zhotoviteľ"]
{"$rows_empty":10}
[{"$nulls":3},"Dátum a podpis:",null,"Pečiatka","Dátum a podpis:",null,null,"Pečiatka"]
[]
[]
[]
[]
[]
[null,null,"REKAPITULÁCIA ROZPOČTU"]
[]
[null,null,"Stavba:"]
[{"$nulls":4},{"$f":"E7","v":"Kópia - 20240118 - Stavebné úpravy priestorov kultúrneho domu "}]
[null,null,"Objekt:"]
[{"$nulls":4},{"$f":"E9","v":"1 - Keramická dlažba podláh"}]
[]
[null,null,"Miesto:",null,null,{"$f":"F12","v":" "},null,null,"Dátum:",{"$f":"IF(J12=\"\",\"\",J12)","v":"2024-12-20"}]
[]
[null,null,"Objednávateľ:",null,null,{"$f":"E15","v":" "},null,null,"Projektant:",{"$f":"E21","v":" "}]
[null,null,"Zhotoviteľ:",null,null,{"$f":"IF(E18=\"\",\"\",E18)","v":"BETA FOUR s.r.o. "},null,null,"Spracovateľ:",{"$f":"E24","v":"Peter Lesák"}]
[]
[null,null,"Kód dielu - Popis",{"$nulls":6},"Cena celkom [EUR]"]
[]
[null,null,"Náklady z rozpočtu",{"$nulls":6},{"$f":"J124","v":{"v":17634.73,"d":"17,634.73"}},{"$nulls":36},"-1"]
[{"$nulls":3},"HSV - Práce a dodávky HSV",{"$nulls":5},{"$f":"J125","v":{"v":4930.02,"d":"4,930.02"}}]
[{"$nulls":3},"    6 - Úpravy povrchov, podlahy, osadenie",{"$nulls":5},{"$f":"J126","v":{"v":4844.77,"d":"4,844.77"}}]
[{"$nulls":3},"    99 - Presun hmôt HSV",{"$nulls":5},{"$f":"J133","v":85.25}]
[{"$nulls":3},"PSV - Práce a dodávky PSV",{"$nulls":5},{"$f":"J135","v":{"v":10544.71,"d":"10,544.71"}}]
[{"$nulls":3},"    771 - Podlahy z dlaždíc",{"$nulls":5},{"$f":"J136","v":{"v":10094.89,"d":"10,094.89"}}]
[{"$nulls":3},"    781 - Obklady",{"$nulls":5},{"$f":"J141","v":{"v":449.81999999999994,"d":"449.82"}}]
[{"$nulls":3},"M - Práce a dodávky M",{"$nulls":5},{"$f":"J145","v":{"v":2160,"d":"2,160.00"}}]
[{"$nulls":3},"    21-M - Elektromontáže",{"$nulls":5},{"$f":"J146","v":{"v":2160,"d":"2,160.00"}}]
[]
[]
[]
[]
[]
[]
[null,null,"ROZPOČET"]
[]
[null,null,"Stavba:"]
[{"$nulls":4},{"$f":"E7","v":"Kópia - 20240118 - Stavebné úpravy priestorov kultúrneho domu "}]
[null,null,"Objekt:"]
[{"$nulls":4},{"$f":"E9","v":"1 - Keramická dlažba podláh"}]
[]
[null,null,"Miesto:",null,null,{"$f":"F12","v":" "},null,null,"Dátum:",{"$f":"IF(J12=\"\",\"\",J12)","v":"2024-12-20"}]
[]
[null,null,"Objednávateľ:",null,null,{"$f":"E15","v":" "},null,null,"Projektant:",{"$f":"E21","v":" "}]
[null,null,"Zhotoviteľ:",null,null,{"$f":"IF(E18=\"\",\"\",E18)","v":"BETA FOUR s.r.o. "},null,null,"Spracovateľ:",{"$f":"E24","v":"Peter Lesák"}]
[]
[null,null,"PČ","Typ","Kód","Popis","MJ","Množstvo","J.cena [EUR]","Cena celkom [EUR]","Cenová sústava",null,"","DPH","J. Nh [h]","Nh celkom [h]","J. hmotnosť [t]","Hmotnosť celkom [t]","J. suť [t]","Suť Celkom [t]"]
[null,null,"Náklady z rozpočtu",{"$nulls":6},{"$f":"BK124","v":{"v":17634.73,"d":"17,634.73"}},{"$nulls":5},{"$f":"P125+P135+P145","v":{"v":0,"d":"0.00000"}},null,{"$f":"R125+R135+R145","v":{"v":0,"d":"0.00000"}},null,{"$f":"T125+T135+T145","v":{"v":0,"d":"0.00000"}},{"$nulls":25},"D","-1",{"$nulls":15},{"$f":"BK125+BK135+BK145","v":{"v":17634.73,"d":"17,634.73"}}]
[{"$nulls":3},"D","HSV","Práce a dodávky HSV",{"$nulls":3},{"$f":"BK125","v":{"v":4930.02,"d":"4,930.02"}},{"$nulls":5},{"$f":"P126+P133","v":{"v":0,"d":"0.00000"}},null,{"$f":"R126+R133","v":{"v":0,"d":"0.00000"}},null,{"$f":"T126+T133","v":{"v":0,"d":"0.00000"}},{"$nulls":23},"1",null,"D","0",{"$nulls":3},"ROZPOCET",{"$nulls":11},{"$f":"BK126+BK133","v":{"v":4930.02,"d":"4,930.02"}}]
[{"$nulls":3},"D","6","Úpravy povrchov, podlahy, osadenie",{"$nulls":3},{"$f":"BK126","v":{"v":4844.77,"d":"4,844.77"}},{"$nulls":5},{"$f":"SUM(P127:P132)","v":{"v":0,"d":"0.00000"}},null,{"$f":"SUM(R127:R132)","v":{"v":0,"d":"0.00000"}},null,{"$f":"SUM(T127:T132)","v":{"v":0,"d":"0.00000"}},{"$nulls":23},"1",null,"D","1",{"$nulls":3},"ROZPOCET",{"$nulls":11},{"$f":"SUM(BK127:BK132)","v":{"v":4844.77,"d":"4,844.77"}}]
[null,null,"1","K","632001051.S","Zhotovenie jednonásobného penetračného náteru pre potery a stierky","m2",194.827,0.74,{"$f":"ROUND(I127*H127,2)","v":144.17},null,null,"","znížená",{"v":0,"d":"0.00000"},{"$f":"O127*H127","v":{"v":0,"d":"0.00000"}},{"v":0,"d":"0.00000"},{"$f":"Q127*H127","v":{"v":0,"d":"0.00000"}},{"v":0,"d":"0.00000"},{"$f":"S127*H127","v":{"v":0,"d":"0.00000"}},{"$nulls":23},"4",null,"K","2",{"$nulls":3},"ROZPOCET",{"$nulls":5},{"$f":"IF(N127=\"základná\",J127,0)","v":{"v":0,"d":"0.00"}},{"$f":"IF(N127=\"znížená\",J127,0)","v":144.17},{"$f":"IF(N127=\"zákl. prenesená\",J127,0)","v":{"v":0,"d":"0.00"}},{"$f":"IF(N127=\"zníž. prenesená\",J127,0)","v":{"v":0,"d":"0.00"}},{"$f":"IF(N127=\"nulová\",J127,0)","v":{"v":0,"d":"0.00"}},"2",{"$f":"ROUND(I127*H127,2)","v":144.17},"4","2"]
[null,null,"2","M","082110000200.S","Voda pitná pre priemysel a služby","m3",126.638,{"v":1.2,"d":"1.20"},151.97,null,null,"","znížená",{"v":0,"d":"0.00000"},{"v":0,"d":"0.00000"},{"v":0,"d":"0.00000"},{"v":0,"d":"0.00000"},{"v":0,"d":"0.00000"},{"v":0,"d":"0.00000"},{"$nulls":23},"8",null,"M","2",{"$nulls":3},"ROZPOCET",{"$nulls":5},{"v":0,"d":"0.00"},151.97,{"v":0,"d":"0.00"},{"v":0,"d":"0.00"},{"v":0,"d":"0.00"},"2",151.97,"4","4"]
[null,null,"3","M","585520008700.S","Penetračný náter na nasiakavé podklady pod potery, samonivelizačné hmoty a stavebné lepidlá","kg",68.189,5.22,355.95,null,null,"","znížená",{"v":0,"d":"0.00000"},{"v":0,"d":"0.00000"},{"v":0,"d":"0.00000"},{"v":0,"d":"0.00000"},{"v":0,"d":"0.00000"},{"v":0,"d":"0.00000"},{"$nulls":23},"8",null,"M","2",{"$nulls":3},"ROZPOCET",{"$nulls":5},{"v":0,"d":"0.00"},355.95,{"v":0,"d":"0.00"},{"v":0,"d":"0.00"},{"v":0,"d":"0.00"},"2",355.95,"4","6"]
[null,null,"4","K","632452644.S","Cementová samonivelizačná stierka, pevnosti v tlaku 25 MPa, hr. 5 mm","m2",194.827,14.24,{"v":2774.34,"d":"2,774.34"},null,null,"","znížená",{"v":0,"d":"0.00000"},{"v":0,"d":"0.00000"},{"v":0,"d":"0.00000"},{"v":0,"d":"0.00000"},{"v":0,"d":"0.00000"},{"v":0,"d":"0.00000"},{"$nulls":23},"4",null,"K","2",{"$nulls":3},"ROZPOCET",{"$nulls":5},{"v":0,"d":"0.00"},{"v":2774.34,"d":"2,774.34"},{"v":0,"d":"0.00"},{"v":0,"d":"0.00"},{"v":0,"d":"0.00"},"2",{"v":2774.34,"d":"2,774.34"},"4","8"]
[null,null,"5","K","776990105.S","Vysávanie podkladu pred kladením samonivelačnej hmoty","m2",194.827,1.48,288.34,null,null,"","znížená",{"v":0,"d":"0.00000"},{"v":0,"d":"0.00000"},{"v":0,"d":"0.00000"},{"v":0,"d":"0.00000"},{"v":0,"d":"0.00000"},{"v":0,"d":"0.00000"},{"$nulls":23},"4",null,"K","2",{"$nulls":3},"ROZPOCET",{"$nulls":5},{"v":0,"d":"0.00"},288.34,{"v":0,"d":"0.00"},{"v":0,"d":"0.00"},{"v":0,"d":"0.00"},"2",288.34,"4","10"]
[null,null,"6","K","776992200.S","Príprava podkladu prebrúsením strojne brúskou na betón","m2",194.827,{"v":5.8,"d":"5.80"},{"v":1130,"d":"1,130.00"},null,null,"","znížená",{"v":0,"d":"0.00000"},{"v":0,"d":"0.00000"},{"v":0,"d":"0.00000"},{"v":0,"d":"0.00000"},{"v":0,"d":"0.00000"},{"v":0,"d":"0.00000"},{"$nulls":23},"4",null,"K","2",{"$nulls":3},"ROZPOCET",{"$nulls":5},{"v":0,"d":"0.00"},{"v":1130,"d":"1,130.00"},{"v":0,"d":"0.00"},{"v":0,"d":"0.00"},{"v":0,"d":"0.00"},"2",{"v":1130,"d":"1,130.00"},"4","12"]
[{"$nulls":3},"D","99","Presun hmôt HSV",{"$nulls":3},{"$f":"BK133","v":85.25},{"$nulls":5},{"$f":"P134","v":{"v":0,"d":"0.00000"}},null,{"$f":"R134","v":{"v":0,"d":"0.00000"}},null,{"$f":"T134","v":{"v":0,"d":"0.00000"}},{"$nulls":23},"1",null,"D","1",{"$nulls":3},"ROZPOCET",{"$nulls":11},{"$f":"BK134","v":85.25}]
[null,null,"15","K","999281111.S","Presun hmôt pre opravy a údržbu objektov vrátane vonkajších plášťov výšky do 25 m","t",1.757,48.52,{"$f":"ROUND(I134*H134,2)","v":85.25},null,null,"","znížená",{"v":0,"d":"0.00000"},{"$f":"O134*H134","v":{"v":0,"d":"0.00000"}},{"v":0,"d":"0.00000"},{"$f":"Q134*H134","v":{"v":0,"d":"0.00000"}},{"v":0,"d":"0.00000"},{"$f":"S134*H134","v":{"v":0,"d":"0.00000"}},{"$nulls":23},"4",null,"K","2",{"$nulls":3},"ROZPOCET",{"$nulls":5},{"$f":"IF(N134=\"základná\",J134,0)","v":{"v":0,"d":"0.00"}},{"$f":"IF(N134=\"znížená\",J134,0)","v":85.25},{"$f":"IF(N134=\"zákl. prenesená\",J134,0)","v":{"v":0,"d":"0.00"}},{"$f":"IF(N134=\"zníž. prenesená\",J134,0)","v":{"v":0,"d":"0.00"}},{"$f":"IF(N134=\"nulová\",J134,0)","v":{"v":0,"d":"0.00"}},"2",{"$f":"ROUND(I134*H134,2)","v":85.25},"4","14"]
[{"$nulls":3},"D","PSV","Práce a dodávky PSV",{"$nulls":3},{"$f":"BK135","v":{"v":10544.71,"d":"10,544.71"}},{"$nulls":5},{"$f":"P136+P141","v":{"v":0,"d":"0.00000"}},null,{"$f":"R136+R141","v":{"v":0,"d":"0.00000"}},null,{"$f":"T136+T141","v":{"v":0,"d":"0.00000"}},{"$nulls":23},"2",null,"D","0",{"$nulls":3},"ROZPOCET",{"$nulls":11},{"$f":"BK136+BK141","v":{"v":10544.71,"d":"10,544.71"}}]
[{"$nulls":3},"D","771","Podlahy z dlaždíc",{"$nulls":3},{"$f":"BK136","v":{"v":10094.89,"d":"10,094.89"}},{"$nulls":5},{"$f":"SUM(P137:P140)","v":{"v":0,"d":"0.00000"}},null,{"$f":"SUM(R137:R140)","v":{"v":0,"d":"0.00000"}},null,{"$f":"SUM(T137:T140)","v":{"v":0,"d":"0.00000"}},{"$nulls":23},"2",null,"D","1",{"$nulls":3},"ROZPOCET",{"$nulls":11},{"$f":"SUM(BK137:BK140)","v":{"v":10094.89,"d":"10,094.89"}}]
[null,null,"8","K","771411004.S","Montáž soklíkov z obkladačiek do malty veľ. 300 x 80 mm","m",{"v":82.12,"d":"82.120"},3.64,{"$f":"ROUND(I137*H137,2)","v":298.92},null,null,"","znížená",{"v":0,"d":"0.00000"},{"$f":"O137*H137","v":{"v":0,"d":"0.00000"}},{"v":0,"d":"0.00000"},{"$f":"Q137*H137","v":{"v":0,"d":"0.00000"}},{"v":0,"d":"0.00000"},{"$f":"S137*H137","v":{"v":0,"d":"0.00000"}},{"$nulls":23},"16",null,"K","2",{"$nulls":3},"ROZPOCET",{"$nulls":5},{"$f":"IF(N137=\"základná\",J137,0)","v":{"v":0,"d":"0.00"}},{"$f":"IF(N137=\"znížená\",J137,0)","v":298.92},{"$f":"IF(N137=\"zákl. prenesená\",J137,0)","v":{"v":0,"d":"0.00"}},{"$f":"IF(N137=\"zníž. prenesená\",J137,0)","v":{"v":0,"d":"0.00"}},{"$f":"IF(N137=\"nulová\",J137,0)","v":{"v":0,"d":"0.00"}},"2",{"$f":"ROUND(I137*H137,2)","v":298.92},"16","16"]
[null,null,"9","K","771571112.S","Montáž podláh z dlaždíc keramických do malty","m2",194.827,23.54,{"$f":"ROUND(I138*H138,2)","v":{"v":4586.23,"d":"4,586.23"}},null,null,"","znížená",{"v":0,"d":"0.00000"},{"$f":"O138*H138","v":{"v":0,"d":"0.00000"}},{"v":0,"d":"0.00000"},{"$f":"Q138*H138","v":{"v":0,"d":"0.00000"}},{"v":0,"d":"0.00000"},{"$f":"S138*H138","v":{"v":0,"d":"0.00000"}},{"$nulls":23},"16",null,"K","2",{"$nulls":3},"ROZPOCET",{"$nulls":5},{"$f":"IF(N138=\"základná\",J138,0)","v":{"v":0,"d":"0.00"}},{"$f":"IF(N138=\"znížená\",J138,0)","v":{"v":4586.23,"d":"4,586.23"}},{"$f":"IF(N138=\"zákl. prenesená\",J138,0)","v":{"v":0,"d":"0.00"}},{"$f":"IF(N138=\"zníž. prenesená\",J138,0)","v":{"v":0,"d":"0.00"}},{"$f":"IF(N138=\"nulová\",J138,0)","v":{"v":0,"d":"0.00"}},"2",{"$f":"ROUND(I138*H138,2)","v":{"v":4586.23,"d":"4,586.23"}},"16","18"]
[null,null,"10","M","597740001600.S","Dlaždice keramické - podľa výberu investora","m2",221.537,{"v":21.8,"d":"21.80"},{"$f":"ROUND(I139*H139,2)","v":{"v":4829.51,"d":"4,829.51"}},null,null,"","znížená",{"v":0,"d":"0.00000"},{"$f":"O139*H139","v":{"v":0,"d":"0.00000"}},{"v":0,"d":"0.00000"},{"$f":"Q139*H139","v":{"v":0,"d":"0.00000"}},{"v":0,"d":"0.00000"},{"$f":"S139*H139","v":{"v":0,"d":"0.00000"}},{"$nulls":23},"32",null,"M","2",{"$nulls":3},"ROZPOCET",{"$nulls":5},{"$f":"IF(N139=\"základná\",J139,0)","v":{"v":0,"d":"0.00"}},{"$f":"IF(N139=\"znížená\",J139,0)","v":{"v":4829.51,"d":"4,829.51"}},{"$f":"IF(N139=\"zákl. prenesená\",J139,0)","v":{"v":0,"d":"0.00"}},{"$f":"IF(N139=\"zníž. prenesená\",J139,0)","v":{"v":0,"d":"0.00"}},{"$f":"IF(N139=\"nulová\",J139,0)","v":{"v":0,"d":"0.00"}},"2",{"$f":"ROUND(I139*H139,2)","v":{"v":4829.51,"d":"4,829.51"}},"16","20"]
[null,null,"11","K","998771101.S","Presun hmôt pre podlahy z dlaždíc v objektoch výšky do 6m","t",{"v":12.85,"d":"12.850"},29.59,{"$f":"ROUND(I140*H140,2)","v":380.23},null,null,"","znížená",{"v":0,"d":"0.00000"},{"$f":"O140*H140","v":{"v":0,"d":"0.00000"}},{"v":0,"d":"0.00000"},{"$f":"Q140*H140","v":{"v":0,"d":"0.00000"}},{"v":0,"d":"0.00000"},{"$f":"S140*H140","v":{"v":0,"d":"0.00000"}},{"$nulls":23},"16",null,"K","2",{"$nulls":3},"ROZPOCET",{"$nulls":5},{"$f":"IF(N140=\"základná\",J140,0)","v":{"v":0,"d":"0.00"}},{"$f":"IF(N140=\"znížená\",J140,0)","v":380.23},{"$f":"IF(N140=\"zákl. prenesená\",J140,0)","v":{"v":0,"d":"0.00"}},{"$f":"IF(N140=\"zníž. prenesená\",J140,0)","v":{"v":0,"d":"0.00"}},{"$f":"IF(N140=\"nulová\",J140,0)","v":{"v":0,"d":"0.00"}},"2",{"$f":"ROUND(I140*H140,2)","v":380.23},"16","22"]
[{"$nulls":3},"D","781","Obklady",{"$nulls":3},{"$f":"BK141","v":{"v":449.81999999999994,"d":"449.82"}},{"$nulls":5},{"$f":"SUM(P142:P144)","v":{"v":0,"d":"0.00000"}},null,{"$f":"SUM(R142:R144)","v":{"v":0,"d":"0.00000"}},null,{"$f":"SUM(T142:T144)","v":{"v":0,"d":"0.00000"}},{"$nulls":23},"2",null,"D","1",{"$nulls":3},"ROZPOCET",{"$nulls":11},{"$f":"SUM(BK142:BK144)","v":{"v":449.81999999999994,"d":"449.82"}}]
[null,null,"12","K","781491013.S","Montáž profilov pre obklad a dlažby do malty - dilatácia","m",{"v":96.7,"d":"96.700"},1.15,{"$f":"ROUND(I142*H142,2)","v":111.21},null,null,"","znížená",{"v":0,"d":"0.00000"},{"$f":"O142*H142","v":{"v":0,"d":"0.00000"}},{"v":0,"d":"0.00000"},{"$f":"Q142*H142","v":{"v":0,"d":"0.00000"}},{"v":0,"d":"0.00000"},{"$f":"S142*H142","v":{"v":0,"d":"0.00000"}},{"$nulls":23},"16",null,"K","2",{"$nulls":3},"ROZPOCET",{"$nulls":5},{"$f":"IF(N142=\"základná\",J142,0)","v":{"v":0,"d":"0.00"}},{"$f":"IF(N142=\"znížená\",J142,0)","v":111.21},{"$f":"IF(N142=\"zákl. prenesená\",J142,0)","v":{"v":0,"d":"0.00"}},{"$f":"IF(N142=\"zníž. prenesená\",J142,0)","v":{"v":0,"d":"0.00"}},{"$f":"IF(N142=\"nulová\",J142,0)","v":{"v":0,"d":"0.00"}},"2",{"$f":"ROUND(I142*H142,2)","v":111.21},"16","24"]
[null,null,"13","M","283410018500.S","Profil dilatačný pre hr. dlaždíc 8-10 mm, šírka 6 mm","m",97.667,3.31,{"$f":"ROUND(I143*H143,2)","v":323.28},null,null,"","znížená",{"v":0,"d":"0.00000"},{"$f":"O143*H143","v":{"v":0,"d":"0.00000"}},{"v":0,"d":"0.00000"},{"$f":"Q143*H143","v":{"v":0,"d":"0.00000"}},{"v":0,"d":"0.00000"},{"$f":"S143*H143","v":{"v":0,"d":"0.00000"}},{"$nulls":23},"32",null,"M","2",{"$nulls":3},"ROZPOCET",{"$nulls":5},{"$f":"IF(N143=\"základná\",J143,0)","v":{"v":0,"d":"0.00"}},{"$f":"IF(N143=\"znížená\",J143,0)","v":323.28},{"$f":"IF(N143=\"zákl. prenesená\",J143,0)","v":{"v":0,"d":"0.00"}},{"$f":"IF(N143=\"zníž. prenesená\",J143,0)","v":{"v":0,"d":"0.00"}},{"$f":"IF(N143=\"nulová\",J143,0)","v":{"v":0,"d":"0.00"}},"2",{"$f":"ROUND(I143*H143,2)","v":323.28},"16","26"]
[null,null,"14","K","998781101.S","Presun hmôt pre obklady keramické v objektoch výšky do 6 m","t",0.518,29.59,{"$f":"ROUND(I144*H144,2)","v":15.33},null,null,"","znížená",{"v":0,"d":"0.00000"},{"$f":"O144*H144","v":{"v":0,"d":"0.00000"}},{"v":0,"d":"0.00000"},{"$f":"Q144*H144","v":{"v":0,"d":"0.00000"}},{"v":0,"d":"0.00000"},{"$f":"S144*H144","v":{"v":0,"d":"0.00000"}},{"$nulls":23},"16",null,"K","2",{"$nulls":3},"ROZPOCET",{"$nulls":5},{"$f":"IF(N144=\"základná\",J144,0)","v":{"v":0,"d":"0.00"}},{"$f":"IF(N144=\"znížená\",J144,0)","v":15.33},{"$f":"IF(N144=\"zákl. prenesená\",J144,0)","v":{"v":0,"d":"0.00"}},{"$f":"IF(N144=\"zníž. prenesená\",J144,0)","v":{"v":0,"d":"0.00"}},{"$f":"IF(N144=\"nulová\",J144,0)","v":{"v":0,"d":"0.00"}},"2",{"$f":"ROUND(I144*H144,2)","v":15.33},"16","28"]
[{"$nulls":3},"D","M","Práce a dodávky M",{"$nulls":3},{"$f":"BK145","v":{"v":2160,"d":"2,160.00"}},{"$nulls":5},{"$f":"P146","v":{"v":0,"d":"0.00000"}},null,{"$f":"R146","v":{"v":0,"d":"0.00000"}},null,{"$f":"T146","v":{"v":0,"d":"0.00000"}},{"$nulls":23},"3",null,"D","0",{"$nulls":3},"ROZPOCET",{"$nulls":11},{"$f":"BK146","v":{"v":2160,"d":"2,160.00"}}]
[{"$nulls":3},"D","21-M","Elektromontáže",{"$nulls":3},{"$f":"BK146","v":{"v":2160,"d":"2,160.00"}},{"$nulls":5},{"$f":"P147","v":{"v":0,"d":"0.00000"}},null,{"$f":"R147","v":{"v":0,"d":"0.00000"}},null,{"$f":"T147","v":{"v":0,"d":"0.00000"}},{"$nulls":23},"3",null,"D","1",{"$nulls":3},"ROZPOCET",{"$nulls":11},{"$f":"BK147","v":{"v":2160,"d":"2,160.00"}}]
[null,null,"16","K","210011230.S","Zhotovenie elektroinštalácie ( rozvody, ističe,osvetlenie,prepoj)","eur",{"v":2000,"d":"2,000.000"},1.08,{"$f":"ROUND(I147*H147,2)","v":{"v":2160,"d":"2,160.00"}},null,null,"","znížená",{"v":0,"d":"0.00000"},{"$f":"O147*H147","v":{"v":0,"d":"0.00000"}},{"v":0,"d":"0.00000"},{"$f":"Q147*H147","v":{"v":0,"d":"0.00000"}},{"v":0,"d":"0.00000"},{"$f":"S147*H147","v":{"v":0,"d":"0.00000"}},{"$nulls":23},"64",null,"K","2",{"$nulls":3},"ROZPOCET",{"$nulls":5},{"$f":"IF(N147=\"základná\",J147,0)","v":{"v":0,"d":"0.00"}},{"$f":"IF(N147=\"znížená\",J147,0)","v":{"v":2160,"d":"2,160.00"}},{"$f":"IF(N147=\"zákl. prenesená\",J147,0)","v":{"v":0,"d":"0.00"}},{"$f":"IF(N147=\"zníž. prenesená\",J147,0)","v":{"v":0,"d":"0.00"}},{"$f":"IF(N147=\"nulová\",J147,0)","v":{"v":0,"d":"0.00"}},"2",{"$f":"ROUND(I147*H147,2)","v":{"v":2160,"d":"2,160.00"}},"64","30"]

{"sheet":"2 - Vnútorné priečky a úp...","index":2,"n_rows":148,"n_cols":65,"rows_kept":148,"merged":[[1,11,1,21],[6,4,6,7],[8,4,8,7],[17,4,17,7],[26,4,26,7],[84,4,84,7],[86,4,86,7],[113,4,113,7],[115,4,115,7]]}
[]
[{"$nulls":11},">>  skryté stĺpce  <<",{"$nulls":33},"{0f61ca30-6652-4ee3-bcf7-f6b6ae6efd4e}"]
[{"$nulls":45},"0"]
[{"$nulls":3},"KRYCÍ LIST ROZPOČTU",{"$nulls":8},"v ---  nižšie sa nachádzajú doplnkové a pomocné údaje k zostavám  --- v",{"$nulls":32},"False"]
[]
[{"$nulls":3},"Stavba:"]
[{"$nulls":4},{"$f":"'Rekapitulácia stavby'!K6","v":"Kópia - 20240118 - Stavebné úpravy priestorov kultúrneho domu "}]
[{"$nulls":3},"Objekt:"]
[{"$nulls":4},"2 - Vnútorné priečky a úp..."]
[]
[{"$nulls":3},"JKSO:",null,"",null,null,"KS:",""]
[{"$nulls":3},"Miesto:",null," ",null,null,"Dátum:",{"$f":"'Rekapitulácia stavby'!AN8","v":"2024-12-20"}]
[]
[{"$nulls":3},"Objednávateľ:",{"$nulls":4},"IČO:",{"$f":"IF('Rekapitulácia stavby'!AN10=\"\",\"\",'Rekapitulácia stavby'!AN10)","v":""}]
[{"$nulls":4},{"$f":"IF('Rekapitulácia stavby'!E11=\"\",\"\",'Rekapitulácia stavby'!E11)","v":" "},{"$nulls":3},"IČ DPH:",{"$f":"IF('Rekapitulácia stavby'!AN11=\"\",\"\",'Rekapitulácia stavby'!AN11)","v":""}]
[]
[{"$nulls":3},"Zhotoviteľ:",{"$nulls":4},"IČO:",{"$f":"'Rekapitulácia stavby'!AN13","v":"46114696"}]
[{"$nulls":4},{"$f":"'Rekapitulácia stavby'!E14","v":"BETA FOUR s.r.o. "},{"$nulls":3},"IČ DPH:",{"$f":"'Rekapitulácia stavby'!AN14","v":"SK2023241880"}]
[]
[{"$nulls":3},"Projektant:",{"$nulls":4},"IČO:",{"$f":"IF('Rekapitulácia stavby'!AN16=\"\",\"\",'Rekapitulácia stavby'!AN16)","v":""}]
[{"$nulls":4},{"$f":"IF('Rekapitulácia stavby'!E17=\"\",\"\",'Rekapitulácia stavby'!E17)","v":" "},{"$nulls":3},"IČ DPH:",{"$f":"IF('Rekapitulácia stavby'!AN17=\"\",\"\",'Rekapitulácia stavby'!AN17)","v":""}]
[]
[{"$nulls":3},"Spracovateľ:",{"$nulls":4},"IČO:",{"$f":"IF('Rekapitulácia stavby'!AN19=\"\",\"\",'Rekapitulácia stavby'!AN19)","v":""}]
[{"$nulls":4},{"$f":"IF('Rekapitulácia stavby'!E20=\"\",\"\",'Rekapitulácia stavby'!E20)","v":"Peter Lesák"},{"$nulls":3},"IČ DPH:",{"$f":"IF('Rekapitulácia stavby'!AN20=\"\",\"\",'Rekapitulácia stavby'!AN20)","v":""}]
[]
[{"$nulls":3},"Poznámka:"]
[{"$nulls":4},""]
[]
[]
[{"$nulls":3},"Cena bez DPH",{"$nulls":5},{"$f":"ROUND(J124, 2)","v":{"v":2926.3,"d":"2,926.30"}}]
[]
[{"$nulls":5},"Základ dane",null,null,"Sadzba dane","Výška dane"]
[{"$nulls":3},"DPH","základná",{"$f":"ROUND((SUM(BE124:BE148)),  2)","v":{"v":0,"d":"0.00"}},null,null,{"v":0.2,"d":"20.00%"},{"$f":"ROUND(((SUM(BE124:BE148))*I33),  2)","v":{"v":0,"d":"0.00"}}]
[{"$nulls":4},"znížená",{"$f":"ROUND((SUM(BF124:BF148)),  2)","v":{"v":2926.3,"d":"2,926.30"}},null,null,{"v":0.2,"d":"20.00%"},{"$f":"ROUND(((SUM(BF124:BF148))*I34),  2)","v":585.26}]
[{"$nulls":4},"zákl. prenesená",{"$f":"ROUND((SUM(BG124:BG148)),  2)","v":{"v":0,"d":"0.00"}},null,null,{"v":0.2,"d":"20.00%"},{"$f":"0","v":{"v":0,"d":"0.00"}}]
[{"$nulls":4},"zníž. prenesená",{"$f":"ROUND((SUM(BH124:BH148)),  2)","v":{"v":0,"d":"0.00"}},null,null,{"v":0.2,"d":"20.00%"},{"$f":"0","v":{"v":0,"d":"0.00"}}]
[{"$nulls":4},"nulová",{"$f":"ROUND((SUM(BI124:BI148)),  2)","v":{"v":0,"d":"0.00"}},null,null,{"v":0,"d":"0.00%"},{"$f":"0","v":{"v":0,"d":"0.00"}}]
[]
[{"$nulls":3},"Cena s DPH",null,null,"v","EUR",null,{"$f":"SUM(J30:J37)","v":{"v":3511.5600000000004,"d":"3,511.56"}}]
{"$rows_empty":10}
[{"$nulls":3},"Projektant",null,null,"Spracovateľ"]
{"$rows_empty":10}
[{"$nulls":3},"Dátum a podpis:",null,"Pečiatka","Dátum a podpis:",null,null,"Pečiatka"]
[]
[]
[]
[{"$nulls":3},"Objednávateľ",null,null,"Zhotoviteľ"]
{"$rows_empty":10}
[{"$nulls":3},"Dátum a podpis:",null,"Pečiatka","Dátum a podpis:",null,null,"Pečiatka"]
[]
[]
[]
[]
[]
[null,null,"REKAPITULÁCIA ROZPOČTU"]
[]
[null,null,"Stavba:"]
[{"$nulls":4},{"$f":"E7","v":"Kópia - 20240118 - Stavebné úpravy priestorov kultúrneho domu "}]
[null,null,"Objekt:"]
[{"$nulls":4},{"$f":"E9","v":"2 - Vnútorné priečky a úp..."}]
[]
[null,null,"Miesto:",null,null,{"$f":"F12","v":" "},null,null,"Dátum:",{"$f":"IF(J12=\"\",\"\",J12)","v":"2024-12-20"}]
[]
[null,null,"Objednávateľ:",null,null,{"$f":"E15","v":" "},null,null,"Projektant:",{"$f":"E21","v":" "}]
[null,null,"Zhotoviteľ:",null,null,{"$f":"IF(E18=\"\",\"\",E18)","v":"BETA FOUR s.r.o. "},null,null,"Spracovateľ:",{"$f":"E24","v":"Peter Lesák"}]
[]
[null,null,"Kód dielu - Popis",{"$nulls":6},"Cena celkom [EUR]"]
[]
[null,null,"Náklady z rozpočtu",{"$nulls":6},{"$f":"J124","v":{"v":2926.3000000000006,"d":"2,926.30"}},{"$nulls":36},"-1"]
[{"$nulls":3},"HSV - Práce a dodávky HSV",{"$nulls":5},{"$f":"J125","v":{"v":2349.4200000000005,"d":"2,349.42"}}]
[{"$nulls":3},"    3 - Zvislé a kompletné konštrukcie",{"$nulls":5},{"$f":"J126","v":778.97}]
[{"$nulls":3},"    6 - Úpravy povrchov, podlahy, osadenie",{"$nulls":5},{"$f":"J130","v":{"v":1354.5,"d":"1,354.50"}}]
[{"$nulls":3},"    9 - Ostatné konštrukcie a práce-búranie",{"$nulls":5},{"$f":"J135","v":87.61}]
[{"$nulls":3},"    99 - Presun hmôt HSV",{"$nulls":5},{"$f":"J137","v":128.34}]
[{"$nulls":3},"PSV - Práce a dodávky PSV",{"$nulls":5},{"$f":"J139","v":576.88}]
[{"$nulls":3},"    766 - Konštrukcie stolárske",{"$nulls":5},{"$f":"J140","v":389.03}]
[{"$nulls":3},"    784 - Maľby",{"$nulls":5},{"$f":"J146","v":187.85}]
[]
[]
[]
[]
[]
[]
[null,null,"ROZPOČET"]
[]
[null,null,"Stavba:"]
[{"$nulls":4},{"$f":"E7","v":"Kópia - 20240118 - Stavebné úpravy priestorov kultúrneho domu "}]
[null,null,"Objekt:"]
[{"$nulls":4},{"$f":"E9","v":"2 - Vnútorné priečky a úp..."}]
[]
[null,null,"Miesto:",null,null,{"$f":"F12","v":" "},null,null,"Dátum:",{"$f":"IF(J12=\"\",\"\",J12)","v":"2024-12-20"}]
[]
[null,null,"Objednávateľ:",null,null,{"$f":"E15","v":" "},null,null,"Projektant:",{"$f":"E21","v":" "}]
[null,null,"Zhotoviteľ:",null,null,{"$f":"IF(E18=\"\",\"\",E18)","v":"BETA FOUR s.r.o. "},null,null,"Spracovateľ:",{"$f":"E24","v":"Peter Lesák"}]
[]
[null,null,"PČ","Typ","Kód","Popis","MJ","Množstvo","J.cena [EUR]","Cena celkom [EUR]","Cenová sústava",null,"","DPH","J. Nh [h]","Nh celkom [h]","J. hmotnosť [t]","Hmotnosť celkom [t]","J. suť [t]","Suť Celkom [t]"]
[null,null,"Náklady z rozpočtu",{"$nulls":6},{"$f":"BK124","v":{"v":2926.3000000000006,"d":"2,926.30"}},{"$nulls":5},{"$f":"P125+P139","v":{"v":0,"d":"0.00000"}},null,{"$f":"R125+R139","v":{"v":0,"d":"0.00000"}},null,{"$f":"T125+T139","v":{"v":0,"d":"0.00000"}},{"$nulls":25},"D","-1",{"$nulls":15},{"$f":"BK125+BK139","v":{"v":2926.3000000000006,"d":"2,926.30"}}]
[{"$nulls":3},"D","HSV","Práce a dodávky HSV",{"$nulls":3},{"$f":"BK125","v":{"v":2349.4200000000005,"d":"2,349.42"}},{"$nulls":5},{"$f":"P126+P130+P135+P137","v":{"v":0,"d":"0.00000"}},null,{"$f":"R126+R130+R135+R137","v":{"v":0,"d":"0.00000"}},null,{"$f":"T126+T130+T135+T137","v":{"v":0,"d":"0.00000"}},{"$nulls":23},"1",null,"D","0",{"$nulls":3},"ROZPOCET",{"$nulls":11},{"$f":"BK126+BK130+BK135+BK137","v":{"v":2349.4200000000005,"d":"2,349.42"}}]
[{"$nulls":3},"D","3","Zvislé a kompletné konštrukcie",{"$nulls":3},{"$f":"BK126","v":778.97},{"$nulls":5},{"$f":"SUM(P127:P129)","v":{"v":0,"d":"0.00000"}},null,{"$f":"SUM(R127:R129)","v":{"v":0,"d":"0.00000"}},null,{"$f":"SUM(T127:T129)","v":{"v":0,"d":"0.00000"}},{"$nulls":23},"1",null,"D","1",{"$nulls":3},"ROZPOCET",{"$nulls":11},{"$f":"SUM(BK127:BK129)","v":778.97}]
[null,null,"3","K","317160152.S","Keramický preklad nenosný šírky 115 mm, výšky 71 mm, dĺžky 1250 mm","ks",{"v":2,"d":"2.000"},20.32,{"$f":"ROUND(I127*H127,2)","v":40.64},null,null,"","znížená",{"v":0,"d":"0.00000"},{"$f":"O127*H127","v":{"v":0,"d":"0.00000"}},{"v":0,"d":"0.00000"},{"$f":"Q127*H127","v":{"v":0,"d":"0.00000"}},{"v":0,"d":"0.00000"},{"$f":"S127*H127","v":{"v":0,"d":"0.00000"}},{"$nulls":23},"4",null,"K","2",{"$nulls":3},"ROZPOCET",{"$nulls":5},{"$f":"IF(N127=\"základná\",J127,0)","v":{"v":0,"d":"0.00"}},{"$f":"IF(N127=\"znížená\",J127,0)","v":40.64},{"$f":"IF(N127=\"zákl. prenesená\",J127,0)","v":{"v":0,"d":"0.00"}},{"$f":"IF(N127=\"zníž. prenesená\",J127,0)","v":{"v":0,"d":"0.00"}},{"$f":"IF(N127=\"nulová\",J127,0)","v":{"v":0,"d":"0.00"}},"2",{"$f":"ROUND(I127*H127,2)","v":40.64},"4","2"]
[null,null,"1","K","342240131.S","Priečky z tehál pálených dierovaných brúsených na pero a drážku hrúbky 100 mm, na maltu pre tenké škáry","m2",19.868,36.41,{"$f":"ROUND(I128*H128,2)","v":723.39},null,null,"","znížená",{"v":0,"d":"0.00000"},{"$f":"O128*H128","v":{"v":0,"d":"0.00000"}},{"v":0,"d":"0.00000"},{"$f":"Q128*H128","v":{"v":0,"d":"0.00000"}},{"v":0,"d":"0.00000"},{"$f":"S128*H128","v":{"v":0,"d":"0.00000"}},{"$nulls":23},"4",null,"K","2",{"$nulls":3},"ROZPOCET",{"$nulls":5},{"$f":"IF(N128=\"základná\",J128,0)","v":{"v":0,"d":"0.00"}},{"$f":"IF(N128=\"znížená\",J128,0)","v":723.39},{"$f":"IF(N128=\"zákl. prenesená\",J128,0)","v":{"v":0,"d":"0.00"}},{"$f":"IF(N128=\"zníž. prenesená\",J128,0)","v":{"v":0,"d":"0.00"}},{"$f":"IF(N128=\"nulová\",J128,0)","v":{"v":0,"d":"0.00"}},"2",{"$f":"ROUND(I128*H128,2)","v":723.39},"4","4"]
[null,null,"2","K","342948115.S","Ukončenie priečok hr. do 100 mm ku konštrukciám polyuretánovou penou","m",{"v":6.2,"d":"6.200"},2.41,{"$f":"ROUND(I129*H129,2)","v":14.94},null,null,"","znížená",{"v":0,"d":"0.00000"},{"$f":"O129*H129","v":{"v":0,"d":"0.00000"}},{"v":0,"d":"0.00000"},{"$f":"Q129*H129","v":{"v":0,"d":"0.00000"}},{"v":0,"d":"0.00000"},{"$f":"S129*H129","v":{"v":0,"d":"0.00000"}},{"$nulls":23},"4",null,"K","2",{"$nulls":3},"ROZPOCET",{"$nulls":5},{"$f":"IF(N129=\"základná\",J129,0)","v":{"v":0,"d":"0.00"}},{"$f":"IF(N129=\"znížená\",J129,0)","v":14.94},{"$f":"IF(N129=\"zákl. prenesená\",J129,0)","v":{"v":0,"d":"0.00"}},{"$f":"IF(N129=\"zníž. prenesená\",J129,0)","v":{"v":0,"d":"0.00"}},{"$f":"IF(N129=\"nulová\",J129,0)","v":{"v":0,"d":"0.00"}},"2",{"$f":"ROUND(I129*H129,2)","v":14.94},"4","6"]
[{"$nulls":3},"D","6","Úpravy povrchov, podlahy, osadenie",{"$nulls":3},{"$f":"BK130","v":{"v":1354.5,"d":"1,354.50"}},{"$nulls":5},{"$f":"SUM(P131:P134)","v":{"v":0,"d":"0.00000"}},null,{"$f":"SUM(R131:R134)","v":{"v":0,"d":"0.00000"}},null,{"$f":"SUM(T131:T134)","v":{"v":0,"d":"0.00000"}},{"$nulls":23},"1",null,"D","1",{"$nulls":3},"ROZPOCET",{"$nulls":11},{"$f":"SUM(BK131:BK134)","v":{"v":1354.5,"d":"1,354.50"}}]
[null,null,"4","K","610991111.S","Zakrývanie výplní vnútorných okenných otvorov, predmetov a konštrukcií","m2",{"v":1.92,"d":"1.920"},2.32,{"$f":"ROUND(I131*H131,2)","v":4.45},null,null,"","znížená",{"v":0,"d":"0.00000"},{"$f":"O131*H131","v":{"v":0,"d":"0.00000"}},{"v":0,"d":"0.00000"},{"$f":"Q131*H131","v":{"v":0,"d":"0.00000"}},{"v":0,"d":"0.00000"},{"$f":"S131*H131","v":{"v":0,"d":"0.00000"}},{"$nulls":23},"4",null,"K","2",{"$nulls":3},"ROZPOCET",{"$nulls":5},{"$f":"IF(N131=\"základná\",J131,0)","v":{"v":0,"d":"0.00"}},{"$f":"IF(N131=\"znížená\",J131,0)","v":4.45},{"$f":"IF(N131=\"zákl. prenesená\",J131,0)","v":{"v":0,"d":"0.00"}},{"$f":"IF(N131=\"zníž. prenesená\",J131,0)","v":{"v":0,"d":"0.00"}},{"$f":"IF(N131=\"nulová\",J131,0)","v":{"v":0,"d":"0.00"}},"2",{"$f":"ROUND(I131*H131,2)","v":4.45},"4","8"]
[null,null,"5","K","612460151.S","Príprava vnútorného podkladu stien cementovým prednástrekom, hr. 3 mm","m2",41.286,6.55,{"$f":"ROUND(I132*H132,2)","v":270.42},null,null,"","znížená",{"v":0,"d":"0.00000"},{"$f":"O132*H132","v":{"v":0,"d":"0.00000"}},{"v":0,"d":"0.00000"},{"$f":"Q132*H132","v":{"v":0,"d":"0.00000"}},{"v":0,"d":"0.00000"},{"$f":"S132*H132","v":{"v":0,"d":"0.00000"}},{"$nulls":23},"4",null,"K","2",{"$nulls":3},"ROZPOCET",{"$nulls":5},{"$f":"IF(N132=\"základná\",J132,0)","v":{"v":0,"d":"0.00"}},{"$f":"IF(N132=\"znížená\",J132,0)","v":270.42},{"$f":"IF(N132=\"zákl. prenesená\",J132,0)","v":{"v":0,"d":"0.00"}},{"$f":"IF(N132=\"zníž. prenesená\",J132,0)","v":{"v":0,"d":"0.00"}},{"$f":"IF(N132=\"nulová\",J132,0)","v":{"v":0,"d":"0.00"}},"2",{"$f":"ROUND(I132*H132,2)","v":270.42},"4","10"]
[null,null,"7","K","612460273.S","Vnútorná omietka stien sadrová, hr. 15 mm","m2",41.286,17.47,{"$f":"ROUND(I133*H133,2)","v":721.27},null,null,"","znížená",{"v":0,"d":"0.00000"},{"$f":"O133*H133","v":{"v":0,"d":"0.00000"}},{"v":0,"d":"0.00000"},{"$f":"Q133*H133","v":{"v":0,"d":"0.00000"}},{"v":0,"d":"0.00000"},{"$f":"S133*H133","v":{"v":0,"d":"0.00000"}},{"$nulls":23},"4",null,"K","2",{"$nulls":3},"ROZPOCET",{"$nulls":5},{"$f":"IF(N133=\"základná\",J133,0)","v":{"v":0,"d":"0.00"}},{"$f":"IF(N133=\"znížená\",J133,0)","v":721.27},{"$f":"IF(N133=\"zákl. prenesená\",J133,0)","v":{"v":0,"d":"0.00"}},{"$f":"IF(N133=\"zníž. prenesená\",J133,0)","v":{"v":0,"d":"0.00"}},{"$f":"IF(N133=\"nulová\",J133,0)","v":{"v":0,"d":"0.00"}},"2",{"$f":"ROUND(I133*H133,2)","v":721.27},"4","12"]
[null,null,"6","K","612460302.S","Vnútorná stierka stien sadrová, hr. 2 mm","m2",41.286,8.68,{"$f":"ROUND(I134*H134,2)","v":358.36},null,null,"","znížená",{"v":0,"d":"0.00000"},{"$f":"O134*H134","v":{"v":0,"d":"0.00000"}},{"v":0,"d":"0.00000"},{"$f":"Q134*H134","v":{"v":0,"d":"0.00000"}},{"v":0,"d":"0.00000"},{"$f":"S134*H134","v":{"v":0,"d":"0.00000"}},{"$nulls":23},"4",null,"K","2",{"$nulls":3},"ROZPOCET",{"$nulls":5},{"$f":"IF(N134=\"základná\",J134,0)","v":{"v":0,"d":"0.00"}},{"$f":"IF(N134=\"znížená\",J134,0)","v":358.36},{"$f":"IF(N134=\"zákl. prenesená\",J134,0)","v":{"v":0,"d":"0.00"}},{"$f":"IF(N134=\"zníž. prenesená\",J134,0)","v":{"v":0,"d":"0.00"}},{"$f":"IF(N134=\"nulová\",J134,0)","v":{"v":0,"d":"0.00"}},"2",{"$f":"ROUND(I134*H134,2)","v":358.36},"4","14"]
[{"$nulls":3},"D","9","Ostatné konštrukcie a práce-búranie",{"$nulls":3},{"$f":"BK135","v":87.61},{"$nulls":5},{"$f":"P136","v":{"v":0,"d":"0.00000"}},null,{"$f":"R136","v":{"v":0,"d":"0.00000"}},null,{"$f":"T136","v":{"v":0,"d":"0.00000"}},{"$nulls":23},"1",null,"D","1",{"$nulls":3},"ROZPOCET",{"$nulls":11},{"$f":"BK136","v":87.61}]
[null,null,"10","K","941955002.S","Lešenie ľahké pracovné pomocné s výškou lešeňovej podlahy nad 1,20 do 1,90 m","m2",{"v":15.29,"d":"15.290"},5.73,{"$f":"ROUND(I136*H136,2)","v":87.61},null,null,"","znížená",{"v":0,"d":"0.00000"},{"$f":"O136*H136","v":{"v":0,"d":"0.00000"}},{"v":0,"d":"0.00000"},{"$f":"Q136*H136","v":{"v":0,"d":"0.00000"}},{"v":0,"d":"0.00000"},{"$f":"S136*H136","v":{"v":0,"d":"0.00000"}},{"$nulls":23},"4",null,"K","2",{"$nulls":3},"ROZPOCET",{"$nulls":5},{"$f":"IF(N136=\"základná\",J136,0)","v":{"v":0,"d":"0.00"}},{"$f":"IF(N136=\"znížená\",J136,0)","v":87.61},{"$f":"IF(N136=\"zákl. prenesená\",J136,0)","v":{"v":0,"d":"0.00"}},{"$f":"IF(N136=\"zníž. prenesená\",J136,0)","v":{"v":0,"d":"0.00"}},{"$f":"IF(N136=\"nulová\",J136,0)","v":{"v":0,"d":"0.00"}},"2",{"$f":"ROUND(I136*H136,2)","v":87.61},"4","16"]
[{"$nulls":3},"D","99","Presun hmôt HSV",{"$nulls":3},{"$f":"BK137","v":128.34},{"$nulls":5},{"$f":"P138","v":{"v":0,"d":"0.00000"}},null,{"$f":"R138","v":{"v":0,"d":"0.00000"}},null,{"$f":"T138","v":{"v":0,"d":"0.00000"}},{"$nulls":23},"1",null,"D","1",{"$nulls":3},"ROZPOCET",{"$nulls":11},{"$f":"BK138","v":128.34}]
[null,null,"17","K","999281111.S","Presun hmôt pre opravy a údržbu objektov vrátane vonkajších plášťov výšky do 25 m","t",2.645,48.52,{"$f":"ROUND(I138*H138,2)","v":128.34},null,null,"","znížená",{"v":0,"d":"0.00000"},{"$f":"O138*H138","v":{"v":0,"d":"0.00000"}},{"v":0,"d":"0.00000"},{"$f":"Q138*H138","v":{"v":0,"d":"0.00000"}},{"v":0,"d":"0.00000"},{"$f":"S138*H138","v":{"v":0,"d":"0.00000"}},{"$nulls":23},"4",null,"K","2",{"$nulls":3},"ROZPOCET",{"$nulls":5},{"$f":"IF(N138=\"základná\",J138,0)","v":{"v":0,"d":"0.00"}},{"$f":"IF(N138=\"znížená\",J138,0)","v":128.34},{"$f":"IF(N138=\"zákl. prenesená\",J138,0)","v":{"v":0,"d":"0.00"}},{"$f":"IF(N138=\"zníž. prenesená\",J138,0)","v":{"v":0,"d":"0.00"}},{"$f":"IF(N138=\"nulová\",J138,0)","v":{"v":0,"d":"0.00"}},"2",{"$f":"ROUND(I138*H138,2)","v":128.34},"4","18"]
[{"$nulls":3},"D","PSV","Práce a dodávky PSV",{"$nulls":3},{"$f":"BK139","v":576.88},{"$nulls":5},{"$f":"P140+P146","v":{"v":0,"d":"0.00000"}},null,{"$f":"R140+R146","v":{"v":0,"d":"0.00000"}},null,{"$f":"T140+T146","v":{"v":0,"d":"0.00000"}},{"$nulls":23},"2",null,"D","0",{"$nulls":3},"ROZPOCET",{"$nulls":11},{"$f":"BK140+BK146","v":576.88}]
[{"$nulls":3},"D","766","Konštrukcie stolárske",{"$nulls":3},{"$f":"BK140","v":389.03},{"$nulls":5},{"$f":"SUM(P141:P145)","v":{"v":0,"d":"0.00000"}},null,{"$f":"SUM(R141:R145)","v":{"v":0,"d":"0.00000"}},null,{"$f":"SUM(T141:T145)","v":{"v":0,"d":"0.00000"}},{"$nulls":23},"2",null,"D","1",{"$nulls":3},"ROZPOCET",{"$nulls":11},{"$f":"SUM(BK141:BK145)","v":389.03}]
[null,null,"14","K","766662112.S","Montáž dverového krídla otočného jednokrídlového poldrážkového, do existujúcej zárubne, vrátane kovania","ks",{"v":1,"d":"1.000"},26.83,{"$f":"ROUND(I141*H141,2)","v":26.83},null,null,"","znížená",{"v":0,"d":"0.00000"},{"$f":"O141*H141","v":{"v":0,"d":"0.00000"}},{"v":0,"d":"0.00000"},{"$f":"Q141*H141","v":{"v":0,"d":"0.00000"}},{"v":0,"d":"0.00000"},{"$f":"S141*H141","v":{"v":0,"d":"0.00000"}},{"$nulls":23},"16",null,"K","2",{"$nulls":3},"ROZPOCET",{"$nulls":5},{"$f":"IF(N141=\"základná\",J141,0)","v":{"v":0,"d":"0.00"}},{"$f":"IF(N141=\"znížená\",J141,0)","v":26.83},{"$f":"IF(N141=\"zákl. prenesená\",J141,0)","v":{"v":0,"d":"0.00"}},{"$f":"IF(N141=\"zníž. prenesená\",J141,0)","v":{"v":0,"d":"0.00"}},{"$f":"IF(N141=\"nulová\",J141,0)","v":{"v":0,"d":"0.00"}},"2",{"$f":"ROUND(I141*H141,2)","v":26.83},"16","20"]
[null,null,"15","M","549150000600.S","Kľučka dverová a rozeta 2x, nehrdzavejúca oceľ, povrch nerez brúsený","ks",{"v":1,"d":"1.000"},{"v":23.1,"d":"23.10"},{"$f":"ROUND(I142*H142,2)","v":{"v":23.1,"d":"23.10"}},null,null,"","znížená",{"v":0,"d":"0.00000"},{"$f":"O142*H142","v":{"v":0,"d":"0.00000"}},{"v":0,"d":"0.00000"},{"$f":"Q142*H142","v":{"v":0,"d":"0.00000"}},{"v":0,"d":"0.00000"},{"$f":"S142*H142","v":{"v":0,"d":"0.00000"}},{"$nulls":23},"32",null,"M","2",{"$nulls":3},"ROZPOCET",{"$nulls":5},{"$f":"IF(N142=\"základná\",J142,0)","v":{"v":0,"d":"0.00"}},{"$f":"IF(N142=\"znížená\",J142,0)","v":{"v":23.1,"d":"23.10"}},{"$f":"IF(N142=\"zákl. prenesená\",J142,0)","v":{"v":0,"d":"0.00"}},{"$f":"IF(N142=\"zníž. prenesená\",J142,0)","v":{"v":0,"d":"0.00"}},{"$f":"IF(N142=\"nulová\",J142,0)","v":{"v":0,"d":"0.00"}},"2",{"$f":"ROUND(I142*H142,2)","v":{"v":23.1,"d":"23.10"}},"16","22"]
[null,null,"16","M","611610000400.S","Dvere vnútorné jednokrídlové, šírka 600-900 mm, výplň papierová voština, povrch fólia, plné","ks",{"v":1,"d":"1.000"},137.83,{"$f":"ROUND(I143*H143,2)","v":137.83},null,null,"","znížená",{"v":0,"d":"0.00000"},{"$f":"O143*H143","v":{"v":0,"d":"0.00000"}},{"v":0,"d":"0.00000"},{"$f":"Q143*H143","v":{"v":0,"d":"0.00000"}},{"v":0,"d":"0.00000"},{"$f":"S143*H143","v":{"v":0,"d":"0.00000"}},{"$nulls":23},"32",null,"M","2",{"$nulls":3},"ROZPOCET",{"$nulls":5},{"$f":"IF(N143=\"základná\",J143,0)","v":{"v":0,"d":"0.00"}},{"$f":"IF(N143=\"znížená\",J143,0)","v":137.83},{"$f":"IF(N143=\"zákl. prenesená\",J143,0)","v":{"v":0,"d":"0.00"}},{"$f":"IF(N143=\"zníž. prenesená\",J143,0)","v":{"v":0,"d":"0.00"}},{"$f":"IF(N143=\"nulová\",J143,0)","v":{"v":0,"d":"0.00"}},"2",{"$f":"ROUND(I143*H143,2)","v":137.83},"16","24"]
[null,null,"12","K","766702111.S","Montáž zárubní obložkových pre dvere jednokrídlové","ks",{"v":1,"d":"1.000"},75.17,{"$f":"ROUND(I144*H144,2)","v":75.17},null,null,"","znížená",{"v":0,"d":"0.00000"},{"$f":"O144*H144","v":{"v":0,"d":"0.00000"}},{"v":0,"d":"0.00000"},{"$f":"Q144*H144","v":{"v":0,"d":"0.00000"}},{"v":0,"d":"0.00000"},{"$f":"S144*H144","v":{"v":0,"d":"0.00000"}},{"$nulls":23},"16",null,"K","2",{"$nulls":3},"ROZPOCET",{"$nulls":5},{"$f":"IF(N144=\"základná\",J144,0)","v":{"v":0,"d":"0.00"}},{"$f":"IF(N144=\"znížená\",J144,0)","v":75.17},{"$f":"IF(N144=\"zákl. prenesená\",J144,0)","v":{"v":0,"d":"0.00"}},{"$f":"IF(N144=\"zníž. prenesená\",J144,0)","v":{"v":0,"d":"0.00"}},{"$f":"IF(N144=\"nulová\",J144,0)","v":{"v":0,"d":"0.00"}},"2",{"$f":"ROUND(I144*H144,2)","v":75.17},"16","26"]
[null,null,"13","M","611810002200.S","Zárubňa vnútorná obložková, šírka 600-900 mm, výška 1970 mm, DTD doska, povrch fólia, pre stenu hrúbky 60-170 mm, pre jednokrídlové dvere","ks",{"v":1,"d":"1.000"},{"v":126.1,"d":"126.10"},{"$f":"ROUND(I145*H145,2)","v":{"v":126.1,"d":"126.10"}},null,null,"","znížená",{"v":0,"d":"0.00000"},{"$f":"O145*H145","v":{"v":0,"d":"0.00000"}},{"v":0,"d":"0.00000"},{"$f":"Q145*H145","v":{"v":0,"d":"0.00000"}},{"v":0,"d":"0.00000"},{"$f":"S145*H145","v":{"v":0,"d":"0.00000"}},{"$nulls":23},"32",null,"M","2",{"$nulls":3},"ROZPOCET",{"$nulls":5},{"$f":"IF(N145=\"základná\",J145,0)","v":{"v":0,"d":"0.00"}},{"$f":"IF(N145=\"znížená\",J145,0)","v":{"v":126.1,"d":"126.10"}},{"$f":"IF(N145=\"zákl. prenesená\",J145,0)","v":{"v":0,"d":"0.00"}},{"$f":"IF(N145=\"zníž. prenesená\",J145,0)","v":{"v":0,"d":"0.00"}},{"$f":"IF(N145=\"nulová\",J145,0)","v":{"v":0,"d":"0.00"}},"2",{"$f":"ROUND(I145*H145,2)","v":{"v":126.1,"d":"126.10"}},"16","28"]
[{"$nulls":3},"D","784","Maľby",{"$nulls":3},{"$f":"BK146","v":187.85},{"$nulls":5},{"$f":"SUM(P147:P148)","v":{"v":0,"d":"0.00000"}},null,{"$f":"SUM(R147:R148)","v":{"v":0,"d":"0.00000"}},null,{"$f":"SUM(T147:T148)","v":{"v":0,"d":"0.00000"}},{"$nulls":23},"2",null,"D","1",{"$nulls":3},"ROZPOCET",{"$nulls":11},{"$f":"SUM(BK147:BK148)","v":187.85}]
[null,null,"8","K","784410100.S","Penetrovanie jednonásobné jemnozrnných podkladov výšky do 3,80 m","m2",41.286,1.43,{"$f":"ROUND(I147*H147,2)","v":59.04},null,null,"","znížená",{"v":0,"d":"0.00000"},{"$f":"O147*H147","v":{"v":0,"d":"0.00000"}},{"v":0,"d":"0.00000"},{"$f":"Q147*H147","v":{"v":0,"d":"0.00000"}},{"v":0,"d":"0.00000"},{"$f":"S147*H147","v":{"v":0,"d":"0.00000"}},{"$nulls":23},"16",null,"K","2",{"$nulls":3},"ROZPOCET",{"$nulls":5},{"$f":"IF(N147=\"základná\",J147,0)","v":{"v":0,"d":"0.00"}},{"$f":"IF(N147=\"znížená\",J147,0)","v":59.04},{"$f":"IF(N147=\"zákl. prenesená\",J147,0)","v":{"v":0,"d":"0.00"}},{"$f":"IF(N147=\"zníž. prenesená\",J147,0)","v":{"v":0,"d":"0.00"}},{"$f":"IF(N147=\"nulová\",J147,0)","v":{"v":0,"d":"0.00"}},"2",{"$f":"ROUND(I147*H147,2)","v":59.04},"16","30"]
[null,null,"9","K","784422271.S","Maľby vápenné základné dvojnásobné, ručne nanášané na jemnozrnný podklad výšky do 3,80 m","m2",41.286,3.12,{"$f":"ROUND(I148*H148,2)","v":128.81},null,null,"","znížená",{"v":0,"d":"0.00000"},{"$f":"O148*H148","v":{"v":0,"d":"0.00000"}},{"v":0,"d":"0.00000"},{"$f":"Q148*H148","v":{"v":0,"d":"0.00000"}},{"v":0,"d":"0.00000"},{"$f":"S148*H148","v":{"v":0,"d":"0.00000"}},{"$nulls":23},"16",null,"K","2",{"$nulls":3},"ROZPOCET",{"$nulls":5},{"$f":"IF(N148=\"základná\",J148,0)","v":{"v":0,"d":"0.00"}},{"$f":"IF(N148=\"znížená\",J148,0)","v":128.81},{"$f":"IF(N148=\"zákl. prenesená\",J148,0)","v":{"v":0,"d":"0.00"}},{"$f":"IF(N148=\"zníž. prenesená\",J148,0)","v":{"v":0,"d":"0.00"}},{"$f":"IF(N148=\"nulová\",J148,0)","v":{"v":0,"d":"0.00"}},"2",{"$f":"ROUND(I148*H148,2)","v":128.81},"16","32"]

{"sheet":"3 - Úprava sociálnych zar...","index":3,"n_rows":183,"n_cols":65,"rows_kept":183,"merged":[[1,11,1,21],[6,4,6,7],[8,4,8,7],[17,4,17,7],[26,4,26,7],[84,4,84,7],[86,4,86,7],[118,4,118,7],[120,4,120,7]]}
[]
[{"$nulls":11},">>  skryté stĺpce  <<",{"$nulls":33},"{42203da9-c2a8-4c52-a7cb-1146dc8a5e5c}"]
[{"$nulls":45},"0"]
[{"$nulls":3},"KRYCÍ LIST ROZPOČTU",{"$nulls":8},"v ---  nižšie sa nachádzajú doplnkové a pomocné údaje k zostavám  --- v",{"$nulls":32},"False"]
[]
[{"$nulls":3},"Stavba:"]
[{"$nulls":4},{"$f":"'Rekapitulácia stavby'!K6","v":"Kópia - 20240118 - Stavebné úpravy priestorov kultúrneho domu "}]
[{"$nulls":3},"Objekt:"]
[{"$nulls":4},"3 - Úprava sociálnych zar..."]
[]
[{"$nulls":3},"JKSO:",null,"",null,null,"KS:",""]
[{"$nulls":3},"Miesto:",null," ",null,null,"Dátum:",{"$f":"'Rekapitulácia stavby'!AN8","v":"2024-12-20"}]
[]
[{"$nulls":3},"Objednávateľ:",{"$nulls":4},"IČO:",{"$f":"IF('Rekapitulácia stavby'!AN10=\"\",\"\",'Rekapitulácia stavby'!AN10)","v":""}]
[{"$nulls":4},{"$f":"IF('Rekapitulácia stavby'!E11=\"\",\"\",'Rekapitulácia stavby'!E11)","v":" "},{"$nulls":3},"IČ DPH:",{"$f":"IF('Rekapitulácia stavby'!AN11=\"\",\"\",'Rekapitulácia stavby'!AN11)","v":""}]
[]
[{"$nulls":3},"Zhotoviteľ:",{"$nulls":4},"IČO:",{"$f":"'Rekapitulácia stavby'!AN13","v":"46114696"}]
[{"$nulls":4},{"$f":"'Rekapitulácia stavby'!E14","v":"BETA FOUR s.r.o. "},{"$nulls":3},"IČ DPH:",{"$f":"'Rekapitulácia stavby'!AN14","v":"SK2023241880"}]
[]
[{"$nulls":3},"Projektant:",{"$nulls":4},"IČO:",{"$f":"IF('Rekapitulácia stavby'!AN16=\"\",\"\",'Rekapitulácia stavby'!AN16)","v":""}]
[{"$nulls":4},{"$f":"IF('Rekapitulácia stavby'!E17=\"\",\"\",'Rekapitulácia stavby'!E17)","v":" "},{"$nulls":3},"IČ DPH:",{"$f":"IF('Rekapitulácia stavby'!AN17=\"\",\"\",'Rekapitulácia stavby'!AN17)","v":""}]
[]
[{"$nulls":3},"Spracovateľ:",{"$nulls":4},"IČO:",{"$f":"IF('Rekapitulácia stavby'!AN19=\"\",\"\",'Rekapitulácia stavby'!AN19)","v":""}]
[{"$nulls":4},{"$f":"IF('Rekapitulácia stavby'!E20=\"\",\"\",'Rekapitulácia stavby'!E20)","v":"Peter Lesák"},{"$nulls":3},"IČ DPH:",{"$f":"IF('Rekapitulácia stavby'!AN20=\"\",\"\",'Rekapitulácia stavby'!AN20)","v":""}]
[]
[{"$nulls":3},"Poznámka:"]
[{"$nulls":4},""]
[]
[]
[{"$nulls":3},"Cena bez DPH",{"$nulls":5},{"$f":"ROUND(J129, 2)","v":{"v":17671.18,"d":"17,671.18"}}]
[]
[{"$nulls":5},"Základ dane",null,null,"Sadzba dane","Výška dane"]
[{"$nulls":3},"DPH","základná",{"$f":"ROUND((SUM(BE129:BE183)),  2)","v":{"v":0,"d":"0.00"}},null,null,{"v":0.2,"d":"20.00%"},{"$f":"ROUND(((SUM(BE129:BE183))*I33),  2)","v":{"v":0,"d":"0.00"}}]
[{"$nulls":4},"znížená",{"$f":"ROUND((SUM(BF129:BF183)),  2)","v":{"v":17671.18,"d":"17,671.18"}},null,null,{"v":0.2,"d":"20.00%"},{"$f":"ROUND(((SUM(BF129:BF183))*I34),  2)","v":{"v":3534.24,"d":"3,534.24"}}]
[{"$nulls":4},"zákl. prenesená",{"$f":"ROUND((SUM(BG129:BG183)),  2)","v":{"v":0,"d":"0.00"}},null,null,{"v":0.2,"d":"20.00%"},{"$f":"0","v":{"v":0,"d":"0.00"}}]
[{"$nulls":4},"zníž. prenesená",{"$f":"ROUND((SUM(BH129:BH183)),  2)","v":{"v":0,"d":"0.00"}},null,null,{"v":0.2,"d":"20.00%"},{"$f":"0","v":{"v":0,"d":"0.00"}}]
[{"$nulls":4},"nulová",{"$f":"ROUND((SUM(BI129:BI183)),  2)","v":{"v":0,"d":"0.00"}},null,null,{"v":0,"d":"0.00%"},{"$f":"0","v":{"v":0,"d":"0.00"}}]
[]
[{"$nulls":3},"Cena s DPH",null,null,"v","EUR",null,{"$f":"SUM(J30:J37)","v":{"v":21205.42,"d":"21,205.42"}}]
{"$rows_empty":10}
[{"$nulls":3},"Projektant",null,null,"Spracovateľ"]
{"$rows_empty":10}
[{"$nulls":3},"Dátum a podpis:",null,"Pečiatka","Dátum a podpis:",null,null,"Pečiatka"]
[]
[]
[]
[{"$nulls":3},"Objednávateľ",null,null,"Zhotoviteľ"]
{"$rows_empty":10}
[{"$nulls":3},"Dátum a podpis:",null,"Pečiatka","Dátum a podpis:",null,null,"Pečiatka"]
[]
[]
[]
[]
[]
[null,null,"REKAPITULÁCIA ROZPOČTU"]
[]
[null,null,"Stavba:"]
[{"$nulls":4},{"$f":"E7","v":"Kópia - 20240118 - Stavebné úpravy priestorov kultúrneho domu "}]
[null,null,"Objekt:"]
[{"$nulls":4},{"$f":"E9","v":"3 - Úprava sociálnych zar..."}]
[]
[null,null,"Miesto:",null,null,{"$f":"F12","v":" "},null,null,"Dátum:",{"$f":"IF(J12=\"\",\"\",J12)","v":"2024-12-20"}]
[]
[null,null,"Objednávateľ:",null,null,{"$f":"E15","v":" "},null,null,"Projektant:",{"$f":"E21","v":" "}]
[null,null,"Zhotoviteľ:",null,null,{"$f":"IF(E18=\"\",\"\",E18)","v":"BETA FOUR s.r.o. "},null,null,"Spracovateľ:",{"$f":"E24","v":"Peter Lesák"}]
[]
[null,null,"Kód dielu - Popis",{"$nulls":6},"Cena celkom [EUR]"]
[]
[null,null,"Náklady z rozpočtu",{"$nulls":6},{"$f":"J129","v":{"v":17671.18,"d":"17,671.18"}},{"$nulls":36},"-1"]
[{"$nulls":3},"HSV - Práce a dodávky HSV",{"$nulls":5},{"$f":"J130","v":{"v":5525.900000000001,"d":"5,525.90"}}]
[{"$nulls":3},"    3 - Zvislé a kompletné konštrukcie",{"$nulls":5},{"$f":"J131","v":{"v":1335.3100000000002,"d":"1,335.31"}}]
[{"$nulls":3},"    6 - Úpravy povrchov, podlahy, osadenie",{"$nulls":5},{"$f":"J136","v":{"v":2638.8900000000003,"d":"2,638.89"}}]
[{"$nulls":3},"    9 - Ostatné konštrukcie a práce-búranie",{"$nulls":5},{"$f":"J144","v":{"v":1308.32,"d":"1,308.32"}}]
[{"$nulls":3},"    99 - Presun hmôt HSV",{"$nulls":5},{"$f":"J156","v":243.38}]
[{"$nulls":3},"PSV - Práce a dodávky PSV",{"$nulls":5},{"$f":"J158","v":{"v":9985.279999999999,"d":"9,985.28"}}]
[{"$nulls":3},"    763 - Konštrukcie - drevostavby",{"$nulls":5},{"$f":"J159","v":803.91}]
[{"$nulls":3},"    766 - Konštrukcie stolárske",{"$nulls":5},{"$f":"J163","v":{"v":2735.14,"d":"2,735.14"}}]
[{"$nulls":3},"    771 - Podlahy z dlaždíc",{"$nulls":5},{"$f":"J170","v":{"v":772.5,"d":"772.50"}}]
[{"$nulls":3},"    781 - Obklady",{"$nulls":5},{"$f":"J174","v":{"v":5602.59,"d":"5,602.59"}}]
[{"$nulls":3},"    784 - Maľby",{"$nulls":5},{"$f":"J178","v":71.14}]
[{"$nulls":3},"M - Práce a dodávky M",{"$nulls":5},{"$f":"J181","v":{"v":2160,"d":"2,160.00"}}]
[{"$nulls":3},"    21-M - Elektromontáže",{"$nulls":5},{"$f":"J182","v":{"v":2160,"d":"2,160.00"}}]
[]
[]
[]
[]
[]
[]
[null,null,"ROZPOČET"]
[]
[null,null,"Stavba:"]
[{"$nulls":4},{"$f":"E7","v":"Kópia - 20240118 - Stavebné úpravy priestorov kultúrneho domu "}]
[null,null,"Objekt:"]
[{"$nulls":4},{"$f":"E9","v":"3 - Úprava sociálnych zar..."}]
[]
[null,null,"Miesto:",null,null,{"$f":"F12","v":" "},null,null,"Dátum:",{"$f":"IF(J12=\"\",\"\",J12)","v":"2024-12-20"}]
[]
[null,null,"Objednávateľ:",null,null,{"$f":"E15","v":" "},null,null,"Projektant:",{"$f":"E21","v":" "}]
[null,null,"Zhotoviteľ:",null,null,{"$f":"IF(E18=\"\",\"\",E18)","v":"BETA FOUR s.r.o. "},null,null,"Spracovateľ:",{"$f":"E24","v":"Peter Lesák"}]
[]
[null,null,"PČ","Typ","Kód","Popis","MJ","Množstvo","J.cena [EUR]","Cena celkom [EUR]","Cenová sústava",null,"","DPH","J. Nh [h]","Nh celkom [h]","J. hmotnosť [t]","Hmotnosť celkom [t]","J. suť [t]","Suť Celkom [t]"]
[null,null,"Náklady z rozpočtu",{"$nulls":6},{"$f":"BK129","v":{"v":17671.18,"d":"17,671.18"}},{"$nulls":5},{"$f":"P130+P158+P181","v":{"v":0,"d":"0.00000"}},null,{"$f":"R130+R158+R181","v":{"v":0,"d":"0.00000"}},null,{"$f":"T130+T158+T181","v":{"v":0,"d":"0.00000"}},{"$nulls":25},"D","-1",{"$nulls":15},{"$f":"BK130+BK158+BK181","v":{"v":17671.18,"d":"17,671.18"}}]
[{"$nulls":3},"D","HSV","Práce a dodávky HSV",{"$nulls":3},{"$f":"BK130","v":{"v":5525.900000000001,"d":"5,525.90"}},{"$nulls":5},{"$f":"P131+P136+P144+P156","v":{"v":0,"d":"0.00000"}},null,{"$f":"R131+R136+R144+R156","v":{"v":0,"d":"0.00000"}},null,{"$f":"T131+T136+T144+T156","v":{"v":0,"d":"0.00000"}},{"$nulls":23},"1",null,"D","0",{"$nulls":3},"ROZPOCET",{"$nulls":11},{"$f":"BK131+BK136+BK144+BK156","v":{"v":5525.900000000001,"d":"5,525.90"}}]
[{"$nulls":3},"D","3","Zvislé a kompletné konštrukcie",{"$nulls":3},{"$f":"BK131","v":{"v":1335.3100000000002,"d":"1,335.31"}},{"$nulls":5},{"$f":"SUM(P132:P135)","v":{"v":0,"d":"0.00000"}},null,{"$f":"SUM(R132:R135)","v":{"v":0,"d":"0.00000"}},null,{"$f":"SUM(T132:T135)","v":{"v":0,"d":"0.00000"}},{"$nulls":23},"1",null,"D","1",{"$nulls":3},"ROZPOCET",{"$nulls":11},{"$f":"SUM(BK132:BK135)","v":{"v":1335.3100000000002,"d":"1,335.31"}}]
[null,null,"12","K","310238411.S","Zamurovanie otvoru s plochou nad 0.25 do 1 m2 v murive nadzákladného tehlami na maltu cementovú","m3",{"v":0.16,"d":"0.160"},398.25,{"$f":"ROUND(I132*H132,2)","v":63.72},null,null,"","znížená",{"v":0,"d":"0.00000"},{"$f":"O132*H132","v":{"v":0,"d":"0.00000"}},{"v":0,"d":"0.00000"},{"$f":"Q132*H132","v":{"v":0,"d":"0.00000"}},{"v":0,"d":"0.00000"},{"$f":"S132*H132","v":{"v":0,"d":"0.00000"}},{"$nulls":23},"4",null,"K","2",{"$nulls":3},"ROZPOCET",{"$nulls":5},{"$f":"IF(N132=\"základná\",J132,0)","v":{"v":0,"d":"0.00"}},{"$f":"IF(N132=\"znížená\",J132,0)","v":63.72},{"$f":"IF(N132=\"zákl. prenesená\",J132,0)","v":{"v":0,"d":"0.00"}},{"$f":"IF(N132=\"zníž. prenesená\",J132,0)","v":{"v":0,"d":"0.00"}},{"$f":"IF(N132=\"nulová\",J132,0)","v":{"v":0,"d":"0.00"}},"2",{"$f":"ROUND(I132*H132,2)","v":63.72},"4","2"]
[null,null,"13","K","317160152.S","Keramický preklad nenosný šírky 115 mm, výšky 71 mm, dĺžky 1250 mm","ks",{"v":7,"d":"7.000"},20.32,{"$f":"ROUND(I133*H133,2)","v":142.24},null,null,"","znížená",{"v":0,"d":"0.00000"},{"$f":"O133*H133","v":{"v":0,"d":"0.00000"}},{"v":0,"d":"0.00000"},{"$f":"Q133*H133","v":{"v":0,"d":"0.00000"}},{"v":0,"d":"0.00000"},{"$f":"S133*H133","v":{"v":0,"d":"0.00000"}},{"$nulls":23},"4",null,"K","2",{"$nulls":3},"ROZPOCET",{"$nulls":5},{"$f":"IF(N133=\"základná\",J133,0)","v":{"v":0,"d":"0.00"}},{"$f":"IF(N133=\"znížená\",J133,0)","v":142.24},{"$f":"IF(N133=\"zákl. prenesená\",J133,0)","v":{"v":0,"d":"0.00"}},{"$f":"IF(N133=\"zníž. prenesená\",J133,0)","v":{"v":0,"d":"0.00"}},{"$f":"IF(N133=\"nulová\",J133,0)","v":{"v":0,"d":"0.00"}},"2",{"$f":"ROUND(I133*H133,2)","v":142.24},"4","4"]
[null,null,"14","K","342240131.S","Priečky z tehál pálených dierovaných brúsených na pero a drážku hrúbky 100 mm, na maltu pre tenké škáry","m2",30.065,36.41,{"$f":"ROUND(I134*H134,2)","v":{"v":1094.67,"d":"1,094.67"}},null,null,"","znížená",{"v":0,"d":"0.00000"},{"$f":"O134*H134","v":{"v":0,"d":"0.00000"}},{"v":0,"d":"0.00000"},{"$f":"Q134*H134","v":{"v":0,"d":"0.00000"}},{"v":0,"d":"0.00000"},{"$f":"S134*H134","v":{"v":0,"d":"0.00000"}},{"$nulls":23},"4",null,"K","2",{"$nulls":3},"ROZPOCET",{"$nulls":5},{"$f":"IF(N134=\"základná\",J134,0)","v":{"v":0,"d":"0.00"}},{"$f":"IF(N134=\"znížená\",J134,0)","v":{"v":1094.67,"d":"1,094.67"}},{"$f":"IF(N134=\"zákl. prenesená\",J134,0)","v":{"v":0,"d":"0.00"}},{"$f":"IF(N134=\"zníž. prenesená\",J134,0)","v":{"v":0,"d":"0.00"}},{"$f":"IF(N134=\"nulová\",J134,0)","v":{"v":0,"d":"0.00"}},"2",{"$f":"ROUND(I134*H134,2)","v":{"v":1094.67,"d":"1,094.67"}},"4","6"]
[null,null,"15","K","342948115.S","Ukončenie priečok hr. do 100 mm ku konštrukciám polyuretánovou penou","m",{"v":14.39,"d":"14.390"},2.41,{"$f":"ROUND(I135*H135,2)","v":34.68},null,null,"","znížená",{"v":0,"d":"0.00000"},{"$f":"O135*H135","v":{"v":0,"d":"0.00000"}},{"v":0,"d":"0.00000"},{"$f":"Q135*H135","v":{"v":0,"d":"0.00000"}},{"v":0,"d":"0.00000"},{"$f":"S135*H135","v":{"v":0,"d":"0.00000"}},{"$nulls":23},"4",null,"K","2",{"$nulls":3},"ROZPOCET",{"$nulls":5},{"$f":"IF(N135=\"základná\",J135,0)","v":{"v":0,"d":"0.00"}},{"$f":"IF(N135=\"znížená\",J135,0)","v":34.68},{"$f":"IF(N135=\"zákl. prenesená\",J135,0)","v":{"v":0,"d":"0.00"}},{"$f":"IF(N135=\"zníž. prenesená\",J135,0)","v":{"v":0,"d":"0.00"}},{"$f":"IF(N135=\"nulová\",J135,0)","v":{"v":0,"d":"0.00"}},"2",{"$f":"ROUND(I135*H135,2)","v":34.68},"4","8"]
[{"$nulls":3},"D","6","Úpravy povrchov, podlahy, osadenie",{"$nulls":3},{"$f":"BK136","v":{"v":2638.8900000000003,"d":"2,638.89"}},{"$nulls":5},{"$f":"SUM(P137:P143)","v":{"v":0,"d":"0.00000"}},null,{"$f":"SUM(R137:R143)","v":{"v":0,"d":"0.00000"}},null,{"$f":"SUM(T137:T143)","v":{"v":0,"d":"0.00000"}},{"$nulls":23},"1",null,"D","1",{"$nulls":3},"ROZPOCET",{"$nulls":11},{"$f":"SUM(BK137:BK143)","v":{"v":2638.8900000000003,"d":"2,638.89"}}]
[null,null,"16","K","612460151.S","Príprava vnútorného podkladu stien cementovým prednástrekom, hr. 3 mm","m2",97.452,6.55,{"$f":"ROUND(I137*H137,2)","v":638.31},null,null,"","znížená",{"v":0,"d":"0.00000"},{"$f":"O137*H137","v":{"v":0,"d":"0.00000"}},{"v":0,"d":"0.00000"},{"$f":"Q137*H137","v":{"v":0,"d":"0.00000"}},{"v":0,"d":"0.00000"},{"$f":"S137*H137","v":{"v":0,"d":"0.00000"}},{"$nulls":23},"4",null,"K","2",{"$nulls":3},"ROZPOCET",{"$nulls":5},{"$f":"IF(N137=\"základná\",J137,0)","v":{"v":0,"d":"0.00"}},{"$f":"IF(N137=\"znížená\",J137,0)","v":638.31},{"$f":"IF(N137=\"zákl. prenesená\",J137,0)","v":{"v":0,"d":"0.00"}},{"$f":"IF(N137=\"zníž. prenesená\",J137,0)","v":{"v":0,"d":"0.00"}},{"$f":"IF(N137=\"nulová\",J137,0)","v":{"v":0,"d":"0.00"}},"2",{"$f":"ROUND(I137*H137,2)","v":638.31},"4","10"]
[null,null,"17","K","612460273.S","Vnútorná omietka stien sadrová, hr. 15 mm","m2",97.452,17.47,{"v":1702.49,"d":"1,702.49"},null,null,"","znížená",{"v":0,"d":"0.00000"},{"v":0,"d":"0.00000"},{"v":0,"d":"0.00000"},{"v":0,"d":"0.00000"},{"v":0,"d":"0.00000"},{"v":0,"d":"0.00000"},{"$nulls":23},"4",null,"K","2",{"$nulls":3},"ROZPOCET",{"$nulls":5},{"v":0,"d":"0.00"},{"v":1702.49,"d":"1,702.49"},{"v":0,"d":"0.00"},{"v":0,"d":"0.00"},{"v":0,"d":"0.00"},"2",{"v":1702.49,"d":"1,702.49"},"4","12"]
[null,null,"26","K","632001051.S","Zhotovenie jednonásobného penetračného náteru pre potery a stierky","m2",15.634,0.74,11.57,null,null,"","znížená",{"v":0,"d":"0.00000"},{"v":0,"d":"0.00000"},{"v":0,"d":"0.00000"},{"v":0,"d":"0.00000"},{"v":0,"d":"0.00000"},{"v":0,"d":"0.00000"},{"$nulls":23},"4",null,"K","2",{"$nulls":3},"ROZPOCET",{"$nulls":5},{"v":0,"d":"0.00"},11.57,{"v":0,"d":"0.00"},{"v":0,"d":"0.00"},{"v":0,"d":"0.00"},"2",11.57,"4","14"]
[null,null,"27","M","082110000200.S","Voda pitná pre priemysel a služby","m3",10.162,{"v":1.2,"d":"1.20"},12.19,null,null,"","znížená",{"v":0,"d":"0.00000"},{"v":0,"d":"0.00000"},{"v":0,"d":"0.00000"},{"v":0,"d":"0.00000"},{"v":0,"d":"0.00000"},{"v":0,"d":"0.00000"},{"$nulls":23},"8",null,"M","2",{"$nulls":3},"ROZPOCET",{"$nulls":5},{"v":0,"d":"0.00"},12.19,{"v":0,"d":"0.00"},{"v":0,"d":"0.00"},{"v":0,"d":"0.00"},"2",12.19,"4","16"]
[null,null,"28","M","585520008700.S","Penetračný náter na nasiakavé podklady pod potery, samonivelizačné hmoty a stavebné lepidlá","kg",5.472,5.22,28.56,null,null,"","znížená",{"v":0,"d":"0.00000"},{"v":0,"d":"0.00000"},{"v":0,"d":"0.00000"},{"v":0,"d":"0.00000"},{"v":0,"d":"0.00000"},{"v":0,"d":"0.00000"},{"$nulls":23},"8",null,"M","2",{"$nulls":3},"ROZPOCET",{"$nulls":5},{"v":0,"d":"0.00"},28.56,{"v":0,"d":"0.00"},{"v":0,"d":"0.00"},{"v":0,"d":"0.00"},"2",28.56,"4","18"]
[null,null,"29","K","632452644.S","Cementová samonivelizačná stierka, pevnosti v tlaku 25 MPa, hr. 5 mm","m2",15.634,14.24,222.63,null,null,"","znížená",{"v":0,"d":"0.00000"},{"v":0,"d":"0.00000"},{"v":0,"d":"0.00000"},{"v":0,"d":"0.00000"},{"v":0,"d":"0.00000"},{"v":0,"d":"0.00000"},{"$nulls":23},"4",null,"K","2",{"$nulls":3},"ROZPOCET",{"$nulls":5},{"v":0,"d":"0.00"},222.63,{"v":0,"d":"0.00"},{"v":0,"d":"0.00"},{"v":0,"d":"0.00"},"2",222.63,"4","20"]
[null,null,"30","K","776990105.S","Vysávanie podkladu pred kladením samonivelačnej hmoty","m2",15.634,1.48,23.14,null,null,"","znížená",{"v":0,"d":"0.00000"},{"v":0,"d":"0.00000"},{"v":0,"d":"0.00000"},{"v":0,"d":"0.00000"},{"v":0,"d":"0.00000"},{"v":0,"d":"0.00000"},{"$nulls":23},"4",null,"K","2",{"$nulls":3},"ROZPOCET",{"$nulls":5},{"v":0,"d":"0.00"},23.14,{"v":0,"d":"0.00"},{"v":0,"d":"0.00"},{"v":0,"d":"0.00"},"2",23.14,"4","22"]
[{"$nulls":3},"D","9","Ostatné konštrukcie a práce-búranie",{"$nulls":3},{"$f":"BK144","v":{"v":1308.32,"d":"1,308.32"}},{"$nulls":5},{"$f":"SUM(P145:P155)","v":{"v":0,"d":"0.00000"}},null,{"$f":"SUM(R145:R155)","v":{"v":0,"d":"0.00000"}},null,{"$f":"SUM(T145:T155)","v":{"v":0,"d":"0.00000"}},{"$nulls":23},"1",null,"D","1",{"$nulls":3},"ROZPOCET",{"$nulls":11},{"$f":"SUM(BK145:BK155)","v":{"v":1308.32,"d":"1,308.32"}}]
[null,null,"3","K","962032231.S","Búranie muriva alebo vybúranie otvorov plochy nad 4 m2 nadzákladového z tehál pálených, vápenopieskových, cementových na maltu,  -1,90500t","m3",2.117,32.89,{"$f":"ROUND(I145*H145,2)","v":69.63},null,null,"","znížená",{"v":0,"d":"0.00000"},{"$f":"O145*H145","v":{"v":0,"d":"0.00000"}},{"v":0,"d":"0.00000"},{"$f":"Q145*H145","v":{"v":0,"d":"0.00000"}},{"v":0,"d":"0.00000"},{"$f":"S145*H145","v":{"v":0,"d":"0.00000"}},{"$nulls":23},"4",null,"K","2",{"$nulls":3},"ROZPOCET",{"$nulls":5},{"$f":"IF(N145=\"základná\",J145,0)","v":{"v":0,"d":"0.00"}},{"$f":"IF(N145=\"znížená\",J145,0)","v":69.63},{"$f":"IF(N145=\"zákl. prenesená\",J145,0)","v":{"v":0,"d":"0.00"}},{"$f":"IF(N145=\"zníž. prenesená\",J145,0)","v":{"v":0,"d":"0.00"}},{"$f":"IF(N145=\"nulová\",J145,0)","v":{"v":0,"d":"0.00"}},"2",{"$f":"ROUND(I145*H145,2)","v":69.63},"4","24"]
[null,null,"11","K","965044201.S","Brúsenie existujúcich betónových podláh, zbrúsenie hrúbky do 3 mm -0,00600t","m2",17.872,7.76,138.69,null,null,"","znížená",{"v":0,"d":"0.00000"},{"v":0,"d":"0.00000"},{"v":0,"d":"0.00000"},{"v":0,"d":"0.00000"},{"v":0,"d":"0.00000"},{"v":0,"d":"0.00000"},{"$nulls":23},"4",null,"K","2",{"$nulls":3},"ROZPOCET",{"$nulls":5},{"v":0,"d":"0.00"},138.69,{"v":0,"d":"0.00"},{"v":0,"d":"0.00"},{"v":0,"d":"0.00"},"2",138.69,"4","26"]
[null,null,"10","K","965081712.S","Búranie dlažieb, bez podklad. lôžka z xylolit., alebo keramických dlaždíc hr. do 10 mm,  -0,02000t","m2",17.872,2.89,51.65,null,null,"","znížená",{"v":0,"d":"0.00000"},{"v":0,"d":"0.00000"},{"v":0,"d":"0.00000"},{"v":0,"d":"0.00000"},{"v":0,"d":"0.00000"},{"v":0,"d":"0.00000"},{"$nulls":23},"4",null,"K","2",{"$nulls":3},"ROZPOCET",{"$nulls":5},{"v":0,"d":"0.00"},51.65,{"v":0,"d":"0.00"},{"v":0,"d":"0.00"},{"v":0,"d":"0.00"},"2",51.65,"4","28"]
[null,null,"2","K","968071116.S","Demontáž dverí kovových, drevených, 1 bm obvodu - 0,005t","m",{"v":16.22,"d":"16.220"},6.46,104.78,null,null,"","znížená",{"v":0,"d":"0.00000"},{"v":0,"d":"0.00000"},{"v":0,"d":"0.00000"},{"v":0,"d":"0.00000"},{"v":0,"d":"0.00000"},{"v":0,"d":"0.00000"},{"$nulls":23},"4",null,"K","2",{"$nulls":3},"ROZPOCET",{"$nulls":5},{"v":0,"d":"0.00"},104.78,{"v":0,"d":"0.00"},{"v":0,"d":"0.00"},{"v":0,"d":"0.00"},"2",104.78,"4","30"]
[null,null,"1","K","978059531.S","Odsekanie a odobratie obkladov stien z obkladačiek vnútorných vrátane podkladovej omietky nad 2 m2,  -0,06800t","m2",{"v":35.94,"d":"35.940"},5.33,191.56,null,null,"","znížená",{"v":0,"d":"0.00000"},{"v":0,"d":"0.00000"},{"v":0,"d":"0.00000"},{"v":0,"d":"0.00000"},{"v":0,"d":"0.00000"},{"v":0,"d":"0.00000"},{"$nulls":23},"4",null,"K","2",{"$nulls":3},"ROZPOCET",{"$nulls":5},{"v":0,"d":"0.00"},191.56,{"v":0,"d":"0.00"},{"v":0,"d":"0.00"},{"v":0,"d":"0.00"},"2",191.56,"4","32"]
[null,null,"7","K","979081111.S","Odvoz sutiny a vybúraných hmôt na skládku do 1 km","t",7.023,16.68,117.14,null,null,"","znížená",{"v":0,"d":"0.00000"},{"v":0,"d":"0.00000"},{"v":0,"d":"0.00000"},{"v":0,"d":"0.00000"},{"v":0,"d":"0.00000"},{"v":0,"d":"0.00000"},{"$nulls":23},"4",null,"K","2",{"$nulls":3},"ROZPOCET",{"$nulls":5},{"v":0,"d":"0.00"},117.14,{"v":0,"d":"0.00"},{"v":0,"d":"0.00"},{"v":0,"d":"0.00"},"2",117.14,"4","34"]
[null,null,"8","K","979081121.S","Odvoz sutiny a vybúraných hmôt na skládku za každý ďalší 1 km","t",7.023,{"v":0.5,"d":"0.50"},3.51,null,null,"","znížená",{"v":0,"d":"0.00000"},{"v":0,"d":"0.00000"},{"v":0,"d":"0.00000"},{"v":0,"d":"0.00000"},{"v":0,"d":"0.00000"},{"v":0,"d":"0.00000"},{"$nulls":23},"4",null,"K","2",{"$nulls":3},"ROZPOCET",{"$nulls":5},{"v":0,"d":"0.00"},3.51,{"v":0,"d":"0.00"},{"v":0,"d":"0.00"},{"v":0,"d":"0.00"},"2",3.51,"4","36"]
[null,null,"5","K","979082111.S","Vnútrostavenisková doprava sutiny a vybúraných hmôt do 10 m","t",7.023,14.05,98.67,null,null,"","znížená",{"v":0,"d":"0.00000"},{"v":0,"d":"0.00000"},{"v":0,"d":"0.00000"},{"v":0,"d":"0.00000"},{"v":0,"d":"0.00000"},{"v":0,"d":"0.00000"},{"$nulls":23},"4",null,"K","2",{"$nulls":3},"ROZPOCET",{"$nulls":5},{"v":0,"d":"0.00"},98.67,{"v":0,"d":"0.00"},{"v":0,"d":"0.00"},{"v":0,"d":"0.00"},"2",98.67,"4","38"]
[null,null,"6","K","979082121.S","Vnútrostavenisková doprava sutiny a vybúraných hmôt za každých ďalších 5 m","t",14.046,1.58,22.19,null,null,"","znížená",{"v":0,"d":"0.00000"},{"v":0,"d":"0.00000"},{"v":0,"d":"0.00000"},{"v":0,"d":"0.00000"},{"v":0,"d":"0.00000"},{"v":0,"d":"0.00000"},{"$nulls":23},"4",null,"K","2",{"$nulls":3},"ROZPOCET",{"$nulls":5},{"v":0,"d":"0.00"},22.19,{"v":0,"d":"0.00"},{"v":0,"d":"0.00"},{"v":0,"d":"0.00"},"2",22.19,"4","40"]
[null,null,"4","K","979087112.S","Nakladanie na dopravný prostriedok pre vodorovnú dopravu sutiny","t",7.023,5.69,39.96,null,null,"","znížená",{"v":0,"d":"0.00000"},{"v":0,"d":"0.00000"},{"v":0,"d":"0.00000"},{"v":0,"d":"0.00000"},{"v":0,"d":"0.00000"},{"v":0,"d":"0.00000"},{"$nulls":23},"4",null,"K","2",{"$nulls":3},"ROZPOCET",{"$nulls":5},{"v":0,"d":"0.00"},39.96,{"v":0,"d":"0.00"},{"v":0,"d":"0.00"},{"v":0,"d":"0.00"},"2",39.96,"4","42"]
[null,null,"9","K","979089012.S","Poplatok za skládku - betón, tehly, dlaždice (17 01) ostatné","t",7.023,{"v":67,"d":"67.00"},470.54,null,null,"","znížená",{"v":0,"d":"0.00000"},{"v":0,"d":"0.00000"},{"v":0,"d":"0.00000"},{"v":0,"d":"0.00000"},{"v":0,"d":"0.00000"},{"v":0,"d":"0.00000"},{"$nulls":23},"4",null,"K","2",{"$nulls":3},"ROZPOCET",{"$nulls":5},{"v":0,"d":"0.00"},470.54,{"v":0,"d":"0.00"},{"v":0,"d":"0.00"},{"v":0,"d":"0.00"},"2",470.54,"4","44"]
[{"$nulls":3},"D","99","Presun hmôt HSV",{"$nulls":3},{"$f":"BK156","v":243.38},{"$nulls":5},{"$f":"P157","v":{"v":0,"d":"0.00000"}},null,{"$f":"R157","v":{"v":0,"d":"0.00000"}},null,{"$f":"T157","v":{"v":0,"d":"0.00000"}},{"$nulls":23},"1",null,"D","1",{"$nulls":3},"ROZPOCET",{"$nulls":11},{"$f":"BK157","v":243.38}]
[null,null,"42","K","999281111.S","Presun hmôt pre opravy a údržbu objektov vrátane vonkajších plášťov výšky do 25 m","t",5.016,48.52,{"$f":"ROUND(I157*H157,2)","v":243.38},null,null,"","znížená",{"v":0,"d":"0.00000"},{"$f":"O157*H157","v":{"v":0,"d":"0.00000"}},{"v":0,"d":"0.00000"},{"$f":"Q157*H157","v":{"v":0,"d":"0.00000"}},{"v":0,"d":"0.00000"},{"$f":"S157*H157","v":{"v":0,"d":"0.00000"}},{"$nulls":23},"4",null,"K","2",{"$nulls":3},"ROZPOCET",{"$nulls":5},{"$f":"IF(N157=\"základná\",J157,0)","v":{"v":0,"d":"0.00"}},{"$f":"IF(N157=\"znížená\",J157,0)","v":243.38},{"$f":"IF(N157=\"zákl. prenesená\",J157,0)","v":{"v":0,"d":"0.00"}},{"$f":"IF(N157=\"zníž. prenesená\",J157,0)","v":{"v":0,"d":"0.00"}},{"$f":"IF(N157=\"nulová\",J157,0)","v":{"v":0,"d":"0.00"}},"2",{"$f":"ROUND(I157*H157,2)","v":243.38},"4","46"]
[{"$nulls":3},"D","PSV","Práce a dodávky PSV",{"$nulls":3},{"$f":"BK158","v":{"v":9985.279999999999,"d":"9,985.28"}},{"$nulls":5},{"$f":"P159+P163+P170+P174+P178","v":{"v":0,"d":"0.00000"}},null,{"$f":"R159+R163+R170+R174+R178","v":{"v":0,"d":"0.00000"}},null,{"$f":"T159+T163+T170+T174+T178","v":{"v":0,"d":"0.00000"}},{"$nulls":23},"2",null,"D","0",{"$nulls":3},"ROZPOCET",{"$nulls":11},{"$f":"BK159+BK163+BK170+BK174+BK178","v":{"v":9985.279999999999,"d":"9,985.28"}}]
[{"$nulls":3},"D","763","Konštrukcie - drevostavby",{"$nulls":3},{"$f":"BK159","v":803.91},{"$nulls":5},{"$f":"SUM(P160:P162)","v":{"v":0,"d":"0.00000"}},null,{"$f":"SUM(R160:R162)","v":{"v":0,"d":"0.00000"}},null,{"$f":"SUM(T160:T162)","v":{"v":0,"d":"0.00000"}},{"$nulls":23},"2",null,"D","1",{"$nulls":3},"ROZPOCET",{"$nulls":11},{"$f":"SUM(BK160:BK162)","v":803.91}]
[null,null,"25","K","763120010.S","Sadrokartónová inštalačná predstena pre sanitárne zariadenia, kca CD+UD, jednoducho opláštená doskou impregnovanou H2 12,5 mm","m2",6.815,41.35,{"$f":"ROUND(I160*H160,2)","v":{"v":281.8,"d":"281.80"}},null,null,"","znížená",{"v":0,"d":"0.00000"},{"$f":"O160*H160","v":{"v":0,"d":"0.00000"}},{"v":0,"d":"0.00000"},{"$f":"Q160*H160","v":{"v":0,"d":"0.00000"}},{"v":0,"d":"0.00000"},{"$f":"S160*H160","v":{"v":0,"d":"0.00000"}},{"$nulls":23},"16",null,"K","2",{"$nulls":3},"ROZPOCET",{"$nulls":5},{"$f":"IF(N160=\"základná\",J160,0)","v":{"v":0,"d":"0.00"}},{"$f":"IF(N160=\"znížená\",J160,0)","v":{"v":281.8,"d":"281.80"}},{"$f":"IF(N160=\"zákl. prenesená\",J160,0)","v":{"v":0,"d":"0.00"}},{"$f":"IF(N160=\"zníž. prenesená\",J160,0)","v":{"v":0,"d":"0.00"}},{"$f":"IF(N160=\"nulová\",J160,0)","v":{"v":0,"d":"0.00"}},"2",{"$f":"ROUND(I160*H160,2)","v":{"v":281.8,"d":"281.80"}},"16","48"]
[null,null,"24","K","763138222.S","Podhľad SDK závesný na dvojúrovňovej oceľovej podkonštrukcií CD+UD, doska impregnovaná H2 12.5 mm","m2",15.634,32.21,{"$f":"ROUND(I161*H161,2)","v":503.57},null,null,"","znížená",{"v":0,"d":"0.00000"},{"$f":"O161*H161","v":{"v":0,"d":"0.00000"}},{"v":0,"d":"0.00000"},{"$f":"Q161*H161","v":{"v":0,"d":"0.00000"}},{"v":0,"d":"0.00000"},{"$f":"S161*H161","v":{"v":0,"d":"0.00000"}},{"$nulls":23},"16",null,"K","2",{"$nulls":3},"ROZPOCET",{"$nulls":5},{"$f":"IF(N161=\"základná\",J161,0)","v":{"v":0,"d":"0.00"}},{"$f":"IF(N161=\"znížená\",J161,0)","v":503.57},{"$f":"IF(N161=\"zákl. prenesená\",J161,0)","v":{"v":0,"d":"0.00"}},{"$f":"IF(N161=\"zníž. prenesená\",J161,0)","v":{"v":0,"d":"0.00"}},{"$f":"IF(N161=\"nulová\",J161,0)","v":{"v":0,"d":"0.00"}},"2",{"$f":"ROUND(I161*H161,2)","v":503.57},"16","50"]
[null,null,"41","K","998763301.S","Presun hmôt pre sadrokartónové konštrukcie v objektoch výšky do 7 m","t",0.271,68.42,{"$f":"ROUND(I162*H162,2)","v":18.54},null,null,"","znížená",{"v":0,"d":"0.00000"},{"$f":"O162*H162","v":{"v":0,"d":"0.00000"}},{"v":0,"d":"0.00000"},{"$f":"Q162*H162","v":{"v":0,"d":"0.00000"}},{"v":0,"d":"0.00000"},{"$f":"S162*H162","v":{"v":0,"d":"0.00000"}},{"$nulls":23},"16",null,"K","2",{"$nulls":3},"ROZPOCET",{"$nulls":5},{"$f":"IF(N162=\"základná\",J162,0)","v":{"v":0,"d":"0.00"}},{"$f":"IF(N162=\"znížená\",J162,0)","v":18.54},{"$f":"IF(N162=\"zákl. prenesená\",J162,0)","v":{"v":0,"d":"0.00"}},{"$f":"IF(N162=\"zníž. prenesená\",J162,0)","v":{"v":0,"d":"0.00"}},{"$f":"IF(N162=\"nulová\",J162,0)","v":{"v":0,"d":"0.00"}},"2",{"$f":"ROUND(I162*H162,2)","v":18.54},"16","52"]
[{"$nulls":3},"D","766","Konštrukcie stolárske",{"$nulls":3},{"$f":"BK163","v":{"v":2735.14,"d":"2,735.14"}},{"$nulls":5},{"$f":"SUM(P164:P169)","v":{"v":0,"d":"0.00000"}},null,{"$f":"SUM(R164:R169)","v":{"v":0,"d":"0.00000"}},null,{"$f":"SUM(T164:T169)","v":{"v":0,"d":"0.00000"}},{"$nulls":23},"2",null,"D","1",{"$nulls":3},"ROZPOCET",{"$nulls":11},{"$f":"SUM(BK164:BK169)","v":{"v":2735.14,"d":"2,735.14"}}]
[null,null,"34","K","766662112.S","Montáž dverového krídla otočného jednokrídlového poldrážkového, do existujúcej zárubne, vrátane kovania","ks",{"v":7,"d":"7.000"},26.83,{"$f":"ROUND(I164*H164,2)","v":187.81},null,null,"","znížená",{"v":0,"d":"0.00000"},{"$f":"O164*H164","v":{"v":0,"d":"0.00000"}},{"v":0,"d":"0.00000"},{"$f":"Q164*H164","v":{"v":0,"d":"0.00000"}},{"v":0,"d":"0.00000"},{"$f":"S164*H164","v":{"v":0,"d":"0.00000"}},{"$nulls":23},"16",null,"K","2",{"$nulls":3},"ROZPOCET",{"$nulls":5},{"$f":"IF(N164=\"základná\",J164,0)","v":{"v":0,"d":"0.00"}},{"$f":"IF(N164=\"znížená\",J164,0)","v":187.81},{"$f":"IF(N164=\"zákl. prenesená\",J164,0)","v":{"v":0,"d":"0.00"}},{"$f":"IF(N164=\"zníž. prenesená\",J164,0)","v":{"v":0,"d":"0.00"}},{"$f":"IF(N164=\"nulová\",J164,0)","v":{"v":0,"d":"0.00"}},"2",{"$f":"ROUND(I164*H164,2)","v":187.81},"16","54"]
[null,null,"35","M","549150000600.S","Kľučka dverová a rozeta 2x, nehrdzavejúca oceľ, povrch nerez brúsený","ks",{"v":7,"d":"7.000"},{"v":23.1,"d":"23.10"},{"v":161.7,"d":"161.70"},null,null,"","znížená",{"v":0,"d":"0.00000"},{"v":0,"d":"0.00000"},{"v":0,"d":"0.00000"},{"v":0,"d":"0.00000"},{"v":0,"d":"0.00000"},{"v":0,"d":"0.00000"},{"$nulls":23},"32",null,"M","2",{"$nulls":3},"ROZPOCET",{"$nulls":5},{"v":0,"d":"0.00"},{"v":161.7,"d":"161.70"},{"v":0,"d":"0.00"},{"v":0,"d":"0.00"},{"v":0,"d":"0.00"},"2",{"v":161.7,"d":"161.70"},"16","56"]
[null,null,"36","M","611610000400.S","Dvere vnútorné jednokrídlové, šírka 600-900 mm, výplň papierová voština, povrch fólia, plné","ks",{"v":7,"d":"7.000"},137.83,964.81,null,null,"","znížená",{"v":0,"d":"0.00000"},{"v":0,"d":"0.00000"},{"v":0,"d":"0.00000"},{"v":0,"d":"0.00000"},{"v":0,"d":"0.00000"},{"v":0,"d":"0.00000"},{"$nulls":23},"32",null,"M","2",{"$nulls":3},"ROZPOCET",{"$nulls":5},{"v":0,"d":"0.00"},964.81,{"v":0,"d":"0.00"},{"v":0,"d":"0.00"},{"v":0,"d":"0.00"},"2",964.81,"16","58"]
[null,null,"37","K","766702111.S","Montáž zárubní obložkových pre dvere jednokrídlové","ks",{"v":7,"d":"7.000"},75.17,526.19,null,null,"","znížená",{"v":0,"d":"0.00000"},{"v":0,"d":"0.00000"},{"v":0,"d":"0.00000"},{"v":0,"d":"0.00000"},{"v":0,"d":"0.00000"},{"v":0,"d":"0.00000"},{"$nulls":23},"16",null,"K","2",{"$nulls":3},"ROZPOCET",{"$nulls":5},{"v":0,"d":"0.00"},526.19,{"v":0,"d":"0.00"},{"v":0,"d":"0.00"},{"v":0,"d":"0.00"},"2",526.19,"16","60"]
[null,null,"38","M","611810002200.S","Zárubňa vnútorná obložková, šírka 600-900 mm, výška 1970 mm, DTD doska, povrch fólia, pre stenu hrúbky 60-170 mm, pre jednokrídlové dvere","ks",{"v":7,"d":"7.000"},{"v":126.1,"d":"126.10"},{"v":882.7,"d":"882.70"},null,null,"","znížená",{"v":0,"d":"0.00000"},{"v":0,"d":"0.00000"},{"v":0,"d":"0.00000"},{"v":0,"d":"0.00000"},{"v":0,"d":"0.00000"},{"v":0,"d":"0.00000"},{"$nulls":23},"32",null,"M","2",{"$nulls":3},"ROZPOCET",{"$nulls":5},{"v":0,"d":"0.00"},{"v":882.7,"d":"882.70"},{"v":0,"d":"0.00"},{"v":0,"d":"0.00"},{"v":0,"d":"0.00"},"2",{"v":882.7,"d":"882.70"},"16","62"]
[null,null,"40","K","998766101.S","Presun hmot pre konštrukcie stolárske v objektoch výšky do 6 m","t",{"v":0.29,"d":"0.290"},41.14,11.93,null,null,"","znížená",{"v":0,"d":"0.00000"},{"v":0,"d":"0.00000"},{"v":0,"d":"0.00000"},{"v":0,"d":"0.00000"},{"v":0,"d":"0.00000"},{"v":0,"d":"0.00000"},{"$nulls":23},"16",null,"K","2",{"$nulls":3},"ROZPOCET",{"$nulls":5},{"v":0,"d":"0.00"},11.93,{"v":0,"d":"0.00"},{"v":0,"d":"0.00"},{"v":0,"d":"0.00"},"2",11.93,"16","64"]
[{"$nulls":3},"D","771","Podlahy z dlaždíc",{"$nulls":3},{"$f":"BK170","v":{"v":772.5,"d":"772.50"}},{"$nulls":5},{"$f":"SUM(P171:P173)","v":{"v":0,"d":"0.00000"}},null,{"$f":"SUM(R171:R173)","v":{"v":0,"d":"0.00000"}},null,{"$f":"SUM(T171:T173)","v":{"v":0,"d":"0.00000"}},{"$nulls":23},"2",null,"D","1",{"$nulls":3},"ROZPOCET",{"$nulls":11},{"$f":"SUM(BK171:BK173)","v":{"v":772.5,"d":"772.50"}}]
[null,null,"31","K","771571112.S","Montáž podláh z dlaždíc keramických do malty","m2",15.634,23.54,{"$f":"ROUND(I171*H171,2)","v":368.02},null,null,"","znížená",{"v":0,"d":"0.00000"},{"$f":"O171*H171","v":{"v":0,"d":"0.00000"}},{"v":0,"d":"0.00000"},{"$f":"Q171*H171","v":{"v":0,"d":"0.00000"}},{"v":0,"d":"0.00000"},{"$f":"S171*H171","v":{"v":0,"d":"0.00000"}},{"$nulls":23},"16",null,"K","2",{"$nulls":3},"ROZPOCET",{"$nulls":5},{"$f":"IF(N171=\"základná\",J171,0)","v":{"v":0,"d":"0.00"}},{"$f":"IF(N171=\"znížená\",J171,0)","v":368.02},{"$f":"IF(N171=\"zákl. prenesená\",J171,0)","v":{"v":0,"d":"0.00"}},{"$f":"IF(N171=\"zníž. prenesená\",J171,0)","v":{"v":0,"d":"0.00"}},{"$f":"IF(N171=\"nulová\",J171,0)","v":{"v":0,"d":"0.00"}},"2",{"$f":"ROUND(I171*H171,2)","v":368.02},"16","66"]
[null,null,"32","M","597740001600.S","Dlaždice keramické - podľa výberu investora","m2",17.197,{"v":21.8,"d":"21.80"},{"$f":"ROUND(I172*H172,2)","v":374.89},null,null,"","znížená",{"v":0,"d":"0.00000"},{"$f":"O172*H172","v":{"v":0,"d":"0.00000"}},{"v":0,"d":"0.00000"},{"$f":"Q172*H172","v":{"v":0,"d":"0.00000"}},{"v":0,"d":"0.00000"},{"$f":"S172*H172","v":{"v":0,"d":"0.00000"}},{"$nulls":23},"32",null,"M","2",{"$nulls":3},"ROZPOCET",{"$nulls":5},{"$f":"IF(N172=\"základná\",J172,0)","v":{"v":0,"d":"0.00"}},{"$f":"IF(N172=\"znížená\",J172,0)","v":374.89},{"$f":"IF(N172=\"zákl. prenesená\",J172,0)","v":{"v":0,"d":"0.00"}},{"$f":"IF(N172=\"zníž. prenesená\",J172,0)","v":{"v":0,"d":"0.00"}},{"$f":"IF(N172=\"nulová\",J172,0)","v":{"v":0,"d":"0.00"}},"2",{"$f":"ROUND(I172*H172,2)","v":374.89},"16","68"]
[null,null,"33","K","998771101.S","Presun hmôt pre podlahy z dlaždíc v objektoch výšky do 6m","t",{"v":1,"d":"1.000"},29.59,{"$f":"ROUND(I173*H173,2)","v":29.59},null,null,"","znížená",{"v":0,"d":"0.00000"},{"$f":"O173*H173","v":{"v":0,"d":"0.00000"}},{"v":0,"d":"0.00000"},{"$f":"Q173*H173","v":{"v":0,"d":"0.00000"}},{"v":0,"d":"0.00000"},{"$f":"S173*H173","v":{"v":0,"d":"0.00000"}},{"$nulls":23},"16",null,"K","2",{"$nulls":3},"ROZPOCET",{"$nulls":5},{"$f":"IF(N173=\"základná\",J173,0)","v":{"v":0,"d":"0.00"}},{"$f":"IF(N173=\"znížená\",J173,0)","v":29.59},{"$f":"IF(N173=\"zákl. prenesená\",J173,0)","v":{"v":0,"d":"0.00"}},{"$f":"IF(N173=\"zníž. prenesená\",J173,0)","v":{"v":0,"d":"0.00"}},{"$f":"IF(N173=\"nulová\",J173,0)","v":{"v":0,"d":"0.00"}},"2",{"$f":"ROUND(I173*H173,2)","v":29.59},"16","70"]
[{"$nulls":3},"D","781","Obklady",{"$nulls":3},{"$f":"BK174","v":{"v":5602.59,"d":"5,602.59"}},{"$nulls":5},{"$f":"SUM(P175:P177)","v":{"v":0,"d":"0.00000"}},null,{"$f":"SUM(R175:R177)","v":{"v":0,"d":"0.00000"}},null,{"$f":"SUM(T175:T177)","v":{"v":0,"d":"0.00000"}},{"$nulls":23},"2",null,"D","1",{"$nulls":3},"ROZPOCET",{"$nulls":11},{"$f":"SUM(BK175:BK177)","v":{"v":5602.59,"d":"5,602.59"}}]
[null,null,"22","K","781445210.S","Montáž obkladov vnútor. stien z obkladačiek kladených do tmelu flexibilného veľ. 300x300 mm","m2",97.452,27.45,{"$f":"ROUND(I175*H175,2)","v":{"v":2675.06,"d":"2,675.06"}},null,null,"","znížená",{"v":0,"d":"0.00000"},{"$f":"O175*H175","v":{"v":0,"d":"0.00000"}},{"v":0,"d":"0.00000"},{"$f":"Q175*H175","v":{"v":0,"d":"0.00000"}},{"v":0,"d":"0.00000"},{"$f":"S175*H175","v":{"v":0,"d":"0.00000"}},{"$nulls":23},"16",null,"K","2",{"$nulls":3},"ROZPOCET",{"$nulls":5},{"$f":"IF(N175=\"základná\",J175,0)","v":{"v":0,"d":"0.00"}},{"$f":"IF(N175=\"znížená\",J175,0)","v":{"v":2675.06,"d":"2,675.06"}},{"$f":"IF(N175=\"zákl. prenesená\",J175,0)","v":{"v":0,"d":"0.00"}},{"$f":"IF(N175=\"zníž. prenesená\",J175,0)","v":{"v":0,"d":"0.00"}},{"$f":"IF(N175=\"nulová\",J175,0)","v":{"v":0,"d":"0.00"}},"2",{"$f":"ROUND(I175*H175,2)","v":{"v":2675.06,"d":"2,675.06"}},"16","72"]
[null,null,"23","M","597740000900.S","Obklad keramický - podľa výberu invesotra","m2",107.197,26.88,{"$f":"ROUND(I176*H176,2)","v":{"v":2881.46,"d":"2,881.46"}},null,null,"","znížená",{"v":0,"d":"0.00000"},{"$f":"O176*H176","v":{"v":0,"d":"0.00000"}},{"v":0,"d":"0.00000"},{"$f":"Q176*H176","v":{"v":0,"d":"0.00000"}},{"v":0,"d":"0.00000"},{"$f":"S176*H176","v":{"v":0,"d":"0.00000"}},{"$nulls":23},"32",null,"M","2",{"$nulls":3},"ROZPOCET",{"$nulls":5},{"$f":"IF(N176=\"základná\",J176,0)","v":{"v":0,"d":"0.00"}},{"$f":"IF(N176=\"znížená\",J176,0)","v":{"v":2881.46,"d":"2,881.46"}},{"$f":"IF(N176=\"zákl. prenesená\",J176,0)","v":{"v":0,"d":"0.00"}},{"$f":"IF(N176=\"zníž. prenesená\",J176,0)","v":{"v":0,"d":"0.00"}},{"$f":"IF(N176=\"nulová\",J176,0)","v":{"v":0,"d":"0.00"}},"2",{"$f":"ROUND(I176*H176,2)","v":{"v":2881.46,"d":"2,881.46"}},"16","74"]
[null,null,"39","K","998781101.S","Presun hmôt pre obklady keramické v objektoch výšky do 6 m","t",1.557,29.59,{"$f":"ROUND(I177*H177,2)","v":46.07},null,null,"","znížená",{"v":0,"d":"0.00000"},{"$f":"O177*H177","v":{"v":0,"d":"0.00000"}},{"v":0,"d":"0.00000"},{"$f":"Q177*H177","v":{"v":0,"d":"0.00000"}},{"v":0,"d":"0.00000"},{"$f":"S177*H177","v":{"v":0,"d":"0.00000"}},{"$nulls":23},"16",null,"K","2",{"$nulls":3},"ROZPOCET",{"$nulls":5},{"$f":"IF(N177=\"základná\",J177,0)","v":{"v":0,"d":"0.00"}},{"$f":"IF(N177=\"znížená\",J177,0)","v":46.07},{"$f":"IF(N177=\"zákl. prenesená\",J177,0)","v":{"v":0,"d":"0.00"}},{"$f":"IF(N177=\"zníž. prenesená\",J177,0)","v":{"v":0,"d":"0.00"}},{"$f":"IF(N177=\"nulová\",J177,0)","v":{"v":0,"d":"0.00"}},"2",{"$f":"ROUND(I177*H177,2)","v":46.07},"16","76"]
[{"$nulls":3},"D","784","Maľby",{"$nulls":3},{"$f":"BK178","v":71.14},{"$nulls":5},{"$f":"SUM(P179:P180)","v":{"v":0,"d":"0.00000"}},null,{"$f":"SUM(R179:R180)","v":{"v":0,"d":"0.00000"}},null,{"$f":"SUM(T179:T180)","v":{"v":0,"d":"0.00000"}},{"$nulls":23},"2",null,"D","1",{"$nulls":3},"ROZPOCET",{"$nulls":11},{"$f":"SUM(BK179:BK180)","v":71.14}]
[null,null,"20","K","784410100.S","Penetrovanie jednonásobné jemnozrnných podkladov výšky do 3,80 m","m2",15.634,1.43,{"$f":"ROUND(I179*H179,2)","v":22.36},null,null,"","znížená",{"v":0,"d":"0.00000"},{"$f":"O179*H179","v":{"v":0,"d":"0.00000"}},{"v":0,"d":"0.00000"},{"$f":"Q179*H179","v":{"v":0,"d":"0.00000"}},{"v":0,"d":"0.00000"},{"$f":"S179*H179","v":{"v":0,"d":"0.00000"}},{"$nulls":23},"16",null,"K","2",{"$nulls":3},"ROZPOCET",{"$nulls":5},{"$f":"IF(N179=\"základná\",J179,0)","v":{"v":0,"d":"0.00"}},{"$f":"IF(N179=\"znížená\",J179,0)","v":22.36},{"$f":"IF(N179=\"zákl. prenesená\",J179,0)","v":{"v":0,"d":"0.00"}},{"$f":"IF(N179=\"zníž. prenesená\",J179,0)","v":{"v":0,"d":"0.00"}},{"$f":"IF(N179=\"nulová\",J179,0)","v":{"v":0,"d":"0.00"}},"2",{"$f":"ROUND(I179*H179,2)","v":22.36},"16","78"]
[null,null,"21","K","784422271.S","Maľby vápenné základné dvojnásobné, ručne nanášané na jemnozrnný podklad výšky do 3,80 m","m2",15.634,3.12,{"$f":"ROUND(I180*H180,2)","v":48.78},null,null,"","znížená",{"v":0,"d":"0.00000"},{"$f":"O180*H180","v":{"v":0,"d":"0.00000"}},{"v":0,"d":"0.00000"},{"$f":"Q180*H180","v":{"v":0,"d":"0.00000"}},{"v":0,"d":"0.00000"},{"$f":"S180*H180","v":{"v":0,"d":"0.00000"}},{"$nulls":23},"16",null,"K","2",{"$nulls":3},"ROZPOCET",{"$nulls":5},{"$f":"IF(N180=\"základná\",J180,0)","v":{"v":0,"d":"0.00"}},{"$f":"IF(N180=\"znížená\",J180,0)","v":48.78},{"$f":"IF(N180=\"zákl. prenesená\",J180,0)","v":{"v":0,"d":"0.00"}},{"$f":"IF(N180=\"zníž. prenesená\",J180,0)","v":{"v":0,"d":"0.00"}},{"$f":"IF(N180=\"nulová\",J180,0)","v":{"v":0,"d":"0.00"}},"2",{"$f":"ROUND(I180*H180,2)","v":48.78},"16","80"]
[{"$nulls":3},"D","M","Práce a dodávky M",{"$nulls":3},{"$f":"BK181","v":{"v":2160,"d":"2,160.00"}},{"$nulls":5},{"$f":"P182","v":{"v":0,"d":"0.00000"}},null,{"$f":"R182","v":{"v":0,"d":"0.00000"}},null,{"$f":"T182","v":{"v":0,"d":"0.00000"}},{"$nulls":23},"3",null,"D","0",{"$nulls":3},"ROZPOCET",{"$nulls":11},{"$f":"BK182","v":{"v":2160,"d":"2,160.00"}}]
[{"$nulls":3},"D","21-M","Elektromontáže",{"$nulls":3},{"$f":"BK182","v":{"v":2160,"d":"2,160.00"}},{"$nulls":5},{"$f":"P183","v":{"v":0,"d":"0.00000"}},null,{"$f":"R183","v":{"v":0,"d":"0.00000"}},null,{"$f":"T183","v":{"v":0,"d":"0.00000"}},{"$nulls":23},"3",null,"D","1",{"$nulls":3},"ROZPOCET",{"$nulls":11},{"$f":"BK183","v":{"v":2160,"d":"2,160.00"}}]
[null,null,"43","K","210011230.S","Zhotovenie elektroinštalácie ( rozvody, ističe,osvetlenie,prepoj)","eur",{"v":2000,"d":"2,000.000"},1.08,{"$f":"ROUND(I183*H183,2)","v":{"v":2160,"d":"2,160.00"}},null,null,"","znížená",{"v":0,"d":"0.00000"},{"$f":"O183*H183","v":{"v":0,"d":"0.00000"}},{"v":0,"d":"0.00000"},{"$f":"Q183*H183","v":{"v":0,"d":"0.00000"}},{"v":0,"d":"0.00000"},{"$f":"S183*H183","v":{"v":0,"d":"0.00000"}},{"$nulls":23},"64",null,"K","2",{"$nulls":3},"ROZPOCET",{"$nulls":5},{"$f":"IF(N183=\"základná\",J183,0)","v":{"v":0,"d":"0.00"}},{"$f":"IF(N183=\"znížená\",J183,0)","v":{"v":2160,"d":"2,160.00"}},{"$f":"IF(N183=\"zákl. prenesená\",J183,0)","v":{"v":0,"d":"0.00"}},{"$f":"IF(N183=\"zníž. prenesená\",J183,0)","v":{"v":0,"d":"0.00"}},{"$f":"IF(N183=\"nulová\",J183,0)","v":{"v":0,"d":"0.00"}},"2",{"$f":"ROUND(I183*H183,2)","v":{"v":2160,"d":"2,160.00"}},"64","82"]

{"sheet":"4 - Zdravotechnika","index":4,"n_rows":186,"n_cols":65,"rows_kept":186,"merged":[[1,11,1,21],[6,4,6,7],[8,4,8,7],[17,4,17,7],[26,4,26,7],[84,4,84,7],[86,4,86,7],[113,4,113,7],[115,4,115,7]]}
[]
[{"$nulls":11},">>  skryté stĺpce  <<",{"$nulls":33},"{df5aeaa3-b9a3-4d93-94ef-42911a3636c2}"]
[{"$nulls":45},"0"]
[{"$nulls":3},"KRYCÍ LIST ROZPOČTU",{"$nulls":8},"v ---  nižšie sa nachádzajú doplnkové a pomocné údaje k zostavám  --- v",{"$nulls":32},"False"]
[]
[{"$nulls":3},"Stavba:"]
[{"$nulls":4},{"$f":"'Rekapitulácia stavby'!K6","v":"Kópia - 20240118 - Stavebné úpravy priestorov kultúrneho domu "}]
[{"$nulls":3},"Objekt:"]
[{"$nulls":4},"4 - Zdravotechnika"]
[]
[{"$nulls":3},"JKSO:",null,"",null,null,"KS:",""]
[{"$nulls":3},"Miesto:",null," ",null,null,"Dátum:",{"$f":"'Rekapitulácia stavby'!AN8","v":"2024-12-20"}]
[]
[{"$nulls":3},"Objednávateľ:",{"$nulls":4},"IČO:",{"$f":"IF('Rekapitulácia stavby'!AN10=\"\",\"\",'Rekapitulácia stavby'!AN10)","v":""}]
[{"$nulls":4},{"$f":"IF('Rekapitulácia stavby'!E11=\"\",\"\",'Rekapitulácia stavby'!E11)","v":" "},{"$nulls":3},"IČ DPH:",{"$f":"IF('Rekapitulácia stavby'!AN11=\"\",\"\",'Rekapitulácia stavby'!AN11)","v":""}]
[]
[{"$nulls":3},"Zhotoviteľ:",{"$nulls":4},"IČO:",{"$f":"'Rekapitulácia stavby'!AN13","v":"46114696"}]
[{"$nulls":4},{"$f":"'Rekapitulácia stavby'!E14","v":"BETA FOUR s.r.o. "},{"$nulls":3},"IČ DPH:",{"$f":"'Rekapitulácia stavby'!AN14","v":"SK2023241880"}]
[]
[{"$nulls":3},"Projektant:",{"$nulls":4},"IČO:",{"$f":"IF('Rekapitulácia stavby'!AN16=\"\",\"\",'Rekapitulácia stavby'!AN16)","v":""}]
[{"$nulls":4},{"$f":"IF('Rekapitulácia stavby'!E17=\"\",\"\",'Rekapitulácia stavby'!E17)","v":" "},{"$nulls":3},"IČ DPH:",{"$f":"IF('Rekapitulácia stavby'!AN17=\"\",\"\",'Rekapitulácia stavby'!AN17)","v":""}]
[]
[{"$nulls":3},"Spracovateľ:",{"$nulls":4},"IČO:",{"$f":"IF('Rekapitulácia stavby'!AN19=\"\",\"\",'Rekapitulácia stavby'!AN19)","v":""}]
[{"$nulls":4},{"$f":"IF('Rekapitulácia stavby'!E20=\"\",\"\",'Rekapitulácia stavby'!E20)","v":"Peter Lesák"},{"$nulls":3},"IČ DPH:",{"$f":"IF('Rekapitulácia stavby'!AN20=\"\",\"\",'Rekapitulácia stavby'!AN20)","v":""}]
[]
[{"$nulls":3},"Poznámka:"]
[{"$nulls":4},""]
[]
[]
[{"$nulls":3},"Cena bez DPH",{"$nulls":5},{"$f":"ROUND(J124, 2)","v":{"v":5991.9,"d":"5,991.90"}}]
[]
[{"$nulls":5},"Základ dane",null,null,"Sadzba dane","Výška dane"]
[{"$nulls":3},"DPH","základná",{"$f":"ROUND((SUM(BE124:BE186)),  2)","v":{"v":0,"d":"0.00"}},null,null,{"v":0.2,"d":"20.00%"},{"$f":"ROUND(((SUM(BE124:BE186))*I33),  2)","v":{"v":0,"d":"0.00"}}]
[{"$nulls":4},"znížená",{"$f":"ROUND((SUM(BF124:BF186)),  2)","v":{"v":5991.9,"d":"5,991.90"}},null,null,{"v":0.2,"d":"20.00%"},{"$f":"ROUND(((SUM(BF124:BF186))*I34),  2)","v":{"v":1198.38,"d":"1,198.38"}}]
[{"$nulls":4},"zákl. prenesená",{"$f":"ROUND((SUM(BG124:BG186)),  2)","v":{"v":0,"d":"0.00"}},null,null,{"v":0.2,"d":"20.00%"},{"$f":"0","v":{"v":0,"d":"0.00"}}]
[{"$nulls":4},"zníž. prenesená",{"$f":"ROUND((SUM(BH124:BH186)),  2)","v":{"v":0,"d":"0.00"}},null,null,{"v":0.2,"d":"20.00%"},{"$f":"0","v":{"v":0,"d":"0.00"}}]
[{"$nulls":4},"nulová",{"$f":"ROUND((SUM(BI124:BI186)),  2)","v":{"v":0,"d":"0.00"}},null,null,{"v":0,"d":"0.00%"},{"$f":"0","v":{"v":0,"d":"0.00"}}]
[]
[{"$nulls":3},"Cena s DPH",null,null,"v","EUR",null,{"$f":"SUM(J30:J37)","v":{"v":7190.28,"d":"7,190.28"}}]
{"$rows_empty":10}
[{"$nulls":3},"Projektant",null,null,"Spracovateľ"]
{"$rows_empty":10}
[{"$nulls":3},"Dátum a podpis:",null,"Pečiatka","Dátum a podpis:",null,null,"Pečiatka"]
[]
[]
[]
[{"$nulls":3},"Objednávateľ",null,null,"Zhotoviteľ"]
{"$rows_empty":10}
[{"$nulls":3},"Dátum a podpis:",null,"Pečiatka","Dátum a podpis:",null,null,"Pečiatka"]
[]
[]
[]
[]
[]
[null,null,"REKAPITULÁCIA ROZPOČTU"]
[]
[null,null,"Stavba:"]
[{"$nulls":4},{"$f":"E7","v":"Kópia - 20240118 - Stavebné úpravy priestorov kultúrneho domu "}]
[null,null,"Objekt:"]
[{"$nulls":4},{"$f":"E9","v":"4 - Zdravotechnika"}]
[]
[null,null,"Miesto:",null,null,{"$f":"F12","v":" "},null,null,"Dátum:",{"$f":"IF(J12=\"\",\"\",J12)","v":"2024-12-20"}]
[]
[null,null,"Objednávateľ:",null,null,{"$f":"E15","v":" "},null,null,"Projektant:",{"$f":"E21","v":" "}]
[null,null,"Zhotoviteľ:",null,null,{"$f":"IF(E18=\"\",\"\",E18)","v":"BETA FOUR s.r.o. "},null,null,"Spracovateľ:",{"$f":"E24","v":"Peter Lesák"}]
[]
[null,null,"Kód dielu - Popis",{"$nulls":6},"Cena celkom [EUR]"]
[]
[null,null,"Náklady z rozpočtu",{"$nulls":6},{"$f":"J124","v":{"v":5991.900000000001,"d":"5,991.90"}},{"$nulls":36},"-1"]
[{"$nulls":3},"HSV - Práce a dodávky HSV",{"$nulls":5},{"$f":"J125","v":{"v":222.82999999999998,"d":"222.83"}}]
[{"$nulls":3},"    9 - Ostatné konštrukcie a práce-búranie",{"$nulls":5},{"$f":"J126","v":{"v":222.82999999999998,"d":"222.83"}}]
[{"$nulls":3},"PSV - Práce a dodávky PSV",{"$nulls":5},{"$f":"J132","v":{"v":5676.22,"d":"5,676.22"}}]
[{"$nulls":3},"    713 - Izolácie tepelné",{"$nulls":5},{"$f":"J133","v":{"v":88.6,"d":"88.60"}}]
[{"$nulls":3},"    721 - Zdravotech. vnútorná kanalizácia",{"$nulls":5},{"$f":"J137","v":368.11}]
[{"$nulls":3},"    722 - Zdravotechnika - vnútorný vodovod",{"$nulls":5},{"$f":"J146","v":{"v":558.0799999999999,"d":"558.08"}}]
[{"$nulls":3},"    725 - Zdravotechnika - zariaďovacie predmety",{"$nulls":5},{"$f":"J156","v":{"v":4661.43,"d":"4,661.43"}}]
[{"$nulls":3},"HZS - Hodinové zúčtovacie sadzby",{"$nulls":5},{"$f":"J185","v":92.85}]
[]
[]
[]
[]
[]
[]
[null,null,"ROZPOČET"]
[]
[null,null,"Stavba:"]
[{"$nulls":4},{"$f":"E7","v":"Kópia - 20240118 - Stavebné úpravy priestorov kultúrneho domu "}]
[null,null,"Objekt:"]
[{"$nulls":4},{"$f":"E9","v":"4 - Zdravotechnika"}]
[]
[null,null,"Miesto:",null,null,{"$f":"F12","v":" "},null,null,"Dátum:",{"$f":"IF(J12=\"\",\"\",J12)","v":"2024-12-20"}]
[]
[null,null,"Objednávateľ:",null,null,{"$f":"E15","v":" "},null,null,"Projektant:",{"$f":"E21","v":" "}]
[null,null,"Zhotoviteľ:",null,null,{"$f":"IF(E18=\"\",\"\",E18)","v":"BETA FOUR s.r.o. "},null,null,"Spracovateľ:",{"$f":"E24","v":"Peter Lesák"}]
[]
[null,null,"PČ","Typ","Kód","Popis","MJ","Množstvo","J.cena [EUR]","Cena celkom [EUR]","Cenová sústava",null,"","DPH","J. Nh [h]","Nh celkom [h]","J. hmotnosť [t]","Hmotnosť celkom [t]","J. suť [t]","Suť Celkom [t]"]
[null,null,"Náklady z rozpočtu",{"$nulls":6},{"$f":"BK124","v":{"v":5991.900000000001,"d":"5,991.90"}},{"$nulls":5},{"$f":"P125+P132+P185","v":{"v":4.0741700000000005,"d":"4.07417"}},null,{"$f":"R125+R132+R185","v":0.00152},null,{"$f":"T125+T132+T185","v":{"v":0,"d":"0.00000"}},{"$nulls":25},"D","-1",{"$nulls":15},{"$f":"BK125+BK132+BK185","v":{"v":5991.900000000001,"d":"5,991.90"}}]
[{"$nulls":3},"D","HSV","Práce a dodávky HSV",{"$nulls":3},{"$f":"BK125","v":{"v":222.82999999999998,"d":"222.83"}},{"$nulls":5},{"$f":"P126","v":{"v":0,"d":"0.00000"}},null,{"$f":"R126","v":{"v":0,"d":"0.00000"}},null,{"$f":"T126","v":{"v":0,"d":"0.00000"}},{"$nulls":23},"1",null,"D","0",{"$nulls":3},"ROZPOCET",{"$nulls":11},{"$f":"BK126","v":{"v":222.82999999999998,"d":"222.83"}}]
[{"$nulls":3},"D","9","Ostatné konštrukcie a práce-búranie",{"$nulls":3},{"$f":"BK126","v":{"v":222.82999999999998,"d":"222.83"}},{"$nulls":5},{"$f":"SUM(P127:P131)","v":{"v":0,"d":"0.00000"}},null,{"$f":"SUM(R127:R131)","v":{"v":0,"d":"0.00000"}},null,{"$f":"SUM(T127:T131)","v":{"v":0,"d":"0.00000"}},{"$nulls":23},"1",null,"D","1",{"$nulls":3},"ROZPOCET",{"$nulls":11},{"$f":"SUM(BK127:BK131)","v":{"v":222.82999999999998,"d":"222.83"}}]
[null,null,"1","K","974031164.S","Vysekávanie rýh v akomkoľvek murive tehlovom na akúkoľvek maltu do hĺbky 150 mm a š. do 150 mm,  -0,04000t","m",{"v":16,"d":"16.000"},9.31,{"$f":"ROUND(I127*H127,2)","v":148.96},null,null,"","znížená",{"v":0,"d":"0.00000"},{"$f":"O127*H127","v":{"v":0,"d":"0.00000"}},{"v":0,"d":"0.00000"},{"$f":"Q127*H127","v":{"v":0,"d":"0.00000"}},{"v":0,"d":"0.00000"},{"$f":"S127*H127","v":{"v":0,"d":"0.00000"}},{"$nulls":23},"4",null,"K","2",{"$nulls":3},"ROZPOCET",{"$nulls":5},{"$f":"IF(N127=\"základná\",J127,0)","v":{"v":0,"d":"0.00"}},{"$f":"IF(N127=\"znížená\",J127,0)","v":148.96},{"$f":"IF(N127=\"zákl. prenesená\",J127,0)","v":{"v":0,"d":"0.00"}},{"$f":"IF(N127=\"zníž. prenesená\",J127,0)","v":{"v":0,"d":"0.00"}},{"$f":"IF(N127=\"nulová\",J127,0)","v":{"v":0,"d":"0.00"}},"2",{"$f":"ROUND(I127*H127,2)","v":148.96},"4","2"]
[null,null,"2","K","979081111.S","Odvoz sutiny a vybúraných hmôt na skládku do 1 km","t",0.752,16.68,{"$f":"ROUND(I128*H128,2)","v":12.54},null,null,"","znížená",{"v":0,"d":"0.00000"},{"$f":"O128*H128","v":{"v":0,"d":"0.00000"}},{"v":0,"d":"0.00000"},{"$f":"Q128*H128","v":{"v":0,"d":"0.00000"}},{"v":0,"d":"0.00000"},{"$f":"S128*H128","v":{"v":0,"d":"0.00000"}},{"$nulls":23},"4",null,"K","2",{"$nulls":3},"ROZPOCET",{"$nulls":5},{"$f":"IF(N128=\"základná\",J128,0)","v":{"v":0,"d":"0.00"}},{"$f":"IF(N128=\"znížená\",J128,0)","v":12.54},{"$f":"IF(N128=\"zákl. prenesená\",J128,0)","v":{"v":0,"d":"0.00"}},{"$f":"IF(N128=\"zníž. prenesená\",J128,0)","v":{"v":0,"d":"0.00"}},{"$f":"IF(N128=\"nulová\",J128,0)","v":{"v":0,"d":"0.00"}},"2",{"$f":"ROUND(I128*H128,2)","v":12.54},"4","4"]
[null,null,"3","K","979081121.S","Odvoz sutiny a vybúraných hmôt na skládku za každý ďalší 1 km","t",0.752,{"v":0.5,"d":"0.50"},{"$f":"ROUND(I129*H129,2)","v":0.38},null,null,"","znížená",{"v":0,"d":"0.00000"},{"$f":"O129*H129","v":{"v":0,"d":"0.00000"}},{"v":0,"d":"0.00000"},{"$f":"Q129*H129","v":{"v":0,"d":"0.00000"}},{"v":0,"d":"0.00000"},{"$f":"S129*H129","v":{"v":0,"d":"0.00000"}},{"$nulls":23},"4",null,"K","2",{"$nulls":3},"ROZPOCET",{"$nulls":5},{"$f":"IF(N129=\"základná\",J129,0)","v":{"v":0,"d":"0.00"}},{"$f":"IF(N129=\"znížená\",J129,0)","v":0.38},{"$f":"IF(N129=\"zákl. prenesená\",J129,0)","v":{"v":0,"d":"0.00"}},{"$f":"IF(N129=\"zníž. prenesená\",J129,0)","v":{"v":0,"d":"0.00"}},{"$f":"IF(N129=\"nulová\",J129,0)","v":{"v":0,"d":"0.00"}},"2",{"$f":"ROUND(I129*H129,2)","v":0.38},"4","6"]
[null,null,"4","K","979082111.S","Vnútrostavenisková doprava sutiny a vybúraných hmôt do 10 m","t",0.752,14.05,{"$f":"ROUND(I130*H130,2)","v":10.57},null,null,"","znížená",{"v":0,"d":"0.00000"},{"$f":"O130*H130","v":{"v":0,"d":"0.00000"}},{"v":0,"d":"0.00000"},{"$f":"Q130*H130","v":{"v":0,"d":"0.00000"}},{"v":0,"d":"0.00000"},{"$f":"S130*H130","v":{"v":0,"d":"0.00000"}},{"$nulls":23},"4",null,"K","2",{"$nulls":3},"ROZPOCET",{"$nulls":5},{"$f":"IF(N130=\"základná\",J130,0)","v":{"v":0,"d":"0.00"}},{"$f":"IF(N130=\"znížená\",J130,0)","v":10.57},{"$f":"IF(N130=\"zákl. prenesená\",J130,0)","v":{"v":0,"d":"0.00"}},{"$f":"IF(N130=\"zníž. prenesená\",J130,0)","v":{"v":0,"d":"0.00"}},{"$f":"IF(N130=\"nulová\",J130,0)","v":{"v":0,"d":"0.00"}},"2",{"$f":"ROUND(I130*H130,2)","v":10.57},"4","8"]
[null,null,"5","K","979089012.S","Poplatok za skladovanie - betón, tehly, dlaždice (17 01) ostatné","t",0.752,{"v":67,"d":"67.00"},{"$f":"ROUND(I131*H131,2)","v":50.38},null,null,"","znížená",{"v":0,"d":"0.00000"},{"$f":"O131*H131","v":{"v":0,"d":"0.00000"}},{"v":0,"d":"0.00000"},{"$f":"Q131*H131","v":{"v":0,"d":"0.00000"}},{"v":0,"d":"0.00000"},{"$f":"S131*H131","v":{"v":0,"d":"0.00000"}},{"$nulls":23},"4",null,"K","2",{"$nulls":3},"ROZPOCET",{"$nulls":5},{"$f":"IF(N131=\"základná\",J131,0)","v":{"v":0,"d":"0.00"}},{"$f":"IF(N131=\"znížená\",J131,0)","v":50.38},{"$f":"IF(N131=\"zákl. prenesená\",J131,0)","v":{"v":0,"d":"0.00"}},{"$f":"IF(N131=\"zníž. prenesená\",J131,0)","v":{"v":0,"d":"0.00"}},{"$f":"IF(N131=\"nulová\",J131,0)","v":{"v":0,"d":"0.00"}},"2",{"$f":"ROUND(I131*H131,2)","v":50.38},"4","10"]
[{"$nulls":3},"D","PSV","Práce a dodávky PSV",{"$nulls":3},{"$f":"BK132","v":{"v":5676.22,"d":"5,676.22"}},{"$nulls":5},{"$f":"P133+P137+P146+P156","v":{"v":4.0741700000000005,"d":"4.07417"}},null,{"$f":"R133+R137+R146+R156","v":0.00152},null,{"$f":"T133+T137+T146+T156","v":{"v":0,"d":"0.00000"}},{"$nulls":23},"2",null,"D","0",{"$nulls":3},"ROZPOCET",{"$nulls":11},{"$f":"BK133+BK137+BK146+BK156","v":{"v":5676.22,"d":"5,676.22"}}]
[{"$nulls":3},"D","713","Izolácie tepelné",{"$nulls":3},{"$f":"BK133","v":{"v":88.6,"d":"88.60"}},{"$nulls":5},{"$f":"SUM(P134:P136)","v":{"v":0,"d":"0.00000"}},null,{"$f":"SUM(R134:R136)","v":{"v":0,"d":"0.00000"}},null,{"$f":"SUM(T134:T136)","v":{"v":0,"d":"0.00000"}},{"$nulls":23},"2",null,"D","1",{"$nulls":3},"ROZPOCET",{"$nulls":11},{"$f":"SUM(BK134:BK136)","v":{"v":88.6,"d":"88.60"}}]
[null,null,"6","K","713482305","Montaž trubíc TUBOLIT DG hr. do 13 mm,","m",{"v":20,"d":"20.000"},{"v":3.4,"d":"3.40"},{"$f":"ROUND(I134*H134,2)","v":{"v":68,"d":"68.00"}},null,null,"","znížená",{"v":0,"d":"0.00000"},{"$f":"O134*H134","v":{"v":0,"d":"0.00000"}},{"v":0,"d":"0.00000"},{"$f":"Q134*H134","v":{"v":0,"d":"0.00000"}},{"v":0,"d":"0.00000"},{"$f":"S134*H134","v":{"v":0,"d":"0.00000"}},{"$nulls":23},"16",null,"K","2",{"$nulls":3},"ROZPOCET",{"$nulls":5},{"$f":"IF(N134=\"základná\",J134,0)","v":{"v":0,"d":"0.00"}},{"$f":"IF(N134=\"znížená\",J134,0)","v":{"v":68,"d":"68.00"}},{"$f":"IF(N134=\"zákl. prenesená\",J134,0)","v":{"v":0,"d":"0.00"}},{"$f":"IF(N134=\"zníž. prenesená\",J134,0)","v":{"v":0,"d":"0.00"}},{"$f":"IF(N134=\"nulová\",J134,0)","v":{"v":0,"d":"0.00"}},"2",{"$f":"ROUND(I134*H134,2)","v":{"v":68,"d":"68.00"}},"16","12"]
[null,null,"7","M","283310002900","Izolačná PE trubica TUBOLIT DG 22x13 mm (d potrubia x hr. izolácie), nadrezaná, AZ FLEX","m",{"v":20,"d":"20.000"},1.03,{"$f":"ROUND(I135*H135,2)","v":{"v":20.6,"d":"20.60"}},null,null,"","znížená",{"v":0,"d":"0.00000"},{"$f":"O135*H135","v":{"v":0,"d":"0.00000"}},{"v":0,"d":"0.00000"},{"$f":"Q135*H135","v":{"v":0,"d":"0.00000"}},{"v":0,"d":"0.00000"},{"$f":"S135*H135","v":{"v":0,"d":"0.00000"}},{"$nulls":23},"32",null,"M","2",{"$nulls":3},"ROZPOCET",{"$nulls":5},{"$f":"IF(N135=\"základná\",J135,0)","v":{"v":0,"d":"0.00"}},{"$f":"IF(N135=\"znížená\",J135,0)","v":{"v":20.6,"d":"20.60"}},{"$f":"IF(N135=\"zákl. prenesená\",J135,0)","v":{"v":0,"d":"0.00"}},{"$f":"IF(N135=\"zníž. prenesená\",J135,0)","v":{"v":0,"d":"0.00"}},{"$f":"IF(N135=\"nulová\",J135,0)","v":{"v":0,"d":"0.00"}},"2",{"$f":"ROUND(I135*H135,2)","v":{"v":20.6,"d":"20.60"}},"16","14"]
[null,null,"8","K","998713201.S","Presun hmôt pre izolácie tepelné v objektoch výšky do 6 m","%",{"v":0,"d":"0.000"},{"v":1.3,"d":"1.30"},{"$f":"ROUND(I136*H136,2)","v":{"v":0,"d":"0.00"}},null,null,"","znížená",{"v":0,"d":"0.00000"},{"$f":"O136*H136","v":{"v":0,"d":"0.00000"}},{"v":0,"d":"0.00000"},{"$f":"Q136*H136","v":{"v":0,"d":"0.00000"}},{"v":0,"d":"0.00000"},{"$f":"S136*H136","v":{"v":0,"d":"0.00000"}},{"$nulls":23},"16",null,"K","2",{"$nulls":3},"ROZPOCET",{"$nulls":5},{"$f":"IF(N136=\"základná\",J136,0)","v":{"v":0,"d":"0.00"}},{"$f":"IF(N136=\"znížená\",J136,0)","v":{"v":0,"d":"0.00"}},{"$f":"IF(N136=\"zákl. prenesená\",J136,0)","v":{"v":0,"d":"0.00"}},{"$f":"IF(N136=\"zníž. prenesená\",J136,0)","v":{"v":0,"d":"0.00"}},{"$f":"IF(N136=\"nulová\",J136,0)","v":{"v":0,"d":"0.00"}},"2",{"$f":"ROUND(I136*H136,2)","v":{"v":0,"d":"0.00"}},"16","16"]
[{"$nulls":3},"D","721","Zdravotech. vnútorná kanalizácia",{"$nulls":3},{"$f":"BK137","v":368.11},{"$nulls":5},{"$f":"SUM(P138:P145)","v":{"v":0,"d":"0.00000"}},null,{"$f":"SUM(R138:R145)","v":{"v":0,"d":"0.00000"}},null,{"$f":"SUM(T138:T145)","v":{"v":0,"d":"0.00000"}},{"$nulls":23},"2",null,"D","1",{"$nulls":3},"ROZPOCET",{"$nulls":11},{"$f":"SUM(BK138:BK145)","v":368.11}]
[null,null,"9","K","721171803.S","Demontáž potrubia z PVC-U rúr odpadového alebo pripojovacieho do D 75 mm,  -0,00156 t","m",{"v":5,"d":"5.000"},{"v":0.6,"d":"0.60"},{"$f":"ROUND(I138*H138,2)","v":{"v":3,"d":"3.00"}},null,null,"","znížená",{"v":0,"d":"0.00000"},{"$f":"O138*H138","v":{"v":0,"d":"0.00000"}},{"v":0,"d":"0.00000"},{"$f":"Q138*H138","v":{"v":0,"d":"0.00000"}},{"v":0,"d":"0.00000"},{"$f":"S138*H138","v":{"v":0,"d":"0.00000"}},{"$nulls":23},"16",null,"K","2",{"$nulls":3},"ROZPOCET",{"$nulls":5},{"$f":"IF(N138=\"základná\",J138,0)","v":{"v":0,"d":"0.00"}},{"$f":"IF(N138=\"znížená\",J138,0)","v":{"v":3,"d":"3.00"}},{"$f":"IF(N138=\"zákl. prenesená\",J138,0)","v":{"v":0,"d":"0.00"}},{"$f":"IF(N138=\"zníž. prenesená\",J138,0)","v":{"v":0,"d":"0.00"}},{"$f":"IF(N138=\"nulová\",J138,0)","v":{"v":0,"d":"0.00"}},"2",{"$f":"ROUND(I138*H138,2)","v":{"v":3,"d":"3.00"}},"16","18"]
[null,null,"10","K","721171808.S","Demontáž potrubia z PVC-U rúr odpadového alebo pripojovacieho nad D 75 mm - D 114 mm,  -0,00198 t","m",{"v":2,"d":"2.000"},{"v":1.6,"d":"1.60"},{"v":3.2,"d":"3.20"},null,null,"","znížená",{"v":0,"d":"0.00000"},{"v":0,"d":"0.00000"},{"v":0,"d":"0.00000"},{"v":0,"d":"0.00000"},{"v":0,"d":"0.00000"},{"v":0,"d":"0.00000"},{"$nulls":23},"16",null,"K","2",{"$nulls":3},"ROZPOCET",{"$nulls":5},{"v":0,"d":"0.00"},{"v":3.2,"d":"3.20"},{"v":0,"d":"0.00"},{"v":0,"d":"0.00"},{"v":0,"d":"0.00"},"2",{"v":3.2,"d":"3.20"},"16","20"]
[null,null,"11","K","721172011.S","Potrubie odpadové HT z PP, vodorovné DN 50","m",{"v":6,"d":"6.000"},19.72,118.32,null,null,"","znížená",{"v":0,"d":"0.00000"},{"v":0,"d":"0.00000"},{"v":0,"d":"0.00000"},{"v":0,"d":"0.00000"},{"v":0,"d":"0.00000"},{"v":0,"d":"0.00000"},{"$nulls":23},"16",null,"K","2",{"$nulls":3},"ROZPOCET",{"$nulls":5},{"v":0,"d":"0.00"},118.32,{"v":0,"d":"0.00"},{"v":0,"d":"0.00"},{"v":0,"d":"0.00"},"2",118.32,"16","22"]
[null,null,"12","K","721172013.S","Potrubie odpadové HT z PP, vodorovné DN 110","m",{"v":5,"d":"5.000"},{"v":26.3,"d":"26.30"},{"v":131.5,"d":"131.50"},null,null,"","znížená",{"v":0,"d":"0.00000"},{"v":0,"d":"0.00000"},{"v":0,"d":"0.00000"},{"v":0,"d":"0.00000"},{"v":0,"d":"0.00000"},{"v":0,"d":"0.00000"},{"$nulls":23},"16",null,"K","2",{"$nulls":3},"ROZPOCET",{"$nulls":5},{"v":0,"d":"0.00"},{"v":131.5,"d":"131.50"},{"v":0,"d":"0.00"},{"v":0,"d":"0.00"},{"v":0,"d":"0.00"},"2",{"v":131.5,"d":"131.50"},"16","24"]
[null,null,"13","K","721194105.S","Zriadenie prípojky na potrubí vyvedenie a upevnenie odpadových výpustiek D 50 mm","ks",{"v":7,"d":"7.000"},4.18,29.26,null,null,"","znížená",{"v":0,"d":"0.00000"},{"v":0,"d":"0.00000"},{"v":0,"d":"0.00000"},{"v":0,"d":"0.00000"},{"v":0,"d":"0.00000"},{"v":0,"d":"0.00000"},{"$nulls":23},"16",null,"K","2",{"$nulls":3},"ROZPOCET",{"$nulls":5},{"v":0,"d":"0.00"},29.26,{"v":0,"d":"0.00"},{"v":0,"d":"0.00"},{"v":0,"d":"0.00"},"2",29.26,"16","26"]
[null,null,"14","K","721194109.S","Zriadenie prípojky na potrubí vyvedenie a upevnenie odpadových výpustiek D 110 mm","ks",{"v":5,"d":"5.000"},6.19,30.95,null,null,"","znížená",{"v":0,"d":"0.00000"},{"v":0,"d":"0.00000"},{"v":0,"d":"0.00000"},{"v":0,"d":"0.00000"},{"v":0,"d":"0.00000"},{"v":0,"d":"0.00000"},{"$nulls":23},"16",null,"K","2",{"$nulls":3},"ROZPOCET",{"$nulls":5},{"v":0,"d":"0.00"},30.95,{"v":0,"d":"0.00"},{"v":0,"d":"0.00"},{"v":0,"d":"0.00"},"2",30.95,"16","28"]
[null,null,"15","K","721220801.S","Demontáž zápachovej uzávierky do DN 70,  -0,00310t","ks",{"v":5,"d":"5.000"},6.02,{"v":30.1,"d":"30.10"},null,null,"","znížená",{"v":0,"d":"0.00000"},{"v":0,"d":"0.00000"},{"v":0,"d":"0.00000"},{"v":0,"d":"0.00000"},{"v":0,"d":"0.00000"},{"v":0,"d":"0.00000"},{"$nulls":23},"16",null,"K","2",{"$nulls":3},"ROZPOCET",{"$nulls":5},{"v":0,"d":"0.00"},{"v":30.1,"d":"30.10"},{"v":0,"d":"0.00"},{"v":0,"d":"0.00"},{"v":0,"d":"0.00"},"2",{"v":30.1,"d":"30.10"},"16","30"]
[null,null,"16","K","892311000","Skúška tesnosti kanalizácie D 150","m",{"v":11,"d":"11.000"},1.98,21.78,null,null,"","znížená",{"v":0,"d":"0.00000"},{"v":0,"d":"0.00000"},{"v":0,"d":"0.00000"},{"v":0,"d":"0.00000"},{"v":0,"d":"0.00000"},{"v":0,"d":"0.00000"},{"$nulls":23},"16",null,"K","2",{"$nulls":3},"ROZPOCET",{"$nulls":5},{"v":0,"d":"0.00"},21.78,{"v":0,"d":"0.00"},{"v":0,"d":"0.00"},{"v":0,"d":"0.00"},"2",21.78,"16","32"]
[{"$nulls":3},"D","722","Zdravotechnika - vnútorný vodovod",{"$nulls":3},{"$f":"BK146","v":{"v":558.0799999999999,"d":"558.08"}},{"$nulls":5},{"$f":"SUM(P147:P155)","v":{"v":0,"d":"0.00000"}},null,{"$f":"SUM(R147:R155)","v":{"v":0,"d":"0.00000"}},null,{"$f":"SUM(T147:T155)","v":{"v":0,"d":"0.00000"}},{"$nulls":23},"2",null,"D","1",{"$nulls":3},"ROZPOCET",{"$nulls":11},{"$f":"SUM(BK147:BK155)","v":{"v":558.0799999999999,"d":"558.08"}}]
[null,null,"17","K","722131932.S","Oprava vodovodného potrubia závitového prepojenie doterajšieho potrubia DN 20","ks",{"v":2,"d":"2.000"},19.73,{"$f":"ROUND(I147*H147,2)","v":39.46},null,null,"","znížená",{"v":0,"d":"0.00000"},{"$f":"O147*H147","v":{"v":0,"d":"0.00000"}},{"v":0,"d":"0.00000"},{"$f":"Q147*H147","v":{"v":0,"d":"0.00000"}},{"v":0,"d":"0.00000"},{"$f":"S147*H147","v":{"v":0,"d":"0.00000"}},{"$nulls":23},"16",null,"K","2",{"$nulls":3},"ROZPOCET",{"$nulls":5},{"$f":"IF(N147=\"základná\",J147,0)","v":{"v":0,"d":"0.00"}},{"$f":"IF(N147=\"znížená\",J147,0)","v":39.46},{"$f":"IF(N147=\"zákl. prenesená\",J147,0)","v":{"v":0,"d":"0.00"}},{"$f":"IF(N147=\"zníž. prenesená\",J147,0)","v":{"v":0,"d":"0.00"}},{"$f":"IF(N147=\"nulová\",J147,0)","v":{"v":0,"d":"0.00"}},"2",{"$f":"ROUND(I147*H147,2)","v":39.46},"16","34"]
[null,null,"18","K","722172100.S","Potrubie z plastických rúr PP-R D 20 mm - PN10, polyfúznym zváraním","m",{"v":20,"d":"20.000"},10.87,{"v":217.4,"d":"217.40"},null,null,"","znížená",{"v":0,"d":"0.00000"},{"v":0,"d":"0.00000"},{"v":0,"d":"0.00000"},{"v":0,"d":"0.00000"},{"v":0,"d":"0.00000"},{"v":0,"d":"0.00000"},{"$nulls":23},"16",null,"K","2",{"$nulls":3},"ROZPOCET",{"$nulls":5},{"v":0,"d":"0.00"},{"v":217.4,"d":"217.40"},{"v":0,"d":"0.00"},{"v":0,"d":"0.00"},{"v":0,"d":"0.00"},"2",{"v":217.4,"d":"217.40"},"16","36"]
[null,null,"19","K","722190401.S","Vyvedenie a upevnenie výpustky DN 20","ks",{"v":17,"d":"17.000"},10.96,186.32,null,null,"","znížená",{"v":0,"d":"0.00000"},{"v":0,"d":"0.00000"},{"v":0,"d":"0.00000"},{"v":0,"d":"0.00000"},{"v":0,"d":"0.00000"},{"v":0,"d":"0.00000"},{"$nulls":23},"16",null,"K","2",{"$nulls":3},"ROZPOCET",{"$nulls":5},{"v":0,"d":"0.00"},186.32,{"v":0,"d":"0.00"},{"v":0,"d":"0.00"},{"v":0,"d":"0.00"},"2",186.32,"16","38"]
[null,null,"20","K","722220861.S","Demontáž armatúry závitovej s dvomi závitmi do G 3/4,  -0,00053t","ks",{"v":6,"d":"6.000"},1.19,7.14,null,null,"","znížená",{"v":0,"d":"0.00000"},{"v":0,"d":"0.00000"},{"v":0,"d":"0.00000"},{"v":0,"d":"0.00000"},{"v":0,"d":"0.00000"},{"v":0,"d":"0.00000"},{"$nulls":23},"16",null,"K","2",{"$nulls":3},"ROZPOCET",{"$nulls":5},{"v":0,"d":"0.00"},7.14,{"v":0,"d":"0.00"},{"v":0,"d":"0.00"},{"v":0,"d":"0.00"},"2",7.14,"16","40"]
[null,null,"21","K","722221015.S","Montáž guľového kohúta závitového priameho pre vodu G 3/4","ks",{"v":2,"d":"2.000"},5.57,11.14,null,null,"","znížená",{"v":0,"d":"0.00000"},{"v":0,"d":"0.00000"},{"v":0,"d":"0.00000"},{"v":0,"d":"0.00000"},{"v":0,"d":"0.00000"},{"v":0,"d":"0.00000"},{"$nulls":23},"16",null,"K","2",{"$nulls":3},"ROZPOCET",{"$nulls":5},{"v":0,"d":"0.00"},11.14,{"v":0,"d":"0.00"},{"v":0,"d":"0.00"},{"v":0,"d":"0.00"},"2",11.14,"16","42"]
[null,null,"22","M","551110005000.S","Guľový uzáver pre vodu 3/4\", niklovaná mosadz","ks",{"v":2,"d":"2.000"},12.01,24.02,null,null,"","znížená",{"v":0,"d":"0.00000"},{"v":0,"d":"0.00000"},{"v":0,"d":"0.00000"},{"v":0,"d":"0.00000"},{"v":0,"d":"0.00000"},{"v":0,"d":"0.00000"},{"$nulls":23},"32",null,"M","2",{"$nulls":3},"ROZPOCET",{"$nulls":5},{"v":0,"d":"0.00"},24.02,{"v":0,"d":"0.00"},{"v":0,"d":"0.00"},{"v":0,"d":"0.00"},"2",24.02,"16","44"]
[null,null,"23","K","722290226.S","Tlaková skúška vodovodného potrubia závitového do DN 50","m",{"v":20,"d":"20.000"},2.11,{"v":42.2,"d":"42.20"},null,null,"","znížená",{"v":0,"d":"0.00000"},{"v":0,"d":"0.00000"},{"v":0,"d":"0.00000"},{"v":0,"d":"0.00000"},{"v":0,"d":"0.00000"},{"v":0,"d":"0.00000"},{"$nulls":23},"16",null,"K","2",{"$nulls":3},"ROZPOCET",{"$nulls":5},{"v":0,"d":"0.00"},{"v":42.2,"d":"42.20"},{"v":0,"d":"0.00"},{"v":0,"d":"0.00"},{"v":0,"d":"0.00"},"2",{"v":42.2,"d":"42.20"},"16","46"]
[null,null,"24","K","722290234.S","Prepláchnutie a dezinfekcia vodovodného potrubia do DN 80","m",{"v":20,"d":"20.000"},1.52,{"v":30.4,"d":"30.40"},null,null,"","znížená",{"v":0,"d":"0.00000"},{"v":0,"d":"0.00000"},{"v":0,"d":"0.00000"},{"v":0,"d":"0.00000"},{"v":0,"d":"0.00000"},{"v":0,"d":"0.00000"},{"$nulls":23},"16",null,"K","2",{"$nulls":3},"ROZPOCET",{"$nulls":5},{"v":0,"d":"0.00"},{"v":30.4,"d":"30.40"},{"v":0,"d":"0.00"},{"v":0,"d":"0.00"},{"v":0,"d":"0.00"},"2",{"v":30.4,"d":"30.40"},"16","48"]
[null,null,"25","K","998722201.S","Presun hmôt pre vnútorný vodovod v objektoch výšky do 6 m","%",{"v":0,"d":"0.000"},{"v":0.7,"d":"0.70"},{"v":0,"d":"0.00"},null,null,"","znížená",{"v":0,"d":"0.00000"},{"v":0,"d":"0.00000"},{"v":0,"d":"0.00000"},{"v":0,"d":"0.00000"},{"v":0,"d":"0.00000"},{"v":0,"d":"0.00000"},{"$nulls":23},"16",null,"K","2",{"$nulls":3},"ROZPOCET",{"$nulls":5},{"v":0,"d":"0.00"},{"v":0,"d":"0.00"},{"v":0,"d":"0.00"},{"v":0,"d":"0.00"},{"v":0,"d":"0.00"},"2",{"v":0,"d":"0.00"},"16","50"]
[{"$nulls":3},"D","725","Zdravotechnika - zariaďovacie predmety",{"$nulls":3},{"$f":"BK156","v":{"v":4661.43,"d":"4,661.43"}},{"$nulls":5},{"$f":"SUM(P157:P184)","v":{"v":4.0741700000000005,"d":"4.07417"}},null,{"$f":"SUM(R157:R184)","v":0.00152},null,{"$f":"SUM(T157:T184)","v":{"v":0,"d":"0.00000"}},{"$nulls":23},"2",null,"D","1",{"$nulls":3},"ROZPOCET",{"$nulls":11},{"$f":"SUM(BK157:BK184)","v":{"v":4661.43,"d":"4,661.43"}}]
[null,null,"26","K","725110811.S","Demontáž záchoda splachovacieho s nádržou alebo s tlakovým splachovačom,  -0,01933t","súb.",{"v":1,"d":"1.000"},10.64,{"$f":"ROUND(I157*H157,2)","v":10.64},null,null,"","znížená",{"v":0,"d":"0.00000"},{"$f":"O157*H157","v":{"v":0,"d":"0.00000"}},{"v":0,"d":"0.00000"},{"$f":"Q157*H157","v":{"v":0,"d":"0.00000"}},{"v":0,"d":"0.00000"},{"$f":"S157*H157","v":{"v":0,"d":"0.00000"}},{"$nulls":23},"16",null,"K","2",{"$nulls":3},"ROZPOCET",{"$nulls":5},{"$f":"IF(N157=\"základná\",J157,0)","v":{"v":0,"d":"0.00"}},{"$f":"IF(N157=\"znížená\",J157,0)","v":10.64},{"$f":"IF(N157=\"zákl. prenesená\",J157,0)","v":{"v":0,"d":"0.00"}},{"$f":"IF(N157=\"zníž. prenesená\",J157,0)","v":{"v":0,"d":"0.00"}},{"$f":"IF(N157=\"nulová\",J157,0)","v":{"v":0,"d":"0.00"}},"2",{"$f":"ROUND(I157*H157,2)","v":10.64},"16","52"]
[null,null,"27","K","725122813.S","Demontáž pisoára s nádržkou a 1 záchodom,  -0,01720t","súb.",{"v":1,"d":"1.000"},7.83,7.83,null,null,"","znížená",{"v":0,"d":"0.00000"},{"v":0,"d":"0.00000"},{"v":0,"d":"0.00000"},{"v":0,"d":"0.00000"},{"v":0,"d":"0.00000"},{"v":0,"d":"0.00000"},{"$nulls":23},"16",null,"K","2",{"$nulls":3},"ROZPOCET",{"$nulls":5},{"v":0,"d":"0.00"},7.83,{"v":0,"d":"0.00"},{"v":0,"d":"0.00"},{"v":0,"d":"0.00"},"2",7.83,"16","54"]
[null,null,"28","K","725129201.S","Montáž pisoáru keramického bez splachovacej nádrže","ks",{"v":2,"d":"2.000"},26.34,52.68,null,null,"","znížená",{"v":0,"d":"0.00000"},{"v":0,"d":"0.00000"},{"v":0,"d":"0.00000"},{"v":0,"d":"0.00000"},{"v":0,"d":"0.00000"},{"v":0,"d":"0.00000"},{"$nulls":23},"16",null,"K","2",{"$nulls":3},"ROZPOCET",{"$nulls":5},{"v":0,"d":"0.00"},52.68,{"v":0,"d":"0.00"},{"v":0,"d":"0.00"},{"v":0,"d":"0.00"},"2",52.68,"16","56"]
[null,null,"29","M","642510000500","Pisoár KORINT, rozmer 360x305x470 mm, keramika, JIKA","ks",{"v":2,"d":"2.000"},91.41,182.82,null,null,"","znížená",{"v":0,"d":"0.00000"},{"v":0,"d":"0.00000"},{"v":0,"d":"0.00000"},{"v":0,"d":"0.00000"},{"v":0,"d":"0.00000"},{"v":0,"d":"0.00000"},{"$nulls":23},"32",null,"M","2",{"$nulls":3},"ROZPOCET",{"$nulls":5},{"v":0,"d":"0.00"},182.82,{"v":0,"d":"0.00"},{"v":0,"d":"0.00"},{"v":0,"d":"0.00"},"2",182.82,"16","58"]
[null,null,"30","K","725149701.S","Montáž predstenového systému záchodov do masívnej murovanej konštrukcie","ks",{"v":5,"d":"5.000"},60.91,304.55,null,null,"","znížená",{"v":0,"d":"0.00000"},{"v":0,"d":"0.00000"},{"v":0,"d":"0.00000"},{"v":0,"d":"0.00000"},{"v":0,"d":"0.00000"},{"v":0,"d":"0.00000"},{"$nulls":23},"16",null,"K","2",{"$nulls":3},"ROZPOCET",{"$nulls":5},{"v":0,"d":"0.00"},304.55,{"v":0,"d":"0.00"},{"v":0,"d":"0.00"},{"v":0,"d":"0.00"},"2",304.55,"16","60"]
[null,null,"31","M","552370001600.S","Predstenový systém pre závesné WC s podomietkovou nádržou do murovaných alebo betónových konštrukcií","ks",{"v":5,"d":"5.000"},308.42,{"v":1542.1,"d":"1,542.10"},null,null,"","znížená",{"v":0,"d":"0.00000"},{"v":0,"d":"0.00000"},{"v":0,"d":"0.00000"},{"v":0,"d":"0.00000"},{"v":0,"d":"0.00000"},{"v":0,"d":"0.00000"},{"$nulls":23},"32",null,"M","2",{"$nulls":3},"ROZPOCET",{"$nulls":5},{"v":0,"d":"0.00"},{"v":1542.1,"d":"1,542.10"},{"v":0,"d":"0.00"},{"v":0,"d":"0.00"},{"v":0,"d":"0.00"},"2",{"v":1542.1,"d":"1,542.10"},"16","62"]
[null,null,"32","K","725149720.S","Montáž záchodu do predstenového systému","ks",{"v":5,"d":"5.000"},10.12,{"v":50.6,"d":"50.60"},null,null,"","znížená",{"v":0,"d":"0.00000"},{"v":0,"d":"0.00000"},{"v":0,"d":"0.00000"},{"v":0,"d":"0.00000"},{"v":0,"d":"0.00000"},{"v":0,"d":"0.00000"},{"$nulls":23},"16",null,"K","2",{"$nulls":3},"ROZPOCET",{"$nulls":5},{"v":0,"d":"0.00"},{"v":50.6,"d":"50.60"},{"v":0,"d":"0.00"},{"v":0,"d":"0.00"},{"v":0,"d":"0.00"},"2",{"v":50.6,"d":"50.60"},"16","64"]
[null,null,"33","M","642360000500.S","Misa záchodová keramická závesná so splachovacím okruhom","ks",{"v":5,"d":"5.000"},91.49,457.45,null,null,"","znížená",{"v":0,"d":"0.00000"},{"v":0,"d":"0.00000"},{"v":0,"d":"0.00000"},{"v":0,"d":"0.00000"},{"v":0,"d":"0.00000"},{"v":0,"d":"0.00000"},{"$nulls":23},"32",null,"M","2",{"$nulls":3},"ROZPOCET",{"$nulls":5},{"v":0,"d":"0.00"},457.45,{"v":0,"d":"0.00"},{"v":0,"d":"0.00"},{"v":0,"d":"0.00"},"2",457.45,"16","66"]
[null,null,"34","K","725210821.S","Demontáž umývadiel alebo umývadielok bez výtokovej armatúry,  -0,01946t","súb.",{"v":1,"d":"1.000"},7.03,7.03,null,null,"","znížená",{"v":0,"d":"0.00000"},{"v":0,"d":"0.00000"},{"v":0,"d":"0.00000"},{"v":0,"d":"0.00000"},{"v":0,"d":"0.00000"},{"v":0,"d":"0.00000"},{"$nulls":23},"16",null,"K","2",{"$nulls":3},"ROZPOCET",{"$nulls":5},{"v":0,"d":"0.00"},7.03,{"v":0,"d":"0.00"},{"v":0,"d":"0.00"},{"v":0,"d":"0.00"},"2",7.03,"16","68"]
[null,null,"35","K","725219401.S","Montáž umývadla keramického, bez výtokovej armatúry","ks",{"v":5,"d":"5.000"},42.34,{"v":211.7,"d":"211.70"},null,null,"","znížená",{"v":0,"d":"0.00000"},{"v":0,"d":"0.00000"},{"v":0,"d":"0.00000"},{"v":0,"d":"0.00000"},{"v":0,"d":"0.00000"},{"v":0,"d":"0.00000"},{"$nulls":23},"16",null,"K","2",{"$nulls":3},"ROZPOCET",{"$nulls":5},{"v":0,"d":"0.00"},{"v":211.7,"d":"211.70"},{"v":0,"d":"0.00"},{"v":0,"d":"0.00"},{"v":0,"d":"0.00"},"2",{"v":211.7,"d":"211.70"},"16","70"]
[null,null,"36","M","642110004300.S.1","Umývadlo keramické bežný typ","ks",{"v":5,"d":"5.000"},97.53,487.65,null,null,"","znížená",{"v":0,"d":"0.00000"},{"v":0,"d":"0.00000"},{"v":0,"d":"0.00000"},{"v":0,"d":"0.00000"},{"v":0,"d":"0.00000"},{"v":0,"d":"0.00000"},{"$nulls":23},"32",null,"M","2",{"$nulls":3},"ROZPOCET",{"$nulls":5},{"v":0,"d":"0.00"},487.65,{"v":0,"d":"0.00"},{"v":0,"d":"0.00"},{"v":0,"d":"0.00"},"2",487.65,"16","72"]
[null,null,"37","K","725291112.S","Montáž záchodového sedadla s poklopom","ks",{"v":5,"d":"5.000"},{"v":3.4,"d":"3.40"},{"v":17,"d":"17.00"},null,null,"","znížená",{"v":0,"d":"0.00000"},{"v":0,"d":"0.00000"},{"v":0,"d":"0.00000"},{"v":0,"d":"0.00000"},{"v":0,"d":"0.00000"},{"v":0,"d":"0.00000"},{"$nulls":23},"16",null,"K","2",{"$nulls":3},"ROZPOCET",{"$nulls":5},{"v":0,"d":"0.00"},{"v":17,"d":"17.00"},{"v":0,"d":"0.00"},{"v":0,"d":"0.00"},{"v":0,"d":"0.00"},"2",{"v":17,"d":"17.00"},"16","74"]
[null,null,"38","M","554330000300.S","Záchodové sedadlo plastové s poklopom","ks",{"v":5,"d":"5.000"},32.14,{"v":160.7,"d":"160.70"},null,null,"","znížená",{"v":0,"d":"0.00000"},{"v":0,"d":"0.00000"},{"v":0,"d":"0.00000"},{"v":0,"d":"0.00000"},{"v":0,"d":"0.00000"},{"v":0,"d":"0.00000"},{"$nulls":23},"32",null,"M","2",{"$nulls":3},"ROZPOCET",{"$nulls":5},{"v":0,"d":"0.00"},{"v":160.7,"d":"160.70"},{"v":0,"d":"0.00"},{"v":0,"d":"0.00"},{"v":0,"d":"0.00"},"2",{"v":160.7,"d":"160.70"},"16","76"]
[null,null,"39","K","725320822.S","Demontáž drezu dvojitého bez výtokovej armatúry vstavaného v kuchynskej zostave,  -0,01730t","súb.",{"v":1,"d":"1.000"},9.64,9.64,null,null,"","znížená",{"v":0,"d":"0.00000"},{"v":0,"d":"0.00000"},{"v":0,"d":"0.00000"},{"v":0,"d":"0.00000"},{"v":0,"d":"0.00000"},{"v":0,"d":"0.00000"},{"$nulls":23},"16",null,"K","2",{"$nulls":3},"ROZPOCET",{"$nulls":5},{"v":0,"d":"0.00"},9.64,{"v":0,"d":"0.00"},{"v":0,"d":"0.00"},{"v":0,"d":"0.00"},"2",9.64,"16","78"]
[null,null,"54","K","725819401.S","Montáž ventilu rohového s pripojovacou rúrkou G 1/2","ks",{"v":19,"d":"19.000"},7.43,141.17,null,null,"","znížená",0.21443,{"v":4.0741700000000005,"d":"4.07417"},{"v":8e-05,"d":"0.00008"},0.00152,{"v":0,"d":"0.00000"},{"v":0,"d":"0.00000"},{"$nulls":23},"4",null,"K","2",{"$nulls":3},"ROZPOCET",{"$nulls":5},{"v":0,"d":"0.00"},141.17,{"v":0,"d":"0.00"},{"v":0,"d":"0.00"},{"v":0,"d":"0.00"},"2",141.17,"4","128763466"]
[null,null,"40","K","7258194LV","Montáž ventilu rohového G 1/2","ks",{"v":19,"d":"19.000"},{"v":0,"d":"0.00"},{"v":0,"d":"0.00"},null,null,"","znížená",{"v":0,"d":"0.00000"},{"v":0,"d":"0.00000"},{"v":0,"d":"0.00000"},{"v":0,"d":"0.00000"},{"v":0,"d":"0.00000"},{"v":0,"d":"0.00000"},{"$nulls":23},"16",null,"K","2",{"$nulls":3},"ROZPOCET",{"$nulls":5},{"v":0,"d":"0.00"},{"v":0,"d":"0.00"},{"v":0,"d":"0.00"},{"v":0,"d":"0.00"},{"v":0,"d":"0.00"},"2",{"v":0,"d":"0.00"},"16","80"]
[null,null,"41","M","551110019900.S","Guľový ventil rohový, 1/2\" - 3/8\", s filtrom, bez matice, chrómovaná mosadz","ks",{"v":17,"d":"17.000"},10.11,171.87,null,null,"","znížená",{"v":0,"d":"0.00000"},{"v":0,"d":"0.00000"},{"v":0,"d":"0.00000"},{"v":0,"d":"0.00000"},{"v":0,"d":"0.00000"},{"v":0,"d":"0.00000"},{"$nulls":23},"32",null,"M","2",{"$nulls":3},"ROZPOCET",{"$nulls":5},{"v":0,"d":"0.00"},171.87,{"v":0,"d":"0.00"},{"v":0,"d":"0.00"},{"v":0,"d":"0.00"},"2",171.87,"16","82"]
[null,null,"42","M","552380013200.S","Napúšťací ventil pre pisoár","ks",{"v":2,"d":"2.000"},33.02,66.04,null,null,"","znížená",{"v":0,"d":"0.00000"},{"v":0,"d":"0.00000"},{"v":0,"d":"0.00000"},{"v":0,"d":"0.00000"},{"v":0,"d":"0.00000"},{"v":0,"d":"0.00000"},{"$nulls":23},"32",null,"M","2",{"$nulls":3},"ROZPOCET",{"$nulls":5},{"v":0,"d":"0.00"},66.04,{"v":0,"d":"0.00"},{"v":0,"d":"0.00"},{"v":0,"d":"0.00"},"2",66.04,"16","84"]
[null,null,"43","K","725820810.S","Demontáž batérie drezovej, umývadlovej nástennej,  -0,0026t","súb.",{"v":3,"d":"3.000"},5.14,15.42,null,null,"","znížená",{"v":0,"d":"0.00000"},{"v":0,"d":"0.00000"},{"v":0,"d":"0.00000"},{"v":0,"d":"0.00000"},{"v":0,"d":"0.00000"},{"v":0,"d":"0.00000"},{"$nulls":23},"16",null,"K","2",{"$nulls":3},"ROZPOCET",{"$nulls":5},{"v":0,"d":"0.00"},15.42,{"v":0,"d":"0.00"},{"v":0,"d":"0.00"},{"v":0,"d":"0.00"},"2",15.42,"16","86"]
[null,null,"44","K","725829601.S","Montáž batérie umývadlovej a drezovej stojankovej, pákovej alebo klasickej s mechanickým ovládaním","ks",{"v":5,"d":"5.000"},16.72,{"v":83.6,"d":"83.60"},null,null,"","znížená",{"v":0,"d":"0.00000"},{"v":0,"d":"0.00000"},{"v":0,"d":"0.00000"},{"v":0,"d":"0.00000"},{"v":0,"d":"0.00000"},{"v":0,"d":"0.00000"},{"$nulls":23},"16",null,"K","2",{"$nulls":3},"ROZPOCET",{"$nulls":5},{"v":0,"d":"0.00"},{"v":83.6,"d":"83.60"},{"v":0,"d":"0.00"},{"v":0,"d":"0.00"},{"v":0,"d":"0.00"},"2",{"v":83.6,"d":"83.60"},"16","88"]
[null,null,"45","M","551450003800.S","Batéria umývadlová stojanková páková","ks",{"v":5,"d":"5.000"},{"v":55.7,"d":"55.70"},{"v":278.5,"d":"278.50"},null,null,"","znížená",{"v":0,"d":"0.00000"},{"v":0,"d":"0.00000"},{"v":0,"d":"0.00000"},{"v":0,"d":"0.00000"},{"v":0,"d":"0.00000"},{"v":0,"d":"0.00000"},{"$nulls":23},"32",null,"M","2",{"$nulls":3},"ROZPOCET",{"$nulls":5},{"v":0,"d":"0.00"},{"v":278.5,"d":"278.50"},{"v":0,"d":"0.00"},{"v":0,"d":"0.00"},{"v":0,"d":"0.00"},"2",{"v":278.5,"d":"278.50"},"16","90"]
[null,null,"46","K","725869301.S","Montáž zápachovej uzávierky pre zariaďovacie predmety, umývadlovej do D 50 mm","ks",{"v":5,"d":"5.000"},9.89,49.45,null,null,"","znížená",{"v":0,"d":"0.00000"},{"v":0,"d":"0.00000"},{"v":0,"d":"0.00000"},{"v":0,"d":"0.00000"},{"v":0,"d":"0.00000"},{"v":0,"d":"0.00000"},{"$nulls":23},"16",null,"K","2",{"$nulls":3},"ROZPOCET",{"$nulls":5},{"v":0,"d":"0.00"},49.45,{"v":0,"d":"0.00"},{"v":0,"d":"0.00"},{"v":0,"d":"0.00"},"2",49.45,"16","92"]
[null,null,"47","M","551620005450","Zápachová uzávierka - sifón umývadlový šetriaci miesto, rozstup rohových ventil 200 mm, DN 50,","ks",{"v":5,"d":"5.000"},27.65,138.25,null,null,"","znížená",{"v":0,"d":"0.00000"},{"v":0,"d":"0.00000"},{"v":0,"d":"0.00000"},{"v":0,"d":"0.00000"},{"v":0,"d":"0.00000"},{"v":0,"d":"0.00000"},{"$nulls":23},"32",null,"M","2",{"$nulls":3},"ROZPOCET",{"$nulls":5},{"v":0,"d":"0.00"},138.25,{"v":0,"d":"0.00"},{"v":0,"d":"0.00"},{"v":0,"d":"0.00"},"2",138.25,"16","94"]
[null,null,"48","K","725869323","Montáž zápachovej uzávierky pre zariaďovacie predmety","ks",{"v":5,"d":"5.000"},14.36,{"v":71.8,"d":"71.80"},null,null,"","znížená",{"v":0,"d":"0.00000"},{"v":0,"d":"0.00000"},{"v":0,"d":"0.00000"},{"v":0,"d":"0.00000"},{"v":0,"d":"0.00000"},{"v":0,"d":"0.00000"},{"$nulls":23},"16",null,"K","2",{"$nulls":3},"ROZPOCET",{"$nulls":5},{"v":0,"d":"0.00"},{"v":71.8,"d":"71.80"},{"v":0,"d":"0.00"},{"v":0,"d":"0.00"},{"v":0,"d":"0.00"},"2",{"v":71.8,"d":"71.80"},"16","96"]
[null,null,"49","M","551620019500","Pripojovacia manžeta HL200/1, pre WC VARIO, DN 110, otočné excentrické pripojenie (0 - 20  mm), PE","ks",{"v":5,"d":"5.000"},11.02,{"v":55.1,"d":"55.10"},null,null,"","znížená",{"v":0,"d":"0.00000"},{"v":0,"d":"0.00000"},{"v":0,"d":"0.00000"},{"v":0,"d":"0.00000"},{"v":0,"d":"0.00000"},{"v":0,"d":"0.00000"},{"$nulls":23},"32",null,"M","2",{"$nulls":3},"ROZPOCET",{"$nulls":5},{"v":0,"d":"0.00"},{"v":55.1,"d":"55.10"},{"v":0,"d":"0.00"},{"v":0,"d":"0.00"},{"v":0,"d":"0.00"},"2",{"v":55.1,"d":"55.10"},"16","98"]
[null,null,"50","K","725869371.S","Montáž zápachovej uzávierky pre zariaďovacie predmety, pisoárovej do D 50 mm","ks",{"v":2,"d":"2.000"},{"v":10.4,"d":"10.40"},{"v":20.8,"d":"20.80"},null,null,"","znížená",{"v":0,"d":"0.00000"},{"v":0,"d":"0.00000"},{"v":0,"d":"0.00000"},{"v":0,"d":"0.00000"},{"v":0,"d":"0.00000"},{"v":0,"d":"0.00000"},{"$nulls":23},"16",null,"K","2",{"$nulls":3},"ROZPOCET",{"$nulls":5},{"v":0,"d":"0.00"},{"v":20.8,"d":"20.80"},{"v":0,"d":"0.00"},{"v":0,"d":"0.00"},{"v":0,"d":"0.00"},"2",{"v":20.8,"d":"20.80"},"16","100"]
[null,null,"51","M","551620011000.S","Zápachová uzávierka - sifón pre pisoáre DN 50","ks",{"v":2,"d":"2.000"},33.52,67.04,null,null,"","znížená",{"v":0,"d":"0.00000"},{"v":0,"d":"0.00000"},{"v":0,"d":"0.00000"},{"v":0,"d":"0.00000"},{"v":0,"d":"0.00000"},{"v":0,"d":"0.00000"},{"$nulls":23},"32",null,"M","2",{"$nulls":3},"ROZPOCET",{"$nulls":5},{"v":0,"d":"0.00"},67.04,{"v":0,"d":"0.00"},{"v":0,"d":"0.00"},{"v":0,"d":"0.00"},"2",67.04,"16","102"]
[null,null,"52","K","998725201.S","Presun hmôt pre zariaďovacie predmety v objektoch výšky do 6 m","%",{"v":0,"d":"0.000"},{"v":0.3,"d":"0.30"},{"v":0,"d":"0.00"},null,null,"","znížená",{"v":0,"d":"0.00000"},{"v":0,"d":"0.00000"},{"v":0,"d":"0.00000"},{"v":0,"d":"0.00000"},{"v":0,"d":"0.00000"},{"v":0,"d":"0.00000"},{"$nulls":23},"16",null,"K","2",{"$nulls":3},"ROZPOCET",{"$nulls":5},{"v":0,"d":"0.00"},{"v":0,"d":"0.00"},{"v":0,"d":"0.00"},{"v":0,"d":"0.00"},{"v":0,"d":"0.00"},"2",{"v":0,"d":"0.00"},"16","104"]
[{"$nulls":3},"D","HZS","Hodinové zúčtovacie sadzby",{"$nulls":3},{"$f":"BK185","v":92.85},{"$nulls":5},{"$f":"P186","v":{"v":0,"d":"0.00000"}},null,{"$f":"R186","v":{"v":0,"d":"0.00000"}},null,{"$f":"T186","v":{"v":0,"d":"0.00000"}},{"$nulls":23},"4",null,"D","0",{"$nulls":3},"ROZPOCET",{"$nulls":11},{"$f":"BK186","v":92.85}]
[null,null,"53","K","HZS000111","Stavebno montážne práce menej náročne, pomocné alebo manupulačné (Tr 1) v rozsahu viac ako 8 hodín - nešpecifikované práce","hod",{"v":5,"d":"5.000"},18.57,{"$f":"ROUND(I186*H186,2)","v":92.85},null,null,"","znížená",{"v":0,"d":"0.00000"},{"$f":"O186*H186","v":{"v":0,"d":"0.00000"}},{"v":0,"d":"0.00000"},{"$f":"Q186*H186","v":{"v":0,"d":"0.00000"}},{"v":0,"d":"0.00000"},{"$f":"S186*H186","v":{"v":0,"d":"0.00000"}},{"$nulls":23},"262144",null,"K","1",{"$nulls":3},"ROZPOCET",{"$nulls":5},{"$f":"IF(N186=\"základná\",J186,0)","v":{"v":0,"d":"0.00"}},{"$f":"IF(N186=\"znížená\",J186,0)","v":92.85},{"$f":"IF(N186=\"zákl. prenesená\",J186,0)","v":{"v":0,"d":"0.00"}},{"$f":"IF(N186=\"zníž. prenesená\",J186,0)","v":{"v":0,"d":"0.00"}},{"$f":"IF(N186=\"nulová\",J186,0)","v":{"v":0,"d":"0.00"}},"2",{"$f":"ROUND(I186*H186,2)","v":92.85},"262144","106"]